{"text_format":"3","workbook":"xlsx","n_sheets":5,"sheets":["Rekapitulace stavby","01 - Stavební část","02 - Elektroinstalace","03 - Vedlejší a ostatní n...","Pokyny pro vyplnění"],"not_rendered":{"images":1,"defined_names":3},"read":"whole","date_system":"1900"}

{"sheet":"Rekapitulace stavby","index":0,"n_rows":57,"n_cols":91,"rows_kept":57,"merged":[[1,43,1,56],[4,10,4,40],[4,56,31,56],[5,10,5,40],[13,4,13,35],[22,4,22,39],[25,36,25,40],[27,11,27,15],[27,22,27,30],[27,36,27,40],[28,11,28,15],[28,22,28,30],[28,36,28,40],[29,11,29,15],[29,22,29,30],[29,36,29,40],[30,11,30,15],[30,22,30,30],[30,36,30,40],[31,11,31,15],[31,22,31,30],[31,36,31,40],[32,11,32,15],[32,22,32,30],[32,36,32,40],[34,23,34,27],[34,36,34,40],[44,11,44,40],[46,38,46,39],[48,38,48,41],[48,44,50,45],[49,38,49,41],[51,2,51,6],[51,8,51,31],[51,32,51,38],[51,39,51,41],[53,32,53,38],[53,39,53,41],[54,3,54,7],[54,9,54,31],[54,32,54,38],[54,39,54,41],[55,3,55,7],[55,9,55,31],[55,32,55,38],[55,39,55,41],[56,3,56,7],[56,9,56,31],[56,32,56,38],[56,39,56,41]]}
["Export Komplet",{"$nulls":50},"VZ","2.0","ZAMOK",{"$nulls":17},"False","False","{4d0deeef-c64b-41b3-8579-e9b04132b84d}"]
[{"$nulls":70},"0,01","21"]
[{"$nulls":70},"0,01","12"]
[{"$nulls":3},"REKAPITULACE STAVBY",{"$nulls":40},"v ---  níže se nacházejí doplnkové a pomocné údaje k sestavám  --- v",{"$nulls":11},"Návod na vyplnění",{"$nulls":13},"0,001"]
[{"$nulls":3},"Kód:",{"$nulls":6},"20240603",{"$nulls":45},"Měnit lze pouze buňky se žlutým podbarvením!\n\n1) v Rekapitulaci stavby vyplňte údaje o Účastníkovi (přenesou se do ostatních sestav i v jiných listech)\n\n2) na vybraných listech vyplňte v sestavě Soupis prací ceny u položek",{"$nulls":13},"0,01"]
[{"$nulls":3},"Stavba:",{"$nulls":6},"Standardizace konektivity Prvního českého gymnázia v Karlových Varech, p.o.",{"$nulls":59},"0,01"]
[{"$nulls":3},"KSO:",{"$nulls":6},"",{"$nulls":25},"CC-CZ:",null,null,"",{"$nulls":30},"0,01"]
[{"$nulls":3},"Místo:",{"$nulls":6},"Národní 445/25, 360 01 Karlovy Vary",{"$nulls":25},"Datum:",null,null,"2024-06-17",{"$nulls":30},"0,01"]
[{"$nulls":70},"0,01"]
[{"$nulls":3},"Zadavatel:",{"$nulls":32},"IČ:",null,null,"",{"$nulls":30},"0,01"]
[{"$nulls":4},"První české gymnázium v Karlových Varech, p.o.",{"$nulls":31},"DIČ:",null,null,"",{"$nulls":30},"0,01"]
[{"$nulls":70},"0,01"]
[{"$nulls":3},"Účastník:",{"$nulls":32},"IČ:",null,null,"04308697",{"$nulls":30},"0,01"]
[{"$nulls":4},"Aricoma System a.s.",{"$nulls":31},"DIČ:",null,null,"CZ04308697",{"$nulls":30},"0,01"]
[{"$nulls":70},"False"]
[{"$nulls":3},"Projektant:",{"$nulls":32},"IČ:",null,null,"",{"$nulls":30},"False"]
[{"$nulls":4}," ",{"$nulls":31},"DIČ:",null,null,"",{"$nulls":30},"True"]
[{"$nulls":70},"0,01"]
[{"$nulls":3},"Zpracovatel:",{"$nulls":32},"IČ:",null,null,"",{"$nulls":30},"0,01"]
[{"$nulls":4}," ",{"$nulls":31},"DIČ:",null,null,"",{"$nulls":30},"True"]
[]
[{"$nulls":3},"Poznámka:"]
[{"$nulls":4},"Soupis prací je sestaven s využitím Cenové soustavy ÚRS. Položky, které pochází z této cenové soustavy, jsou ve sloupci 'Cenová soustava' označeny popisem 'CS ÚRS' a úrovní příslušného kalendářního pololetí. Veškeré další informace vymezující popis a podmínky použití těchto položek z Cenové soustavy, které nejsou uvedeny přímo v soupisu prací, jsou neomezeně dálkově k dispozici na webu podminky.urs.cz."]
[]
[]
[{"$nulls":3},"Cena bez DPH",{"$nulls":32},{"$f":"ROUND(AG54,2)","v":{"v":9336976.81,"d":"9,336,976.81"}}]
[]
[{"$nulls":11},"Sazba daně",{"$nulls":10},"Základ daně",{"$nulls":13},"Výše daně"]
[{"$nulls":3},"DPH",null,"základní",{"$nulls":5},{"v":0.21,"d":"21.00%"},{"$nulls":10},{"$f":"ROUND(AZ54,2)","v":{"v":9336976.81,"d":"9,336,976.81"}},{"$nulls":13},{"$f":"ROUND(AV54,2)","v":{"v":1960765.13,"d":"1,960,765.13"}}]
[{"$nulls":5},"snížená",{"$nulls":5},{"v":0.12,"d":"12.00%"},{"$nulls":10},{"$f":"ROUND(BA54,2)","v":{"v":0,"d":"0.00"}},{"$nulls":13},{"$f":"ROUND(AW54,2)","v":{"v":0,"d":"0.00"}}]
[{"$nulls":5},"zákl. přenesená",{"$nulls":5},{"v":0.21,"d":"21.00%"},{"$nulls":10},{"$f":"ROUND(BB54,2)","v":{"v":0,"d":"0.00"}},{"$nulls":13},{"v":0,"d":"0.00"}]
[{"$nulls":5},"sníž. přenesená",{"$nulls":5},{"v":0.12,"d":"12.00%"},{"$nulls":10},{"$f":"ROUND(BC54,2)","v":{"v":0,"d":"0.00"}},{"$nulls":13},{"v":0,"d":"0.00"}]
[{"$nulls":5},"nulová",{"$nulls":5},{"v":0,"d":"0.00%"},{"$nulls":10},{"$f":"ROUND(BD54,2)","v":{"v":0,"d":"0.00"}},{"$nulls":13},{"v":0,"d":"0.00"}]
[]
[{"$nulls":3},"Cena s DPH",{"$nulls":15},"v",{"$nulls":3},"CZK",{"$nulls":12},{"$f":"SUM(AK26:AK33)","v":{"v":11297741.940000001,"d":"11,297,741.94"}}]
[]
[]
[]
[]
[]
[]
[null,null,"REKAPITULACE OBJEKTŮ STAVBY A SOUPISŮ PRACÍ"]
[]
[null,null,"Kód:",{"$nulls":8},{"$f":"K5","v":"20240603"}]
[null,null,"Stavba:",{"$nulls":8},"Standardizace konektivity Prvního českého gymnázia v Karlových Varech, p.o."]
[]
[null,null,"Místo:",{"$nulls":8},{"$f":"IF(K8=\"\",\"\",K8)","v":"Národní 445/25, 360 01 Karlovy Vary"},{"$nulls":22},"Datum:",{"$nulls":3},{"$f":"IF(AN8= \"\",\"\",AN8)","v":"2024-06-17"}]
[]
[null,null,"Zadavatel:",{"$nulls":8},{"$f":"IF(E11= \"\",\"\",E11)","v":"První české gymnázium v Karlových Varech, p.o."},{"$nulls":22},"Projektant:",{"$nulls":3},{"$f":"IF(E17=\"\",\"\",E17)","v":" "},{"$nulls":5},"Informatívní údaje z listů zakázek"]
[null,null,"Účastník:",{"$nulls":8},{"$f":"IF(E14= \"Vyplň údaj\",\"\",E14)","v":"Aricoma System a.s."},{"$nulls":22},"Zpracovatel:",{"$nulls":3},{"$f":"IF(E20=\"\",\"\",E20)","v":" "}]
[]
[null,null,"Kód",{"$nulls":5},"Popis",{"$nulls":23},"Cena bez DPH [CZK]",{"$nulls":6},"Cena s DPH [CZK]",null,null,"Typ",null,"z toho Ostat.\nnáklady [CZK]","DPH [CZK]","Normohodiny [h]","DPH základní [CZK]","DPH snížená [CZK]","DPH základní přenesená\n[CZK]","DPH snížená přenesená\n[CZK]","Základna\nDPH základní","Základna\nDPH snížená","Základna\nDPH zákl. přenesená","Základna\nDPH sníž. přenesená","Základna\nDPH nulová"]
[]
[null,null,"Náklady stavby celkem",{"$nulls":29},{"$f":"ROUND(SUM(AG55:AG57),2)","v":{"v":9336976.81,"d":"9,336,976.81"}},{"$nulls":6},{"$f":"SUM(AG54,AT54)","v":{"v":11297741.940000001,"d":"11,297,741.94"}},null,null,"",null,{"$f":"ROUND(SUM(AS55:AS57),2)","v":{"v":0,"d":"0.00"}},{"$f":"ROUND(SUM(AV54:AW54),2)","v":{"v":1960765.13,"d":"1,960,765.13"}},{"$f":"ROUND(SUM(AU55:AU57),5)","v":{"v":0,"d":"0.00000"}},{"$f":"ROUND(AZ54*L29,2)","v":{"v":1960765.13,"d":"1,960,765.13"}},{"$f":"ROUND(BA54*L30,2)","v":{"v":0,"d":"0.00"}},{"$f":"ROUND(BB54*L29,2)","v":{"v":0,"d":"0.00"}},{"$f":"ROUND(BC54*L30,2)","v":{"v":0,"d":"0.00"}},{"$f":"ROUND(SUM(AZ55:AZ57),2)","v":{"v":9336976.81,"d":"9,336,976.81"}},{"v":0,"d":"0.00"},{"v":0,"d":"0.00"},{"v":0,"d":"0.00"},{"v":0,"d":"0.00"},{"$nulls":14},"D","0","###NOIMPORT###","IMPORT","{4d0deeef-c64b-41b3-8579-e9b04132b84d}","{00000000-0000-0000-0000-000000000000}",{"$nulls":13},""]
["/",null,null,"01",{"$nulls":5},"Stavební část",{"$nulls":22},{"$f":"'01 - Stavební část'!J30","v":{"v":101569.08,"d":"101,569.08"}},{"$nulls":6},{"v":122898.59,"d":"122,898.59"},null,null,"STA",null,{"v":0,"d":"0.00"},{"v":21329.51,"d":"21,329.51"},{"$f":"'01 - Stavební část'!P88","v":{"v":0,"d":"0.00000"}},{"$f":"'01 - Stavební část'!J33","v":{"v":21329.51,"d":"21,329.51"}},{"$f":"'01 - Stavební část'!J34","v":{"v":0,"d":"0.00"}},{"$f":"'01 - Stavební část'!J35","v":{"v":0,"d":"0.00"}},{"$f":"'01 - Stavební část'!J36","v":{"v":0,"d":"0.00"}},{"$f":"'01 - Stavební část'!F33","v":{"v":101569.08,"d":"101,569.08"}},{"$f":"'01 - Stavební část'!F34","v":{"v":0,"d":"0.00"}},{"$f":"'01 - Stavební část'!F35","v":{"v":0,"d":"0.00"}},{"$f":"'01 - Stavební část'!F36","v":{"v":0,"d":"0.00"}},{"$f":"'01 - Stavební část'!F37","v":{"v":0,"d":"0.00"}},{"$nulls":15},"1",null,"IMPORT","{63006e51-60c4-4976-912e-0cfc90924fcc}","{4d0deeef-c64b-41b3-8579-e9b04132b84d}",{"$nulls":13},"","2"]
["/",null,null,"02",{"$nulls":5},"Elektroinstalace",{"$nulls":22},{"$f":"'02 - Elektroinstalace'!J30","v":{"v":9190962.73,"d":"9,190,962.73"}},{"$nulls":6},{"v":11121064.9,"d":"11,121,064.90"},null,null,"STA",null,{"v":0,"d":"0.00"},{"v":1930102.17,"d":"1,930,102.17"},{"$f":"'02 - Elektroinstalace'!P86","v":{"v":0,"d":"0.00000"}},{"$f":"'02 - Elektroinstalace'!J33","v":{"v":1930102.17,"d":"1,930,102.17"}},{"$f":"'02 - Elektroinstalace'!J34","v":{"v":0,"d":"0.00"}},{"$f":"'02 - Elektroinstalace'!J35","v":{"v":0,"d":"0.00"}},{"$f":"'02 - Elektroinstalace'!J36","v":{"v":0,"d":"0.00"}},{"$f":"'02 - Elektroinstalace'!F33","v":{"v":9190962.73,"d":"9,190,962.73"}},{"$f":"'02 - Elektroinstalace'!F34","v":{"v":0,"d":"0.00"}},{"$f":"'02 - Elektroinstalace'!F35","v":{"v":0,"d":"0.00"}},{"$f":"'02 - Elektroinstalace'!F36","v":{"v":0,"d":"0.00"}},{"$f":"'02 - Elektroinstalace'!F37","v":{"v":0,"d":"0.00"}},{"$nulls":15},"1",null,"IMPORT","{3fa9e6fe-21da-4167-b530-d82a4e931e7c}","{4d0deeef-c64b-41b3-8579-e9b04132b84d}",{"$nulls":13},"","2"]
["/",null,null,"03",{"$nulls":5},"Vedlejší a ostatní náklady",{"$nulls":22},{"$f":"'03 - Vedlejší a ostatní n...'!J30","v":{"v":44445,"d":"44,445.00"}},{"$nulls":6},{"v":53778.45,"d":"53,778.45"},null,null,"STA",null,{"v":0,"d":"0.00"},{"v":9333.45,"d":"9,333.45"},{"$f":"'03 - Vedlejší a ostatní n...'!P84","v":{"v":0,"d":"0.00000"}},{"$f":"'03 - Vedlejší a ostatní n...'!J33","v":{"v":9333.45,"d":"9,333.45"}},{"$f":"'03 - Vedlejší a ostatní n...'!J34","v":{"v":0,"d":"0.00"}},{"$f":"'03 - Vedlejší a ostatní n...'!J35","v":{"v":0,"d":"0.00"}},{"$f":"'03 - Vedlejší a ostatní n...'!J36","v":{"v":0,"d":"0.00"}},{"$f":"'03 - Vedlejší a ostatní n...'!F33","v":{"v":44445,"d":"44,445.00"}},{"$f":"'03 - Vedlejší a ostatní n...'!F34","v":{"v":0,"d":"0.00"}},{"$f":"'03 - Vedlejší a ostatní n...'!F35","v":{"v":0,"d":"0.00"}},{"$f":"'03 - Vedlejší a ostatní n...'!F36","v":{"v":0,"d":"0.00"}},{"$f":"'03 - Vedlejší a ostatní n...'!F37","v":{"v":0,"d":"0.00"}},{"$nulls":15},"1",null,"IMPORT","{a023f422-6c91-4e09-9230-b79d164da607}","{4d0deeef-c64b-41b3-8579-e9b04132b84d}",{"$nulls":13},"","2"]

{"sheet":"01 - Stavební část","index":1,"n_rows":173,"n_cols":65,"rows_kept":173,"merged":[[1,11,1,21],[6,4,6,7],[8,4,8,7],[17,4,17,7],[26,4,26,7],[47,4,47,7],[49,4,49,7],[77,4,77,7],[79,4,79,7]]}
[]
[{"$nulls":45},"{63006e51-60c4-4976-912e-0cfc90924fcc}"]
[{"$nulls":45},"2"]
[{"$nulls":3},"KRYCÍ LIST SOUPISU PRACÍ",{"$nulls":8},"v ---  níže se nacházejí doplnkové a pomocné údaje k sestavám  --- v",{"$nulls":32},"False"]
[]
[{"$nulls":3},"Stavba:"]
[{"$nulls":4},{"$f":"'Rekapitulace stavby'!K6","v":"Standardizace konektivity Prvního českého gymnázia v Karlových Varech, p.o."}]
[{"$nulls":3},"Objekt:"]
[{"$nulls":4},"01 - Stavební část"]
[]
[{"$nulls":3},"KSO:",null,"",null,null,"CC-CZ:",""]
[{"$nulls":3},"Místo:",null,"Národní 445/25, 360 01 Karlovy Vary",null,null,"Datum:",{"$f":"'Rekapitulace stavby'!AN8","v":"2024-06-17"}]
[]
[{"$nulls":3},"Zadavatel:",{"$nulls":4},"IČ:",""]
[{"$nulls":4},"První české gymnázium v Karlových Varech, p.o.",{"$nulls":3},"DIČ:",""]
[]
[{"$nulls":3},"Účastník:",{"$nulls":4},"IČ:",{"$f":"'Rekapitulace stavby'!AN13","v":"04308697"}]
[{"$nulls":4},{"$f":"'Rekapitulace stavby'!E14","v":"Aricoma System a.s."},{"$nulls":3},"DIČ:",{"$f":"'Rekapitulace stavby'!AN14","v":"CZ04308697"}]
[]
[{"$nulls":3},"Projektant:",{"$nulls":4},"IČ:",{"$f":"IF('Rekapitulace stavby'!AN16=\"\",\"\",'Rekapitulace stavby'!AN16)","v":""}]
[{"$nulls":4},{"$f":"IF('Rekapitulace stavby'!E17=\"\",\"\",'Rekapitulace stavby'!E17)","v":" "},{"$nulls":3},"DIČ:",{"$f":"IF('Rekapitulace stavby'!AN17=\"\",\"\",'Rekapitulace stavby'!AN17)","v":""}]
[]
[{"$nulls":3},"Zpracovatel:",{"$nulls":4},"IČ:",{"$f":"IF('Rekapitulace stavby'!AN19=\"\",\"\",'Rekapitulace stavby'!AN19)","v":""}]
[{"$nulls":4},{"$f":"IF('Rekapitulace stavby'!E20=\"\",\"\",'Rekapitulace stavby'!E20)","v":" "},{"$nulls":3},"DIČ:",{"$f":"IF('Rekapitulace stavby'!AN20=\"\",\"\",'Rekapitulace stavby'!AN20)","v":""}]
[]
[{"$nulls":3},"Poznámka:"]
[{"$nulls":4},""]
[]
[]
[{"$nulls":3},"Cena bez DPH",{"$nulls":5},{"$f":"ROUND(J88, 2)","v":{"v":101569.08,"d":"101,569.08"}}]
[]
[{"$nulls":5},"Základ daně",null,null,"Sazba daně","Výše daně"]
[{"$nulls":3},"DPH","základní",{"$f":"ROUND((SUM(BE88:BE173)),  2)","v":{"v":101569.08,"d":"101,569.08"}},null,null,{"v":0.21,"d":"21.00%"},{"$f":"ROUND(((SUM(BE88:BE173))*I33),  2)","v":{"v":21329.51,"d":"21,329.51"}}]
[{"$nulls":4},"snížená",{"$f":"ROUND((SUM(BF88:BF173)),  2)","v":{"v":0,"d":"0.00"}},null,null,{"v":0.12,"d":"12.00%"},{"$f":"ROUND(((SUM(BF88:BF173))*I34),  2)","v":{"v":0,"d":"0.00"}}]
[{"$nulls":4},"zákl. přenesená",{"$f":"ROUND((SUM(BG88:BG173)),  2)","v":{"v":0,"d":"0.00"}},null,null,{"v":0.21,"d":"21.00%"},{"$f":"0","v":{"v":0,"d":"0.00"}}]
[{"$nulls":4},"sníž. přenesená",{"$f":"ROUND((SUM(BH88:BH173)),  2)","v":{"v":0,"d":"0.00"}},null,null,{"v":0.12,"d":"12.00%"},{"v":0,"d":"0.00"}]
[{"$nulls":4},"nulová",{"$f":"ROUND((SUM(BI88:BI173)),  2)","v":{"v":0,"d":"0.00"}},null,null,{"v":0,"d":"0.00%"},{"v":0,"d":"0.00"}]
[]
[{"$nulls":3},"Cena s DPH",null,null,"v","CZK",null,{"$f":"SUM(J30:J37)","v":{"v":122898.59,"d":"122,898.59"}}]
[]
[]
[]
[]
[]
[null,null,"REKAPITULACE ČLENĚNÍ SOUPISU PRACÍ"]
[]
[null,null,"Stavba:"]
[{"$nulls":4},{"$f":"E7","v":"Standardizace konektivity Prvního českého gymnázia v Karlových Varech, p.o."}]
[null,null,"Objekt:"]
[{"$nulls":4},{"$f":"E9","v":"01 - Stavební část"}]
[]
[null,null,"Místo:",null,null,{"$f":"F12","v":"Národní 445/25, 360 01 Karlovy Vary"},null,null,"Datum:",{"$f":"IF(J12=\"\",\"\",J12)","v":"2024-06-17"}]
[]
[null,null,"Zadavatel:",null,null,{"$f":"E15","v":"První české gymnázium v Karlových Varech, p.o."},null,null,"Projektant:",{"$f":"E21","v":" "}]
[null,null,"Účastník:",null,null,{"$f":"IF(E18=\"\",\"\",E18)","v":"Aricoma System a.s."},null,null,"Zpracovatel:",{"$f":"E24","v":" "}]
[]
[null,null,"Kód dílu - Popis",{"$nulls":6},"Cena celkem [CZK]"]
[]
[null,null,"Náklady stavby celkem",{"$nulls":6},{"$f":"J88","v":{"v":101569.08,"d":"101,569.08"}},{"$nulls":36},"-1"]
[{"$nulls":3},"HSV - Práce a dodávky HSV",{"$nulls":5},{"v":59208.869999999995,"d":"59,208.87"}]
[{"$nulls":3},"    6 - Úpravy povrchů, podlahy a osazování výplní",{"$nulls":5},{"v":36322,"d":"36,322.00"}]
[{"$nulls":3},"    9 - Ostatní konstrukce a práce, bourání",{"$nulls":5},{"$f":"J104","v":{"v":20664.54,"d":"20,664.54"}}]
[{"$nulls":3},"    997 - Přesun sutě",{"$nulls":5},{"$f":"J119","v":314.27}]
[{"$nulls":3},"    998 - Přesun hmot",{"$nulls":5},{"$f":"J133","v":{"v":1908.06,"d":"1,908.06"}}]
[{"$nulls":3},"PSV - Práce a dodávky PSV",{"$nulls":5},{"$f":"J137","v":{"v":42360.21000000001,"d":"42,360.21"}}]
[{"$nulls":3},"    741 - Elektroinstalace - silnoproud",{"$nulls":5},{"v":17662.31,"d":"17,662.31"}]
[{"$nulls":3},"    776 - Podlahy povlakové",{"$nulls":5},{"$f":"J153","v":{"v":937.9000000000001,"d":"937.90"}}]
[{"$nulls":3},"    784 - Dokončovací práce - malby a tapety",{"$nulls":5},{"$f":"J165","v":{"v":23760,"d":"23,760.00"}}]
[]
[]
[]
[]
[]
[]
[null,null,"SOUPIS PRACÍ"]
[]
[null,null,"Stavba:"]
[{"$nulls":4},{"$f":"E7","v":"Standardizace konektivity Prvního českého gymnázia v Karlových Varech, p.o."}]
[null,null,"Objekt:"]
[{"$nulls":4},{"$f":"E9","v":"01 - Stavební část"}]
[]
[null,null,"Místo:",null,null,{"$f":"F12","v":"Národní 445/25, 360 01 Karlovy Vary"},null,null,"Datum:",{"$f":"IF(J12=\"\",\"\",J12)","v":"2024-06-17"}]
[]
[null,null,"Zadavatel:",null,null,{"$f":"E15","v":"První české gymnázium v Karlových Varech, p.o."},null,null,"Projektant:",{"$f":"E21","v":" "}]
[null,null,"Účastník:",null,null,{"$f":"IF(E18=\"\",\"\",E18)","v":"Aricoma System a.s."},null,null,"Zpracovatel:",{"$f":"E24","v":" "}]
[]
[null,null,"PČ","Typ","Kód","Popis","MJ","Množství","J.cena [CZK]","Cena celkem [CZK]","Cenová soustava",null,"","DPH","J. Nh [h]","Nh celkem [h]","J. hmotnost [t]","Hmotnost celkem [t]","J. suť [t]","Suť Celkem [t]"]
[null,null,"Náklady soupisu celkem",{"$nulls":6},{"$f":"BK88","v":{"v":101569.08,"d":"101,569.08"}},{"$nulls":5},{"$f":"P89+P137","v":{"v":0,"d":"0.00000"}},null,{"$f":"R89+R137","v":{"v":0.896306,"d":"0.89631"}},null,{"$f":"T89+T137","v":{"v":0.051198,"d":"0.05120"}},{"$nulls":25},"D","-1",{"$nulls":15},{"$f":"BK89+BK137","v":{"v":101569.08,"d":"101,569.08"}}]
[{"$nulls":3},"D","HSV","Práce a dodávky HSV",{"$nulls":3},{"v":59208.869999999995,"d":"59,208.87"},{"$nulls":5},{"$f":"P90+P104+P119+P133","v":{"v":0,"d":"0.00000"}},null,{"$f":"R90+R104+R119+R133","v":{"v":0.7867460000000001,"d":"0.78675"}},null,{"$f":"T90+T104+T119+T133","v":{"v":0.042198,"d":"0.04220"}},{"$nulls":23},"1",null,"D","0",{"$nulls":3},"ROZPOCET",{"$nulls":11},{"$f":"BK90+BK104+BK119+BK133","v":{"v":59208.869999999995,"d":"59,208.87"}}]
[{"$nulls":3},"D","6","Úpravy povrchů, podlahy a osazování výplní",{"$nulls":3},{"v":36322,"d":"36,322.00"},{"$nulls":5},{"$f":"SUM(P91:P103)","v":{"v":0,"d":"0.00000"}},null,{"$f":"SUM(R91:R103)","v":0.75192},null,{"$f":"SUM(T91:T103)","v":{"v":7.8000000000000005E-3,"d":"0.00780"}},{"$nulls":23},"1",null,"D","1",{"$nulls":3},"ROZPOCET",{"$nulls":11},{"$f":"SUM(BK91:BK103)","v":{"v":36322,"d":"36,322.00"}}]
[null,null,"1","K","611325221","Vápenocementová štuková omítka malých ploch do 0,09 m2 na stropech","kus",{"v":6,"d":"6.000"},{"v":233,"d":"233.00"},{"$f":"ROUND(I91*H91,2)","v":{"v":1398,"d":"1,398.00"}},"CS ÚRS 2024 01",null,"","základní",null,{"$f":"O91*H91","v":{"v":0,"d":"0.00000"}},{"v":0.0037,"d":"0.00370"},{"$f":"Q91*H91","v":{"v":0.0222,"d":"0.02220"}},{"v":0,"d":"0.00000"},{"$f":"S91*H91","v":{"v":0,"d":"0.00000"}},{"$nulls":23},"4",null,"K","2",{"$nulls":3},"ROZPOCET",{"$nulls":5},{"$f":"IF(N91=\"základní\",J91,0)","v":{"v":1398,"d":"1,398.00"}},{"$f":"IF(N91=\"snížená\",J91,0)","v":{"v":0,"d":"0.00"}},{"$f":"IF(N91=\"zákl. přenesená\",J91,0)","v":{"v":0,"d":"0.00"}},{"$f":"IF(N91=\"sníž. přenesená\",J91,0)","v":{"v":0,"d":"0.00"}},{"$f":"IF(N91=\"nulová\",J91,0)","v":{"v":0,"d":"0.00"}},"1",{"$f":"ROUND(I91*H91,2)","v":{"v":1398,"d":"1,398.00"}},"4","1602746485"]
[{"$nulls":3},"PP",null,"Vápenocementová omítka jednotlivých malých ploch štuková na stropech, plochy jednotlivě do 0,09 m2",{"$nulls":39},"PP","2"]
[{"$nulls":3},"Online PSC",null,"https://podminky.urs.cz/item/CS_URS_2024_01/611325221",{"$nulls":39},"Online PSC","2"]
[{"$nulls":3},"VV","","zednické začištění kabelových prostupů stropem",null,"",{"$nulls":37},"VV","2","1","True","0","ROZPOCET"]
[{"$nulls":3},"VV","","6",null,{"v":6,"d":"6.000"},{"$nulls":37},"VV","2","2","True","1","ROZPOCET"]
[null,null,"2","K","612325221","Vápenocementová štuková omítka malých ploch do 0,09 m2 na stěnách","kus",{"v":192,"d":"192.000"},{"v":167,"d":"167.00"},{"$f":"ROUND(I96*H96,2)","v":{"v":32064,"d":"32,064.00"}},"CS ÚRS 2024 01",null,"","základní",null,{"$f":"O96*H96","v":{"v":0,"d":"0.00000"}},0.00376,{"$f":"Q96*H96","v":0.72192},{"v":0,"d":"0.00000"},{"$f":"S96*H96","v":{"v":0,"d":"0.00000"}},{"$nulls":23},"4",null,"K","2",{"$nulls":3},"ROZPOCET",{"$nulls":5},{"$f":"IF(N96=\"základní\",J96,0)","v":{"v":32064,"d":"32,064.00"}},{"$f":"IF(N96=\"snížená\",J96,0)","v":{"v":0,"d":"0.00"}},{"$f":"IF(N96=\"zákl. přenesená\",J96,0)","v":{"v":0,"d":"0.00"}},{"$f":"IF(N96=\"sníž. přenesená\",J96,0)","v":{"v":0,"d":"0.00"}},{"$f":"IF(N96=\"nulová\",J96,0)","v":{"v":0,"d":"0.00"}},"1",{"$f":"ROUND(I96*H96,2)","v":{"v":32064,"d":"32,064.00"}},"4","2105980311"]
[{"$nulls":3},"PP",null,"Vápenocementová omítka jednotlivých malých ploch štuková na stěnách, plochy jednotlivě do 0,09 m2",{"$nulls":39},"PP","2"]
[{"$nulls":3},"Online PSC",null,"https://podminky.urs.cz/item/CS_URS_2024_01/612325221",{"$nulls":39},"Online PSC","2"]
[{"$nulls":3},"VV","","zednické začištění kabelových prostupů stěnou",null,"",{"$nulls":37},"VV","2","1","True","0","ROZPOCET"]
[{"$nulls":3},"VV","","96*2",null,{"v":192,"d":"192.000"},{"$nulls":37},"VV","2","2","True","1","ROZPOCET"]
[null,null,"3","K","619991001","Zakrytí podlahy fólií","m2",{"v":130,"d":"130.000"},{"v":22,"d":"22.00"},{"$f":"ROUND(I101*H101,2)","v":{"v":2860,"d":"2,860.00"}},"CS ÚRS 2024 01",null,"","základní",null,{"$f":"O101*H101","v":{"v":0,"d":"0.00000"}},{"v":6e-05,"d":"0.00006"},{"$f":"Q101*H101","v":{"v":7.8000000000000005E-3,"d":"0.00780"}},{"v":6e-05,"d":"0.00006"},{"$f":"S101*H101","v":{"v":7.8000000000000005E-3,"d":"0.00780"}},{"$nulls":23},"4",null,"K","2",{"$nulls":3},"ROZPOCET",{"$nulls":5},{"$f":"IF(N101=\"základní\",J101,0)","v":{"v":2860,"d":"2,860.00"}},{"$f":"IF(N101=\"snížená\",J101,0)","v":{"v":0,"d":"0.00"}},{"$f":"IF(N101=\"zákl. přenesená\",J101,0)","v":{"v":0,"d":"0.00"}},{"$f":"IF(N101=\"sníž. přenesená\",J101,0)","v":{"v":0,"d":"0.00"}},{"$f":"IF(N101=\"nulová\",J101,0)","v":{"v":0,"d":"0.00"}},"1",{"$f":"ROUND(I101*H101,2)","v":{"v":2860,"d":"2,860.00"}},"4","1544202913"]
[{"$nulls":3},"PP",null,"Zakrytí vnitřních ploch před znečištěním fólií včetně pozdějšího odkrytí podlah",{"$nulls":39},"PP","2"]
[{"$nulls":3},"Online PSC",null,"https://podminky.urs.cz/item/CS_URS_2024_01/619991001",{"$nulls":39},"Online PSC","2"]
[{"$nulls":3},"D","9","Ostatní konstrukce a práce, bourání",{"$nulls":3},{"$f":"BK104","v":{"v":20664.54,"d":"20,664.54"}},{"$nulls":5},{"$f":"SUM(P105:P118)","v":{"v":0,"d":"0.00000"}},null,{"$f":"SUM(R105:R118)","v":{"v":0.034825999999999996,"d":"0.03483"}},null,{"$f":"SUM(T105:T118)","v":{"v":0.034398,"d":"0.03440"}},{"$nulls":23},"1",null,"D","1",{"$nulls":3},"ROZPOCET",{"$nulls":11},{"$f":"SUM(BK105:BK118)","v":{"v":20664.54,"d":"20,664.54"}}]
[null,null,"4","K","949101111","Lešení pomocné pro objekty pozemních staveb s lešeňovou podlahou v do 1,9 m zatížení do 150 kg/m2","m2",{"v":130,"d":"130.000"},{"v":56,"d":"56.00"},{"$f":"ROUND(I105*H105,2)","v":{"v":7280,"d":"7,280.00"}},"CS ÚRS 2024 01",null,"","základní",null,{"$f":"O105*H105","v":{"v":0,"d":"0.00000"}},0.00013,{"$f":"Q105*H105","v":{"v":0.0169,"d":"0.01690"}},{"v":0,"d":"0.00000"},{"$f":"S105*H105","v":{"v":0,"d":"0.00000"}},{"$nulls":23},"16",null,"K","2",{"$nulls":3},"ROZPOCET",{"$nulls":5},{"$f":"IF(N105=\"základní\",J105,0)","v":{"v":7280,"d":"7,280.00"}},{"$f":"IF(N105=\"snížená\",J105,0)","v":{"v":0,"d":"0.00"}},{"$f":"IF(N105=\"zákl. přenesená\",J105,0)","v":{"v":0,"d":"0.00"}},{"$f":"IF(N105=\"sníž. přenesená\",J105,0)","v":{"v":0,"d":"0.00"}},{"$f":"IF(N105=\"nulová\",J105,0)","v":{"v":0,"d":"0.00"}},"1",{"$f":"ROUND(I105*H105,2)","v":{"v":7280,"d":"7,280.00"}},"16","-832057510"]
[{"$nulls":3},"PP",null,"Lešení pomocné pracovní pro objekty pozemních staveb pro zatížení do 150 kg/m2, o výšce lešeňové podlahy do 1,9 m",{"$nulls":39},"PP","2"]
[{"$nulls":3},"Online PSC",null,"https://podminky.urs.cz/item/CS_URS_2024_01/949101111",{"$nulls":39},"Online PSC","2"]
[null,null,"5","K","952901111","Vyčištění budov bytové a občanské výstavby při výšce podlaží do 4 m","m2",{"v":130,"d":"130.000"},{"v":61,"d":"61.00"},{"$f":"ROUND(I108*H108,2)","v":{"v":7930,"d":"7,930.00"}},"CS ÚRS 2024 01",null,"","základní",null,{"$f":"O108*H108","v":{"v":0,"d":"0.00000"}},{"v":4e-05,"d":"0.00004"},{"$f":"Q108*H108","v":{"v":0.005200000000000001,"d":"0.00520"}},{"v":0,"d":"0.00000"},{"$f":"S108*H108","v":{"v":0,"d":"0.00000"}},{"$nulls":23},"4",null,"K","2",{"$nulls":3},"ROZPOCET",{"$nulls":5},{"$f":"IF(N108=\"základní\",J108,0)","v":{"v":7930,"d":"7,930.00"}},{"$f":"IF(N108=\"snížená\",J108,0)","v":{"v":0,"d":"0.00"}},{"$f":"IF(N108=\"zákl. přenesená\",J108,0)","v":{"v":0,"d":"0.00"}},{"$f":"IF(N108=\"sníž. přenesená\",J108,0)","v":{"v":0,"d":"0.00"}},{"$f":"IF(N108=\"nulová\",J108,0)","v":{"v":0,"d":"0.00"}},"1",{"$f":"ROUND(I108*H108,2)","v":{"v":7930,"d":"7,930.00"}},"4","-1443270051"]
[{"$nulls":3},"PP",null,"Vyčištění budov nebo objektů před předáním do užívání budov bytové nebo občanské výstavby, světlé výšky podlaží do 4 m",{"$nulls":39},"PP","2"]
[{"$nulls":3},"Online PSC",null,"https://podminky.urs.cz/item/CS_URS_2024_01/952901111",{"$nulls":39},"Online PSC","2"]
[null,null,"6","K","977151111","Jádrové vrty diamantovými korunkami do stavebních materiálů D do 35 mm","m",{"v":14.4,"d":"14.400"},{"v":333,"d":"333.00"},{"$f":"ROUND(I111*H111,2)","v":{"v":4795.2,"d":"4,795.20"}},"CS ÚRS 2024 01",null,"","základní",null,{"$f":"O111*H111","v":{"v":0,"d":"0.00000"}},0.00076,{"$f":"Q111*H111","v":{"v":0.010944,"d":"0.01094"}},{"v":0.0021,"d":"0.00210"},{"$f":"S111*H111","v":0.03024},{"$nulls":23},"4",null,"K","2",{"$nulls":3},"ROZPOCET",{"$nulls":5},{"$f":"IF(N111=\"základní\",J111,0)","v":{"v":4795.2,"d":"4,795.20"}},{"$f":"IF(N111=\"snížená\",J111,0)","v":{"v":0,"d":"0.00"}},{"$f":"IF(N111=\"zákl. přenesená\",J111,0)","v":{"v":0,"d":"0.00"}},{"$f":"IF(N111=\"sníž. přenesená\",J111,0)","v":{"v":0,"d":"0.00"}},{"$f":"IF(N111=\"nulová\",J111,0)","v":{"v":0,"d":"0.00"}},"1",{"$f":"ROUND(I111*H111,2)","v":{"v":4795.2,"d":"4,795.20"}},"4","1379326417"]
[{"$nulls":3},"PP",null,"Jádrové vrty diamantovými korunkami do stavebních materiálů (železobetonu, betonu, cihel, obkladů, dlažeb, kamene) průměru do 35 mm",{"$nulls":39},"PP","2"]
[{"$nulls":3},"Online PSC",null,"https://podminky.urs.cz/item/CS_URS_2024_01/977151111",{"$nulls":39},"Online PSC","2"]
[{"$nulls":3},"VV","","96*0,15",null,{"v":14.4,"d":"14.400"},{"$nulls":37},"VV","2","2","True","1","ROZPOCET"]
[null,null,"7","K","977151211","Jádrové vrty dovrchní diamantovými korunkami do stavebních materiálů D do 35 mm","m",{"v":1.98,"d":"1.980"},{"v":333,"d":"333.00"},{"$f":"ROUND(I115*H115,2)","v":659.34},"CS ÚRS 2024 01",null,"","základní",null,{"$f":"O115*H115","v":{"v":0,"d":"0.00000"}},{"v":0.0009,"d":"0.00090"},{"$f":"Q115*H115","v":{"v":0.001782,"d":"0.00178"}},{"v":0.0021,"d":"0.00210"},{"$f":"S115*H115","v":{"v":0.004157999999999999,"d":"0.00416"}},{"$nulls":23},"4",null,"K","2",{"$nulls":3},"ROZPOCET",{"$nulls":5},{"$f":"IF(N115=\"základní\",J115,0)","v":659.34},{"$f":"IF(N115=\"snížená\",J115,0)","v":{"v":0,"d":"0.00"}},{"$f":"IF(N115=\"zákl. přenesená\",J115,0)","v":{"v":0,"d":"0.00"}},{"$f":"IF(N115=\"sníž. přenesená\",J115,0)","v":{"v":0,"d":"0.00"}},{"$f":"IF(N115=\"nulová\",J115,0)","v":{"v":0,"d":"0.00"}},"1",{"$f":"ROUND(I115*H115,2)","v":659.34},"4","784501671"]
[{"$nulls":3},"PP",null,"Jádrové vrty diamantovými korunkami do stavebních materiálů (železobetonu, betonu, cihel, obkladů, dlažeb, kamene) dovrchní (směrem vzhůru), průměru do 35 mm",{"$nulls":39},"PP","2"]
[{"$nulls":3},"Online PSC",null,"https://podminky.urs.cz/item/CS_URS_2024_01/977151211",{"$nulls":39},"Online PSC","2"]
[{"$nulls":3},"VV","","6*0,33",null,{"v":1.98,"d":"1.980"},{"$nulls":37},"VV","2","2","True","1","ROZPOCET"]
[{"$nulls":3},"D","997","Přesun sutě",{"$nulls":3},{"$f":"BK119","v":314.27},{"$nulls":5},{"$f":"SUM(P120:P132)","v":{"v":0,"d":"0.00000"}},null,{"$f":"SUM(R120:R132)","v":{"v":0,"d":"0.00000"}},null,{"$f":"SUM(T120:T132)","v":{"v":0,"d":"0.00000"}},{"$nulls":23},"1",null,"D","1",{"$nulls":3},"ROZPOCET",{"$nulls":11},{"$f":"SUM(BK120:BK132)","v":314.27}]
[null,null,"8","K","997013214","Vnitrostaveništní doprava suti a vybouraných hmot pro budovy v přes 12 do 15 m ručně","t",0.051,{"v":3067,"d":"3,067.00"},{"$f":"ROUND(I120*H120,2)","v":156.42},"CS ÚRS 2024 01",null,"","základní",null,{"$f":"O120*H120","v":{"v":0,"d":"0.00000"}},{"v":0,"d":"0.00000"},{"$f":"Q120*H120","v":{"v":0,"d":"0.00000"}},{"v":0,"d":"0.00000"},{"$f":"S120*H120","v":{"v":0,"d":"0.00000"}},{"$nulls":23},"4",null,"K","2",{"$nulls":3},"ROZPOCET",{"$nulls":5},{"$f":"IF(N120=\"základní\",J120,0)","v":156.42},{"$f":"IF(N120=\"snížená\",J120,0)","v":{"v":0,"d":"0.00"}},{"$f":"IF(N120=\"zákl. přenesená\",J120,0)","v":{"v":0,"d":"0.00"}},{"$f":"IF(N120=\"sníž. přenesená\",J120,0)","v":{"v":0,"d":"0.00"}},{"$f":"IF(N120=\"nulová\",J120,0)","v":{"v":0,"d":"0.00"}},"1",{"$f":"ROUND(I120*H120,2)","v":156.42},"4","1756861620"]
[{"$nulls":3},"PP",null,"Vnitrostaveništní doprava suti a vybouraných hmot vodorovně do 50 m s naložením ručně pro budovy a haly výšky přes 12 do 15 m",{"$nulls":39},"PP","2"]
[{"$nulls":3},"Online PSC",null,"https://podminky.urs.cz/item/CS_URS_2024_01/997013214",{"$nulls":39},"Online PSC","2"]
[null,null,"9","K","997013501","Odvoz suti a vybouraných hmot na skládku nebo meziskládku do 1 km se složením","t",0.051,{"v":338,"d":"338.00"},{"$f":"ROUND(I123*H123,2)","v":17.24},"CS ÚRS 2024 01",null,"","základní",null,{"$f":"O123*H123","v":{"v":0,"d":"0.00000"}},{"v":0,"d":"0.00000"},{"$f":"Q123*H123","v":{"v":0,"d":"0.00000"}},{"v":0,"d":"0.00000"},{"$f":"S123*H123","v":{"v":0,"d":"0.00000"}},{"$nulls":23},"4",null,"K","2",{"$nulls":3},"ROZPOCET",{"$nulls":5},{"$f":"IF(N123=\"základní\",J123,0)","v":17.24},{"$f":"IF(N123=\"snížená\",J123,0)","v":{"v":0,"d":"0.00"}},{"$f":"IF(N123=\"zákl. přenesená\",J123,0)","v":{"v":0,"d":"0.00"}},{"$f":"IF(N123=\"sníž. přenesená\",J123,0)","v":{"v":0,"d":"0.00"}},{"$f":"IF(N123=\"nulová\",J123,0)","v":{"v":0,"d":"0.00"}},"1",{"$f":"ROUND(I123*H123,2)","v":17.24},"4","-1663931172"]
[{"$nulls":3},"PP",null,"Odvoz suti a vybouraných hmot na skládku nebo meziskládku se složením, na vzdálenost do 1 km",{"$nulls":39},"PP","2"]
[{"$nulls":3},"Online PSC",null,"https://podminky.urs.cz/item/CS_URS_2024_01/997013501",{"$nulls":39},"Online PSC","2"]
[null,null,"10","K","997013509","Příplatek k odvozu suti a vybouraných hmot na skládku ZKD 1 km přes 1 km","t",1.479,{"v":15,"d":"15.00"},{"$f":"ROUND(I126*H126,2)","v":22.19},"CS ÚRS 2024 01",null,"","základní",null,{"$f":"O126*H126","v":{"v":0,"d":"0.00000"}},{"v":0,"d":"0.00000"},{"$f":"Q126*H126","v":{"v":0,"d":"0.00000"}},{"v":0,"d":"0.00000"},{"$f":"S126*H126","v":{"v":0,"d":"0.00000"}},{"$nulls":23},"4",null,"K","2",{"$nulls":3},"ROZPOCET",{"$nulls":5},{"$f":"IF(N126=\"základní\",J126,0)","v":22.19},{"$f":"IF(N126=\"snížená\",J126,0)","v":{"v":0,"d":"0.00"}},{"$f":"IF(N126=\"zákl. přenesená\",J126,0)","v":{"v":0,"d":"0.00"}},{"$f":"IF(N126=\"sníž. přenesená\",J126,0)","v":{"v":0,"d":"0.00"}},{"$f":"IF(N126=\"nulová\",J126,0)","v":{"v":0,"d":"0.00"}},"1",{"$f":"ROUND(I126*H126,2)","v":22.19},"4","1192849115"]
[{"$nulls":3},"PP",null,"Odvoz suti a vybouraných hmot na skládku nebo meziskládku se složením, na vzdálenost Příplatek k ceně za každý další započatý 1 km přes 1 km",{"$nulls":39},"PP","2"]
[{"$nulls":3},"Online PSC",null,"https://podminky.urs.cz/item/CS_URS_2024_01/997013509",{"$nulls":39},"Online PSC","2"]
[{"$nulls":3},"VV","","0,051*29",null,1.479,{"$nulls":37},"VV","2","2","True","1","ROZPOCET"]
[null,null,"11","K","997013631","Poplatek za uložení na skládce (skládkovné) stavebního odpadu směsného kód odpadu 17 09 04","t",0.051,{"v":2322,"d":"2,322.00"},{"$f":"ROUND(I130*H130,2)","v":118.42},"CS ÚRS 2024 01",null,"","základní",null,{"$f":"O130*H130","v":{"v":0,"d":"0.00000"}},{"v":0,"d":"0.00000"},{"$f":"Q130*H130","v":{"v":0,"d":"0.00000"}},{"v":0,"d":"0.00000"},{"$f":"S130*H130","v":{"v":0,"d":"0.00000"}},{"$nulls":23},"4",null,"K","2",{"$nulls":3},"ROZPOCET",{"$nulls":5},{"$f":"IF(N130=\"základní\",J130,0)","v":118.42},{"$f":"IF(N130=\"snížená\",J130,0)","v":{"v":0,"d":"0.00"}},{"$f":"IF(N130=\"zákl. přenesená\",J130,0)","v":{"v":0,"d":"0.00"}},{"$f":"IF(N130=\"sníž. přenesená\",J130,0)","v":{"v":0,"d":"0.00"}},{"$f":"IF(N130=\"nulová\",J130,0)","v":{"v":0,"d":"0.00"}},"1",{"$f":"ROUND(I130*H130,2)","v":118.42},"4","-2116197170"]
[{"$nulls":3},"PP",null,"Poplatek za uložení stavebního odpadu na skládce (skládkovné) směsného stavebního a demoličního zatříděného do Katalogu odpadů pod kódem 17 09 04",{"$nulls":39},"PP","2"]
[{"$nulls":3},"Online PSC",null,"https://podminky.urs.cz/item/CS_URS_2024_01/997013631",{"$nulls":39},"Online PSC","2"]
[{"$nulls":3},"D","998","Přesun hmot",{"$nulls":3},{"$f":"BK133","v":{"v":1908.06,"d":"1,908.06"}},{"$nulls":5},{"$f":"SUM(P134:P136)","v":{"v":0,"d":"0.00000"}},null,{"$f":"SUM(R134:R136)","v":{"v":0,"d":"0.00000"}},null,{"$f":"SUM(T134:T136)","v":{"v":0,"d":"0.00000"}},{"$nulls":23},"1",null,"D","1",{"$nulls":3},"ROZPOCET",{"$nulls":11},{"$f":"SUM(BK134:BK136)","v":{"v":1908.06,"d":"1,908.06"}}]
[null,null,"12","K","998018003","Přesun hmot pro budovy ruční pro budovy v přes 12 do 24 m","t",{"v":0.77,"d":"0.770"},{"v":2478,"d":"2,478.00"},{"$f":"ROUND(I134*H134,2)","v":{"v":1908.06,"d":"1,908.06"}},"CS ÚRS 2024 01",null,"","základní",null,{"$f":"O134*H134","v":{"v":0,"d":"0.00000"}},{"v":0,"d":"0.00000"},{"$f":"Q134*H134","v":{"v":0,"d":"0.00000"}},{"v":0,"d":"0.00000"},{"$f":"S134*H134","v":{"v":0,"d":"0.00000"}},{"$nulls":23},"4",null,"K","2",{"$nulls":3},"ROZPOCET",{"$nulls":5},{"$f":"IF(N134=\"základní\",J134,0)","v":{"v":1908.06,"d":"1,908.06"}},{"$f":"IF(N134=\"snížená\",J134,0)","v":{"v":0,"d":"0.00"}},{"$f":"IF(N134=\"zákl. přenesená\",J134,0)","v":{"v":0,"d":"0.00"}},{"$f":"IF(N134=\"sníž. přenesená\",J134,0)","v":{"v":0,"d":"0.00"}},{"$f":"IF(N134=\"nulová\",J134,0)","v":{"v":0,"d":"0.00"}},"1",{"$f":"ROUND(I134*H134,2)","v":{"v":1908.06,"d":"1,908.06"}},"4","680316452"]
[{"$nulls":3},"PP",null,"Přesun hmot pro budovy občanské výstavby, bydlení, výrobu a služby ruční (bez užití mechanizace) vodorovná dopravní vzdálenost do 100 m pro budovy s jakoukoliv nosnou konstrukcí výšky přes 12 do 24 m",{"$nulls":39},"PP","2"]
[{"$nulls":3},"Online PSC",null,"https://podminky.urs.cz/item/CS_URS_2024_01/998018003",{"$nulls":39},"Online PSC","2"]
[{"$nulls":3},"D","PSV","Práce a dodávky PSV",{"$nulls":3},{"$f":"BK137","v":{"v":42360.21000000001,"d":"42,360.21"}},{"$nulls":5},{"$f":"P138+P153+P165","v":{"v":0,"d":"0.00000"}},null,{"$f":"R138+R153+R165","v":{"v":0.10955999999999999,"d":"0.10956"}},null,{"$f":"T138+T153+T165","v":{"v":0.009000000000000001,"d":"0.00900"}},{"$nulls":23},"2",null,"D","0",{"$nulls":3},"ROZPOCET",{"$nulls":11},{"$f":"BK138+BK153+BK165","v":{"v":42360.21000000001,"d":"42,360.21"}}]
[{"$nulls":3},"D","741","Elektroinstalace - silnoproud",{"$nulls":3},{"v":17662.31,"d":"17,662.31"},{"$nulls":5},{"$f":"SUM(P139:P152)","v":{"v":0,"d":"0.00000"}},null,{"$f":"SUM(R139:R152)","v":0.05706},null,{"$f":"SUM(T139:T152)","v":{"v":0,"d":"0.00000"}},{"$nulls":23},"2",null,"D","1",{"$nulls":3},"ROZPOCET",{"$nulls":11},{"$f":"SUM(BK139:BK152)","v":{"v":17662.31,"d":"17,662.31"}}]
[null,null,"13","K","74192031R","Protipožární ucpávky kabelů prostup stěnou tloušťky 150 mm ø 22 mm vápenocementovou maltou","kus",{"v":96,"d":"96.000"},{"v":167,"d":"167.00"},{"$f":"ROUND(I139*H139,2)","v":{"v":16032,"d":"16,032.00"}},"R-položka",null,"","základní",null,{"$f":"O139*H139","v":{"v":0,"d":"0.00000"}},0.00054,{"$f":"Q139*H139","v":0.05184},{"v":0,"d":"0.00000"},{"$f":"S139*H139","v":{"v":0,"d":"0.00000"}},{"$nulls":23},"16",null,"K","2",{"$nulls":3},"ROZPOCET",{"$nulls":5},{"$f":"IF(N139=\"základní\",J139,0)","v":{"v":16032,"d":"16,032.00"}},{"$f":"IF(N139=\"snížená\",J139,0)","v":{"v":0,"d":"0.00"}},{"$f":"IF(N139=\"zákl. přenesená\",J139,0)","v":{"v":0,"d":"0.00"}},{"$f":"IF(N139=\"sníž. přenesená\",J139,0)","v":{"v":0,"d":"0.00"}},{"$f":"IF(N139=\"nulová\",J139,0)","v":{"v":0,"d":"0.00"}},"1",{"$f":"ROUND(I139*H139,2)","v":{"v":16032,"d":"16,032.00"}},"16","-2074096457"]
[{"$nulls":3},"PP",null,"Protipožární ucpávky kabelů prostup stěnou tloušťky 150 mm ø 22 mm vápenocementovou maltou",{"$nulls":39},"PP","2"]
[{"$nulls":3},"VV","","kabelové prostupy stěnou",null,"",{"$nulls":37},"VV","2","1","True","0","ROZPOCET"]
[{"$nulls":3},"VV","","96",null,{"v":96,"d":"96.000"},{"$nulls":37},"VV","2","2","True","1","ROZPOCET"]
[null,null,"14","K","74192044R","Protipožární ucpávky kabelů prostup stropem tloušťky 330 mm tmelem ø prostupu 35 mm","kus",{"v":6,"d":"6.000"},{"v":167,"d":"167.00"},{"$f":"ROUND(I143*H143,2)","v":{"v":1002,"d":"1,002.00"}},"R-položka",null,"","základní",null,{"$f":"O143*H143","v":{"v":0,"d":"0.00000"}},0.00087,{"$f":"Q143*H143","v":0.00522},{"v":0,"d":"0.00000"},{"$f":"S143*H143","v":{"v":0,"d":"0.00000"}},{"$nulls":23},"16",null,"K","2",{"$nulls":3},"ROZPOCET",{"$nulls":5},{"$f":"IF(N143=\"základní\",J143,0)","v":{"v":1002,"d":"1,002.00"}},{"$f":"IF(N143=\"snížená\",J143,0)","v":{"v":0,"d":"0.00"}},{"$f":"IF(N143=\"zákl. přenesená\",J143,0)","v":{"v":0,"d":"0.00"}},{"$f":"IF(N143=\"sníž. přenesená\",J143,0)","v":{"v":0,"d":"0.00"}},{"$f":"IF(N143=\"nulová\",J143,0)","v":{"v":0,"d":"0.00"}},"1",{"$f":"ROUND(I143*H143,2)","v":{"v":1002,"d":"1,002.00"}},"16","-60083716"]
[{"$nulls":3},"PP",null,"Protipožární ucpávky kabelů prostup stropem tloušťky 330 mm tmelem ø prostupu 35 mm",{"$nulls":39},"PP","2"]
[{"$nulls":3},"VV","","kabelové prostupy stropem",null,"",{"$nulls":37},"VV","2","1","True","0","ROZPOCET"]
[{"$nulls":3},"VV","","6",null,{"v":6,"d":"6.000"},{"$nulls":37},"VV","2","2","True","1","ROZPOCET"]
[null,null,"15","K","998741123","Přesun hmot tonážní pro silnoproud ruční v objektech v přes 12 do 24 m","t",0.057,{"v":9956,"d":"9,956.00"},{"$f":"ROUND(I147*H147,2)","v":567.49},"CS ÚRS 2024 01",null,"","základní",null,{"$f":"O147*H147","v":{"v":0,"d":"0.00000"}},{"v":0,"d":"0.00000"},{"$f":"Q147*H147","v":{"v":0,"d":"0.00000"}},{"v":0,"d":"0.00000"},{"$f":"S147*H147","v":{"v":0,"d":"0.00000"}},{"$nulls":23},"16",null,"K","2",{"$nulls":3},"ROZPOCET",{"$nulls":5},{"$f":"IF(N147=\"základní\",J147,0)","v":567.49},{"$f":"IF(N147=\"snížená\",J147,0)","v":{"v":0,"d":"0.00"}},{"$f":"IF(N147=\"zákl. přenesená\",J147,0)","v":{"v":0,"d":"0.00"}},{"$f":"IF(N147=\"sníž. přenesená\",J147,0)","v":{"v":0,"d":"0.00"}},{"$f":"IF(N147=\"nulová\",J147,0)","v":{"v":0,"d":"0.00"}},"1",{"$f":"ROUND(I147*H147,2)","v":567.49},"16","14640697"]
[{"$nulls":3},"PP",null,"Přesun hmot pro silnoproud stanovený z hmotnosti přesunovaného materiálu vodorovná dopravní vzdálenost do 50 m ruční (bez užití mechanizace) v objektech výšky přes 12 do 24 m",{"$nulls":39},"PP","2"]
[{"$nulls":3},"Online PSC",null,"https://podminky.urs.cz/item/CS_URS_2024_01/998741123",{"$nulls":39},"Online PSC","2"]
[null,null,"16","K","998741129","Příplatek k ručnímu přesunu hmot tonážnímu pro silnoproud za zvětšený přesun ZKD 50 m","t",0.057,{"v":1067,"d":"1,067.00"},{"$f":"ROUND(I150*H150,2)","v":60.82},"CS ÚRS 2024 01",null,"","základní",null,{"$f":"O150*H150","v":{"v":0,"d":"0.00000"}},{"v":0,"d":"0.00000"},{"$f":"Q150*H150","v":{"v":0,"d":"0.00000"}},{"v":0,"d":"0.00000"},{"$f":"S150*H150","v":{"v":0,"d":"0.00000"}},{"$nulls":23},"16",null,"K","2",{"$nulls":3},"ROZPOCET",{"$nulls":5},{"$f":"IF(N150=\"základní\",J150,0)","v":60.82},{"$f":"IF(N150=\"snížená\",J150,0)","v":{"v":0,"d":"0.00"}},{"$f":"IF(N150=\"zákl. přenesená\",J150,0)","v":{"v":0,"d":"0.00"}},{"$f":"IF(N150=\"sníž. přenesená\",J150,0)","v":{"v":0,"d":"0.00"}},{"$f":"IF(N150=\"nulová\",J150,0)","v":{"v":0,"d":"0.00"}},"1",{"$f":"ROUND(I150*H150,2)","v":60.82},"16","1614762994"]
[{"$nulls":3},"PP",null,"Přesun hmot pro silnoproud stanovený z hmotnosti přesunovaného materiálu vodorovná dopravní vzdálenost do 50 m Příplatek k cenám za ruční zvětšený přesun přes vymezenou vodorovnou dopravní vzdálenost za každých dalších započatých 50 m",{"$nulls":39},"PP","2"]
[{"$nulls":3},"Online PSC",null,"https://podminky.urs.cz/item/CS_URS_2024_01/998741129",{"$nulls":39},"Online PSC","2"]
[{"$nulls":3},"D","776","Podlahy povlakové",{"$nulls":3},{"$f":"BK153","v":{"v":937.9000000000001,"d":"937.90"}},{"$nulls":5},{"$f":"SUM(P154:P164)","v":{"v":0,"d":"0.00000"}},null,{"$f":"SUM(R154:R164)","v":0.00102},null,{"$f":"SUM(T154:T164)","v":{"v":0.009000000000000001,"d":"0.00900"}},{"$nulls":23},"2",null,"D","1",{"$nulls":3},"ROZPOCET",{"$nulls":11},{"$f":"SUM(BK154:BK164)","v":{"v":937.9000000000001,"d":"937.90"}}]
[null,null,"17","K","776201910","Oprava podlah výměnou podlahového povlaku pl do 0,25 m2","kus",{"v":6,"d":"6.000"},{"v":156,"d":"156.00"},{"$f":"ROUND(I154*H154,2)","v":{"v":936,"d":"936.00"}},"CS ÚRS 2024 01",null,"","základní",null,{"$f":"O154*H154","v":{"v":0,"d":"0.00000"}},0.00017,{"$f":"Q154*H154","v":0.00102},{"v":1.5E-3,"d":"0.00150"},{"$f":"S154*H154","v":{"v":0.009000000000000001,"d":"0.00900"}},{"$nulls":23},"16",null,"K","2",{"$nulls":3},"ROZPOCET",{"$nulls":5},{"$f":"IF(N154=\"základní\",J154,0)","v":{"v":936,"d":"936.00"}},{"$f":"IF(N154=\"snížená\",J154,0)","v":{"v":0,"d":"0.00"}},{"$f":"IF(N154=\"zákl. přenesená\",J154,0)","v":{"v":0,"d":"0.00"}},{"$f":"IF(N154=\"sníž. přenesená\",J154,0)","v":{"v":0,"d":"0.00"}},{"$f":"IF(N154=\"nulová\",J154,0)","v":{"v":0,"d":"0.00"}},"1",{"$f":"ROUND(I154*H154,2)","v":{"v":936,"d":"936.00"}},"16","-905659017"]
[{"$nulls":3},"PP",null,"Ostatní opravy výměna poškozené povlakové podlahoviny bez podložky, s vyříznutím a očistěním podkladu plochy do 0,25 m2",{"$nulls":39},"PP","2"]
[{"$nulls":3},"Online PSC",null,"https://podminky.urs.cz/item/CS_URS_2024_01/776201910",{"$nulls":39},"Online PSC","2"]
[{"$nulls":3},"VV","","oprava podlahy PVC",null,"",{"$nulls":37},"VV","2","1","True","0","ROZPOCET"]
[{"$nulls":3},"VV","","6",null,{"v":6,"d":"6.000"},{"$nulls":37},"VV","2","2","True","1","ROZPOCET"]
[null,null,"18","K","998776123","Přesun hmot tonážní pro podlahy povlakové ruční v objektech v přes 12 do 24 m","t",{"v":1E-3,"d":"0.001"},{"v":1711,"d":"1,711.00"},{"$f":"ROUND(I159*H159,2)","v":1.71},"CS ÚRS 2024 01",null,"","základní",null,{"$f":"O159*H159","v":{"v":0,"d":"0.00000"}},{"v":0,"d":"0.00000"},{"$f":"Q159*H159","v":{"v":0,"d":"0.00000"}},{"v":0,"d":"0.00000"},{"$f":"S159*H159","v":{"v":0,"d":"0.00000"}},{"$nulls":23},"16",null,"K","2",{"$nulls":3},"ROZPOCET",{"$nulls":5},{"$f":"IF(N159=\"základní\",J159,0)","v":1.71},{"$f":"IF(N159=\"snížená\",J159,0)","v":{"v":0,"d":"0.00"}},{"$f":"IF(N159=\"zákl. přenesená\",J159,0)","v":{"v":0,"d":"0.00"}},{"$f":"IF(N159=\"sníž. přenesená\",J159,0)","v":{"v":0,"d":"0.00"}},{"$f":"IF(N159=\"nulová\",J159,0)","v":{"v":0,"d":"0.00"}},"1",{"$f":"ROUND(I159*H159,2)","v":1.71},"16","-1449334017"]
[{"$nulls":3},"PP",null,"Přesun hmot pro podlahy povlakové stanovený z hmotnosti přesunovaného materiálu vodorovná dopravní vzdálenost do 50 m ruční (bez užití mechanizace) v objektech výšky přes 12 do 24 m",{"$nulls":39},"PP","2"]
[{"$nulls":3},"Online PSC",null,"https://podminky.urs.cz/item/CS_URS_2024_01/998776123",{"$nulls":39},"Online PSC","2"]
[null,null,"19","K","998776129","Příplatek k ručnímu přesunu hmot tonážnímu pro podlahy povlakové za zvětšený přesun ZKD 50 m","t",{"v":1E-3,"d":"0.001"},{"v":186,"d":"186.00"},{"$f":"ROUND(I162*H162,2)","v":0.19},"CS ÚRS 2024 01",null,"","základní",null,{"$f":"O162*H162","v":{"v":0,"d":"0.00000"}},{"v":0,"d":"0.00000"},{"$f":"Q162*H162","v":{"v":0,"d":"0.00000"}},{"v":0,"d":"0.00000"},{"$f":"S162*H162","v":{"v":0,"d":"0.00000"}},{"$nulls":23},"16",null,"K","2",{"$nulls":3},"ROZPOCET",{"$nulls":5},{"$f":"IF(N162=\"základní\",J162,0)","v":0.19},{"$f":"IF(N162=\"snížená\",J162,0)","v":{"v":0,"d":"0.00"}},{"$f":"IF(N162=\"zákl. přenesená\",J162,0)","v":{"v":0,"d":"0.00"}},{"$f":"IF(N162=\"sníž. přenesená\",J162,0)","v":{"v":0,"d":"0.00"}},{"$f":"IF(N162=\"nulová\",J162,0)","v":{"v":0,"d":"0.00"}},"1",{"$f":"ROUND(I162*H162,2)","v":0.19},"16","-1252779537"]
[{"$nulls":3},"PP",null,"Přesun hmot pro podlahy povlakové stanovený z hmotnosti přesunovaného materiálu vodorovná dopravní vzdálenost do 50 m Příplatek k cenám za ruční zvětšený přesun přes vymezenou vodorovnou dopravní vzdálenost za každých dalších započatých 50 m",{"$nulls":39},"PP","2"]
[{"$nulls":3},"Online PSC",null,"https://podminky.urs.cz/item/CS_URS_2024_01/998776129",{"$nulls":39},"Online PSC","2"]
[{"$nulls":3},"D","784","Dokončovací práce - malby a tapety",{"$nulls":3},{"$f":"BK165","v":{"v":23760,"d":"23,760.00"}},{"$nulls":5},{"$f":"SUM(P166:P173)","v":{"v":0,"d":"0.00000"}},null,{"$f":"SUM(R166:R173)","v":{"v":0.05147999999999999,"d":"0.05148"}},null,{"$f":"SUM(T166:T173)","v":{"v":0,"d":"0.00000"}},{"$nulls":23},"2",null,"D","1",{"$nulls":3},"ROZPOCET",{"$nulls":11},{"$f":"SUM(BK166:BK173)","v":{"v":23760,"d":"23,760.00"}}]
[null,null,"20","K","7842111R1","Oprava dvojnásobné malby stěny","kus",{"v":192,"d":"192.000"},{"v":120,"d":"120.00"},{"$f":"ROUND(I166*H166,2)","v":{"v":23040,"d":"23,040.00"}},"R-položka",null,"","základní",null,{"$f":"O166*H166","v":{"v":0,"d":"0.00000"}},0.00026,{"$f":"Q166*H166","v":{"v":0.04991999999999999,"d":"0.04992"}},{"v":0,"d":"0.00000"},{"$f":"S166*H166","v":{"v":0,"d":"0.00000"}},{"$nulls":23},"16",null,"K","2",{"$nulls":3},"ROZPOCET",{"$nulls":5},{"$f":"IF(N166=\"základní\",J166,0)","v":{"v":23040,"d":"23,040.00"}},{"$f":"IF(N166=\"snížená\",J166,0)","v":{"v":0,"d":"0.00"}},{"$f":"IF(N166=\"zákl. přenesená\",J166,0)","v":{"v":0,"d":"0.00"}},{"$f":"IF(N166=\"sníž. přenesená\",J166,0)","v":{"v":0,"d":"0.00"}},{"$f":"IF(N166=\"nulová\",J166,0)","v":{"v":0,"d":"0.00"}},"1",{"$f":"ROUND(I166*H166,2)","v":{"v":23040,"d":"23,040.00"}},"16","1263914482"]
[{"$nulls":3},"PP",null,"Oprava dvojnásobné malby stěny",{"$nulls":39},"PP","2"]
[{"$nulls":3},"VV","","oprava maleb kabelových prostupů stěnou",null,"",{"$nulls":37},"VV","2","1","True","0","ROZPOCET"]
[{"$nulls":3},"VV","","96*2",null,{"v":192,"d":"192.000"},{"$nulls":37},"VV","2","2","True","1","ROZPOCET"]
[null,null,"21","K","7842111R2","Oprava dvojnásobné malby stropu","kus",{"v":6,"d":"6.000"},{"v":120,"d":"120.00"},{"$f":"ROUND(I170*H170,2)","v":{"v":720,"d":"720.00"}},"R-položka",null,"","základní",null,{"$f":"O170*H170","v":{"v":0,"d":"0.00000"}},0.00026,{"$f":"Q170*H170","v":{"v":1.5599999999999998E-3,"d":"0.00156"}},{"v":0,"d":"0.00000"},{"$f":"S170*H170","v":{"v":0,"d":"0.00000"}},{"$nulls":23},"16",null,"K","2",{"$nulls":3},"ROZPOCET",{"$nulls":5},{"$f":"IF(N170=\"základní\",J170,0)","v":{"v":720,"d":"720.00"}},{"$f":"IF(N170=\"snížená\",J170,0)","v":{"v":0,"d":"0.00"}},{"$f":"IF(N170=\"zákl. přenesená\",J170,0)","v":{"v":0,"d":"0.00"}},{"$f":"IF(N170=\"sníž. přenesená\",J170,0)","v":{"v":0,"d":"0.00"}},{"$f":"IF(N170=\"nulová\",J170,0)","v":{"v":0,"d":"0.00"}},"1",{"$f":"ROUND(I170*H170,2)","v":{"v":720,"d":"720.00"}},"16","897360271"]
[{"$nulls":3},"PP",null,"Oprava dvojnásobné malby stropu",{"$nulls":39},"PP","2"]
[{"$nulls":3},"VV","","oprava maleb kabelových prostupů stropem",null,"",{"$nulls":37},"VV","2","1","True","0","ROZPOCET"]
[{"$nulls":3},"VV","","6",null,{"v":6,"d":"6.000"},{"$nulls":37},"VV","2","2","True","1","ROZPOCET"]

{"sheet":"02 - Elektroinstalace","index":2,"n_rows":326,"n_cols":65,"rows_kept":326,"merged":[[1,11,1,21],[6,4,6,7],[8,4,8,7],[17,4,17,7],[26,4,26,7],[47,4,47,7],[49,4,49,7],[75,4,75,7],[77,4,77,7]]}
[]
[{"$nulls":45},"{3fa9e6fe-21da-4167-b530-d82a4e931e7c}"]
[{"$nulls":45},"2"]
[{"$nulls":3},"KRYCÍ LIST SOUPISU PRACÍ",{"$nulls":8},"v ---  níže se nacházejí doplnkové a pomocné údaje k sestavám  --- v",{"$nulls":32},"False"]
[]
[{"$nulls":3},"Stavba:"]
[{"$nulls":4},{"$f":"'Rekapitulace stavby'!K6","v":"Standardizace konektivity Prvního českého gymnázia v Karlových Varech, p.o."}]
[{"$nulls":3},"Objekt:"]
[{"$nulls":4},"02 - Elektroinstalace"]
[]
[{"$nulls":3},"KSO:",null,"",null,null,"CC-CZ:",""]
[{"$nulls":3},"Místo:",null,"Národní 445/25, 360 01 Karlovy Vary",null,null,"Datum:",{"$f":"'Rekapitulace stavby'!AN8","v":"2024-06-17"}]
[]
[{"$nulls":3},"Zadavatel:",{"$nulls":4},"IČ:",""]
[{"$nulls":4},"První české gymnázium v Karlových Varech, p.o.",{"$nulls":3},"DIČ:",""]
[]
[{"$nulls":3},"Účastník:",{"$nulls":4},"IČ:",{"$f":"'Rekapitulace stavby'!AN13","v":"04308697"}]
[{"$nulls":4},{"$f":"'Rekapitulace stavby'!E14","v":"Aricoma System a.s."},{"$nulls":3},"DIČ:",{"$f":"'Rekapitulace stavby'!AN14","v":"CZ04308697"}]
[]
[{"$nulls":3},"Projektant:",{"$nulls":4},"IČ:",{"$f":"IF('Rekapitulace stavby'!AN16=\"\",\"\",'Rekapitulace stavby'!AN16)","v":""}]
[{"$nulls":4},{"$f":"IF('Rekapitulace stavby'!E17=\"\",\"\",'Rekapitulace stavby'!E17)","v":" "},{"$nulls":3},"DIČ:",{"$f":"IF('Rekapitulace stavby'!AN17=\"\",\"\",'Rekapitulace stavby'!AN17)","v":""}]
[]
[{"$nulls":3},"Zpracovatel:",{"$nulls":4},"IČ:",{"$f":"IF('Rekapitulace stavby'!AN19=\"\",\"\",'Rekapitulace stavby'!AN19)","v":""}]
[{"$nulls":4},{"$f":"IF('Rekapitulace stavby'!E20=\"\",\"\",'Rekapitulace stavby'!E20)","v":" "},{"$nulls":3},"DIČ:",{"$f":"IF('Rekapitulace stavby'!AN20=\"\",\"\",'Rekapitulace stavby'!AN20)","v":""}]
[]
[{"$nulls":3},"Poznámka:"]
[{"$nulls":4},""]
[]
[]
[{"$nulls":3},"Cena bez DPH",{"$nulls":5},{"$f":"ROUND(J86, 2)","v":{"v":9190962.73,"d":"9,190,962.73"}}]
[]
[{"$nulls":5},"Základ daně",null,null,"Sazba daně","Výše daně"]
[{"$nulls":3},"DPH","základní",{"$f":"ROUND((SUM(BE86:BE326)),  2)","v":{"v":9190962.73,"d":"9,190,962.73"}},null,null,{"v":0.21,"d":"21.00%"},{"$f":"ROUND(((SUM(BE86:BE326))*I33),  2)","v":{"v":1930102.17,"d":"1,930,102.17"}}]
[{"$nulls":4},"snížená",{"$f":"ROUND((SUM(BF86:BF326)),  2)","v":{"v":0,"d":"0.00"}},null,null,{"v":0.12,"d":"12.00%"},{"$f":"ROUND(((SUM(BF86:BF326))*I34),  2)","v":{"v":0,"d":"0.00"}}]
[{"$nulls":4},"zákl. přenesená",{"$f":"ROUND((SUM(BG86:BG326)),  2)","v":{"v":0,"d":"0.00"}},null,null,{"v":0.21,"d":"21.00%"},{"$f":"0","v":{"v":0,"d":"0.00"}}]
[{"$nulls":4},"sníž. přenesená",{"$f":"ROUND((SUM(BH86:BH326)),  2)","v":{"v":0,"d":"0.00"}},null,null,{"v":0.12,"d":"12.00%"},{"v":0,"d":"0.00"}]
[{"$nulls":4},"nulová",{"$f":"ROUND((SUM(BI86:BI326)),  2)","v":{"v":0,"d":"0.00"}},null,null,{"v":0,"d":"0.00%"},{"v":0,"d":"0.00"}]
[]
[{"$nulls":3},"Cena s DPH",null,null,"v","CZK",null,{"$f":"SUM(J30:J37)","v":{"v":11121064.9,"d":"11,121,064.90"}}]
[]
[]
[]
[]
[]
[null,null,"REKAPITULACE ČLENĚNÍ SOUPISU PRACÍ"]
[]
[null,null,"Stavba:"]
[{"$nulls":4},{"$f":"E7","v":"Standardizace konektivity Prvního českého gymnázia v Karlových Varech, p.o."}]
[null,null,"Objekt:"]
[{"$nulls":4},{"$f":"E9","v":"02 - Elektroinstalace"}]
[]
[null,null,"Místo:",null,null,{"$f":"F12","v":"Národní 445/25, 360 01 Karlovy Vary"},null,null,"Datum:",{"$f":"IF(J12=\"\",\"\",J12)","v":"2024-06-17"}]
[]
[null,null,"Zadavatel:",null,null,{"$f":"E15","v":"První české gymnázium v Karlových Varech, p.o."},null,null,"Projektant:",{"$f":"E21","v":" "}]
[null,null,"Účastník:",null,null,{"$f":"IF(E18=\"\",\"\",E18)","v":"Aricoma System a.s."},null,null,"Zpracovatel:",{"$f":"E24","v":" "}]
[]
[null,null,"Kód dílu - Popis",{"$nulls":6},"Cena celkem [CZK]"]
[]
[null,null,"Náklady stavby celkem",{"$nulls":6},{"$f":"J86","v":{"v":9190962.73,"d":"9,190,962.73"}},{"$nulls":36},"-1"]
[{"$nulls":3},"VRN - Vedlejší rozpočtové náklady",{"$nulls":5},{"v":9189,"d":"9,189.00"}]
[{"$nulls":3},"    997 - Přesun sutě",{"$nulls":5},{"v":9189,"d":"9,189.00"}]
[{"$nulls":3},"PSV - Práce a dodávky PSV",{"$nulls":5},{"$f":"J102","v":{"v":9075133.73,"d":"9,075,133.73"}}]
[{"$nulls":3},"    IT - Aktivní prvky a IT vybavení",{"$nulls":5},{"v":6113925.8,"d":"6,113,925.80"}]
[{"$nulls":3},"    741 - Elektroinstalace - silnoproud",{"$nulls":5},{"$f":"J108","v":{"v":38326,"d":"38,326.00"}}]
[{"$nulls":3},"    742 - Elektroinstalace - slaboproud",{"$nulls":5},{"$f":"J125","v":{"v":2922881.9299999997,"d":"2,922,881.93"}}]
[{"$nulls":3},"HZS - Hodinové zúčtovací sazby",{"$nulls":5},{"$f":"J310","v":{"v":106640,"d":"106,640.00"}}]
[]
[]
[]
[]
[]
[]
[null,null,"SOUPIS PRACÍ"]
[]
[null,null,"Stavba:"]
[{"$nulls":4},{"$f":"E7","v":"Standardizace konektivity Prvního českého gymnázia v Karlových Varech, p.o."}]
[null,null,"Objekt:"]
[{"$nulls":4},{"$f":"E9","v":"02 - Elektroinstalace"}]
[]
[null,null,"Místo:",null,null,{"$f":"F12","v":"Národní 445/25, 360 01 Karlovy Vary"},null,null,"Datum:",{"$f":"IF(J12=\"\",\"\",J12)","v":"2024-06-17"}]
[]
[null,null,"Zadavatel:",null,null,{"$f":"E15","v":"První české gymnázium v Karlových Varech, p.o."},null,null,"Projektant:",{"$f":"E21","v":" "}]
[null,null,"Účastník:",null,null,{"$f":"IF(E18=\"\",\"\",E18)","v":"Aricoma System a.s."},null,null,"Zpracovatel:",{"$f":"E24","v":" "}]
[]
[null,null,"PČ","Typ","Kód","Popis","MJ","Množství","J.cena [CZK]","Cena celkem [CZK]","Cenová soustava",null,"","DPH","J. Nh [h]","Nh celkem [h]","J. hmotnost [t]","Hmotnost celkem [t]","J. suť [t]","Suť Celkem [t]"]
[null,null,"Náklady soupisu celkem",{"$nulls":6},{"$f":"BK86","v":{"v":9190962.73,"d":"9,190,962.73"}},{"$nulls":5},{"$f":"P87+P102+P310","v":{"v":0,"d":"0.00000"}},null,{"$f":"R87+R102+R310","v":{"v":3.565095,"d":"3.56510"}},null,{"$f":"T87+T102+T310","v":{"v":0,"d":"0.00000"}},{"$nulls":25},"D","-1",{"$nulls":15},{"$f":"BK87+BK102+BK310","v":{"v":9190962.73,"d":"9,190,962.73"}}]
[{"$nulls":3},"D","VRN","Vedlejší rozpočtové náklady",{"$nulls":3},{"v":9189,"d":"9,189.00"},{"$nulls":5},{"$f":"P88","v":{"v":0,"d":"0.00000"}},null,{"$f":"R88","v":{"v":0,"d":"0.00000"}},null,{"$f":"T88","v":{"v":0,"d":"0.00000"}},{"$nulls":23},"1",null,"D","0",{"$nulls":3},"ROZPOCET",{"$nulls":11},{"$f":"BK88","v":{"v":9189,"d":"9,189.00"}}]
[{"$nulls":3},"D","997","Přesun sutě",{"$nulls":3},{"v":9189,"d":"9,189.00"},{"$nulls":5},{"$f":"SUM(P89:P101)","v":{"v":0,"d":"0.00000"}},null,{"$f":"SUM(R89:R101)","v":{"v":0,"d":"0.00000"}},null,{"$f":"SUM(T89:T101)","v":{"v":0,"d":"0.00000"}},{"$nulls":23},"1",null,"D","1",{"$nulls":3},"ROZPOCET",{"$nulls":11},{"$f":"SUM(BK89:BK101)","v":{"v":9189,"d":"9,189.00"}}]
[null,null,"1","K","997013214","Vnitrostaveništní doprava suti a vybouraných hmot pro budovy v přes 12 do 15 m ručně","t",{"v":4.5,"d":"4.500"},{"v":556,"d":"556.00"},{"$f":"ROUND(I89*H89,2)","v":{"v":2502,"d":"2,502.00"}},"CS ÚRS 2024 01",null,"","základní",null,{"$f":"O89*H89","v":{"v":0,"d":"0.00000"}},{"v":0,"d":"0.00000"},{"$f":"Q89*H89","v":{"v":0,"d":"0.00000"}},{"v":0,"d":"0.00000"},{"$f":"S89*H89","v":{"v":0,"d":"0.00000"}},{"$nulls":23},"4",null,"K","2",{"$nulls":3},"ROZPOCET",{"$nulls":5},{"$f":"IF(N89=\"základní\",J89,0)","v":{"v":2502,"d":"2,502.00"}},{"$f":"IF(N89=\"snížená\",J89,0)","v":{"v":0,"d":"0.00"}},{"$f":"IF(N89=\"zákl. přenesená\",J89,0)","v":{"v":0,"d":"0.00"}},{"$f":"IF(N89=\"sníž. přenesená\",J89,0)","v":{"v":0,"d":"0.00"}},{"$f":"IF(N89=\"nulová\",J89,0)","v":{"v":0,"d":"0.00"}},"1",{"$f":"ROUND(I89*H89,2)","v":{"v":2502,"d":"2,502.00"}},"4","-65941991"]
[{"$nulls":3},"PP",null,"Vnitrostaveništní doprava suti a vybouraných hmot vodorovně do 50 m s naložením ručně pro budovy a haly výšky přes 12 do 15 m",{"$nulls":39},"PP","2"]
[{"$nulls":3},"Online PSC",null,"https://podminky.urs.cz/item/CS_URS_2024_01/997013214",{"$nulls":39},"Online PSC","2"]
[null,null,"2","K","997013501","Odvoz suti a vybouraných hmot na skládku nebo meziskládku do 1 km se složením","t",{"v":4.5,"d":"4.500"},{"v":278,"d":"278.00"},{"$f":"ROUND(I92*H92,2)","v":{"v":1251,"d":"1,251.00"}},"CS ÚRS 2024 01",null,"","základní",null,{"$f":"O92*H92","v":{"v":0,"d":"0.00000"}},{"v":0,"d":"0.00000"},{"$f":"Q92*H92","v":{"v":0,"d":"0.00000"}},{"v":0,"d":"0.00000"},{"$f":"S92*H92","v":{"v":0,"d":"0.00000"}},{"$nulls":23},"4",null,"K","2",{"$nulls":3},"ROZPOCET",{"$nulls":5},{"$f":"IF(N92=\"základní\",J92,0)","v":{"v":1251,"d":"1,251.00"}},{"$f":"IF(N92=\"snížená\",J92,0)","v":{"v":0,"d":"0.00"}},{"$f":"IF(N92=\"zákl. přenesená\",J92,0)","v":{"v":0,"d":"0.00"}},{"$f":"IF(N92=\"sníž. přenesená\",J92,0)","v":{"v":0,"d":"0.00"}},{"$f":"IF(N92=\"nulová\",J92,0)","v":{"v":0,"d":"0.00"}},"1",{"$f":"ROUND(I92*H92,2)","v":{"v":1251,"d":"1,251.00"}},"4","-1754833505"]
[{"$nulls":3},"PP",null,"Odvoz suti a vybouraných hmot na skládku nebo meziskládku se složením, na vzdálenost do 1 km",{"$nulls":39},"PP","2"]
[{"$nulls":3},"Online PSC",null,"https://podminky.urs.cz/item/CS_URS_2024_01/997013501",{"$nulls":39},"Online PSC","2"]
[null,null,"3","K","997013509","Příplatek k odvozu suti a vybouraných hmot na skládku ZKD 1 km přes 1 km","t",{"v":130.5,"d":"130.500"},{"v":11,"d":"11.00"},{"$f":"ROUND(I95*H95,2)","v":{"v":1435.5,"d":"1,435.50"}},"CS ÚRS 2024 01",null,"","základní",null,{"$f":"O95*H95","v":{"v":0,"d":"0.00000"}},{"v":0,"d":"0.00000"},{"$f":"Q95*H95","v":{"v":0,"d":"0.00000"}},{"v":0,"d":"0.00000"},{"$f":"S95*H95","v":{"v":0,"d":"0.00000"}},{"$nulls":23},"4",null,"K","2",{"$nulls":3},"ROZPOCET",{"$nulls":5},{"$f":"IF(N95=\"základní\",J95,0)","v":{"v":1435.5,"d":"1,435.50"}},{"$f":"IF(N95=\"snížená\",J95,0)","v":{"v":0,"d":"0.00"}},{"$f":"IF(N95=\"zákl. přenesená\",J95,0)","v":{"v":0,"d":"0.00"}},{"$f":"IF(N95=\"sníž. přenesená\",J95,0)","v":{"v":0,"d":"0.00"}},{"$f":"IF(N95=\"nulová\",J95,0)","v":{"v":0,"d":"0.00"}},"1",{"$f":"ROUND(I95*H95,2)","v":{"v":1435.5,"d":"1,435.50"}},"4","208918264"]
[{"$nulls":3},"PP",null,"Odvoz suti a vybouraných hmot na skládku nebo meziskládku se složením, na vzdálenost Příplatek k ceně za každý další započatý 1 km přes 1 km",{"$nulls":39},"PP","2"]
[{"$nulls":3},"Online PSC",null,"https://podminky.urs.cz/item/CS_URS_2024_01/997013509",{"$nulls":39},"Online PSC","2"]
[{"$nulls":3},"VV","","4,5*29",null,{"v":130.5,"d":"130.500"},{"$nulls":37},"VV","2","2","True","1","ROZPOCET"]
[null,null,"4","K","997013631","Poplatek za uložení na skládce (skládkovné) stavebního odpadu směsného kód odpadu 17 09 04","t",{"v":4.5,"d":"4.500"},{"v":889,"d":"889.00"},{"$f":"ROUND(I99*H99,2)","v":{"v":4000.5,"d":"4,000.50"}},"CS ÚRS 2024 01",null,"","základní",null,{"$f":"O99*H99","v":{"v":0,"d":"0.00000"}},{"v":0,"d":"0.00000"},{"$f":"Q99*H99","v":{"v":0,"d":"0.00000"}},{"v":0,"d":"0.00000"},{"$f":"S99*H99","v":{"v":0,"d":"0.00000"}},{"$nulls":23},"4",null,"K","2",{"$nulls":3},"ROZPOCET",{"$nulls":5},{"$f":"IF(N99=\"základní\",J99,0)","v":{"v":4000.5,"d":"4,000.50"}},{"$f":"IF(N99=\"snížená\",J99,0)","v":{"v":0,"d":"0.00"}},{"$f":"IF(N99=\"zákl. přenesená\",J99,0)","v":{"v":0,"d":"0.00"}},{"$f":"IF(N99=\"sníž. přenesená\",J99,0)","v":{"v":0,"d":"0.00"}},{"$f":"IF(N99=\"nulová\",J99,0)","v":{"v":0,"d":"0.00"}},"1",{"$f":"ROUND(I99*H99,2)","v":{"v":4000.5,"d":"4,000.50"}},"4","-1309917579"]
[{"$nulls":3},"PP",null,"Poplatek za uložení stavebního odpadu na skládce (skládkovné) směsného stavebního a demoličního zatříděného do Katalogu odpadů pod kódem 17 09 04",{"$nulls":39},"PP","2"]
[{"$nulls":3},"Online PSC",null,"https://podminky.urs.cz/item/CS_URS_2024_01/997013631",{"$nulls":39},"Online PSC","2"]
[{"$nulls":3},"D","PSV","Práce a dodávky PSV",{"$nulls":3},{"$f":"BK102","v":{"v":9075133.73,"d":"9,075,133.73"}},{"$nulls":5},{"$f":"P103+P108+P125","v":{"v":0,"d":"0.00000"}},null,{"$f":"R103+R108+R125","v":{"v":3.565095,"d":"3.56510"}},null,{"$f":"T103+T108+T125","v":{"v":0,"d":"0.00000"}},{"$nulls":23},"2",null,"D","0",{"$nulls":3},"ROZPOCET",{"$nulls":11},{"$f":"BK103+BK108+BK125","v":{"v":9075133.73,"d":"9,075,133.73"}}]
[{"$nulls":3},"D","IT","Aktivní prvky a IT vybavení",{"$nulls":3},{"v":6113925.8,"d":"6,113,925.80"},{"$nulls":5},{"$f":"SUM(P104:P107)","v":{"v":0,"d":"0.00000"}},null,{"$f":"SUM(R104:R107)","v":{"v":0,"d":"0.00000"}},null,{"$f":"SUM(T104:T107)","v":{"v":0,"d":"0.00000"}},{"$nulls":23},"1",null,"D","1",{"$nulls":3},"ROZPOCET",{"$nulls":11},{"$f":"SUM(BK104:BK107)","v":{"v":6113925.8,"d":"6,113,925.80"}}]
[null,null,"5","K","IT000001R","Dodávka aktivních prvků a IT vybavení dle samostatného rozpočtu","kpl",{"v":1,"d":"1.000"},{"v":5784751.800000001,"d":"5,784,751.80"},{"$f":"ROUND(I104*H104,2)","v":{"v":5784751.8,"d":"5,784,751.80"}},"R-položka",null,"","základní",null,{"$f":"O104*H104","v":{"v":0,"d":"0.00000"}},{"v":0,"d":"0.00000"},{"$f":"Q104*H104","v":{"v":0,"d":"0.00000"}},{"v":0,"d":"0.00000"},{"$f":"S104*H104","v":{"v":0,"d":"0.00000"}},{"$nulls":23},"4",null,"K","2",{"$nulls":3},"ROZPOCET",{"$nulls":5},{"$f":"IF(N104=\"základní\",J104,0)","v":{"v":5784751.8,"d":"5,784,751.80"}},{"$f":"IF(N104=\"snížená\",J104,0)","v":{"v":0,"d":"0.00"}},{"$f":"IF(N104=\"zákl. přenesená\",J104,0)","v":{"v":0,"d":"0.00"}},{"$f":"IF(N104=\"sníž. přenesená\",J104,0)","v":{"v":0,"d":"0.00"}},{"$f":"IF(N104=\"nulová\",J104,0)","v":{"v":0,"d":"0.00"}},"1",{"$f":"ROUND(I104*H104,2)","v":{"v":5784751.8,"d":"5,784,751.80"}},"4","1608263604"]
[{"$nulls":3},"PP",null,"Dodávka aktivních prvků a IT vybavení dle samostatného rozpočtu",{"$nulls":39},"PP","2"]
[null,null,"6","K","IT000002R","Dodávka Wifi AP včetně konfigurace dle samostatného rozpočtu","kpl",{"v":1,"d":"1.000"},{"v":329174,"d":"329,174.00"},{"$f":"ROUND(I106*H106,2)","v":{"v":329174,"d":"329,174.00"}},"R-položka",null,"","základní",null,{"$f":"O106*H106","v":{"v":0,"d":"0.00000"}},{"v":0,"d":"0.00000"},{"$f":"Q106*H106","v":{"v":0,"d":"0.00000"}},{"v":0,"d":"0.00000"},{"$f":"S106*H106","v":{"v":0,"d":"0.00000"}},{"$nulls":23},"4",null,"K","2",{"$nulls":3},"ROZPOCET",{"$nulls":5},{"$f":"IF(N106=\"základní\",J106,0)","v":{"v":329174,"d":"329,174.00"}},{"$f":"IF(N106=\"snížená\",J106,0)","v":{"v":0,"d":"0.00"}},{"$f":"IF(N106=\"zákl. přenesená\",J106,0)","v":{"v":0,"d":"0.00"}},{"$f":"IF(N106=\"sníž. přenesená\",J106,0)","v":{"v":0,"d":"0.00"}},{"$f":"IF(N106=\"nulová\",J106,0)","v":{"v":0,"d":"0.00"}},"1",{"$f":"ROUND(I106*H106,2)","v":{"v":329174,"d":"329,174.00"}},"4","-1275932807"]
[{"$nulls":3},"PP",null,"Dodávka Wifi AP včetně konfigurace dle samostatného rozpočtu",{"$nulls":39},"PP","2"]
[{"$nulls":3},"D","741","Elektroinstalace - silnoproud",{"$nulls":3},{"$f":"BK108","v":{"v":38326,"d":"38,326.00"}},{"$nulls":5},{"$f":"SUM(P109:P124)","v":{"v":0,"d":"0.00000"}},null,{"$f":"SUM(R109:R124)","v":{"v":0.086625,"d":"0.08663"}},null,{"$f":"SUM(T109:T124)","v":{"v":0,"d":"0.00000"}},{"$nulls":23},"2",null,"D","1",{"$nulls":3},"ROZPOCET",{"$nulls":11},{"$f":"SUM(BK109:BK124)","v":{"v":38326,"d":"38,326.00"}}]
[null,null,"7","K","741122211","Montáž kabel Cu plný kulatý žíla 3x1,5 až 6 mm2 uložený volně (např. CYKY)","m",{"v":550,"d":"550.000"},{"v":27,"d":"27.00"},{"$f":"ROUND(I109*H109,2)","v":{"v":14850,"d":"14,850.00"}},"CS ÚRS 2024 01",null,"","základní",null,{"$f":"O109*H109","v":{"v":0,"d":"0.00000"}},{"v":0,"d":"0.00000"},{"$f":"Q109*H109","v":{"v":0,"d":"0.00000"}},{"v":0,"d":"0.00000"},{"$f":"S109*H109","v":{"v":0,"d":"0.00000"}},{"$nulls":23},"16",null,"K","2",{"$nulls":3},"ROZPOCET",{"$nulls":5},{"$f":"IF(N109=\"základní\",J109,0)","v":{"v":14850,"d":"14,850.00"}},{"$f":"IF(N109=\"snížená\",J109,0)","v":{"v":0,"d":"0.00"}},{"$f":"IF(N109=\"zákl. přenesená\",J109,0)","v":{"v":0,"d":"0.00"}},{"$f":"IF(N109=\"sníž. přenesená\",J109,0)","v":{"v":0,"d":"0.00"}},{"$f":"IF(N109=\"nulová\",J109,0)","v":{"v":0,"d":"0.00"}},"1",{"$f":"ROUND(I109*H109,2)","v":{"v":14850,"d":"14,850.00"}},"16","-1332170986"]
[{"$nulls":3},"PP",null,"Montáž kabelů měděných bez ukončení uložených volně nebo v liště plných kulatých (např. CYKY) počtu a průřezu žil 3x1,5 až 6 mm2",{"$nulls":39},"PP","2"]
[{"$nulls":3},"Online PSC",null,"https://podminky.urs.cz/item/CS_URS_2024_01/741122211",{"$nulls":39},"Online PSC","2"]
[null,null,"8","M","34111123","kabel silový oheň retardující bezhalogenový bez funkční schopnosti při požáru třída reakce na oheň B2cas1d1a1 jádro Cu 0,6/1kV (1-CXKH-R B2) 3x1,5mm2","m",{"v":632.5,"d":"632.500"},{"v":30,"d":"30.00"},{"$f":"ROUND(I112*H112,2)","v":{"v":18975,"d":"18,975.00"}},"CS ÚRS 2024 01",null,"","základní",null,{"$f":"O112*H112","v":{"v":0,"d":"0.00000"}},0.00013,{"$f":"Q112*H112","v":{"v":0.08222499999999999,"d":"0.08223"}},{"v":0,"d":"0.00000"},{"$f":"S112*H112","v":{"v":0,"d":"0.00000"}},{"$nulls":23},"32",null,"M","2",{"$nulls":3},"ROZPOCET",{"$nulls":5},{"$f":"IF(N112=\"základní\",J112,0)","v":{"v":18975,"d":"18,975.00"}},{"$f":"IF(N112=\"snížená\",J112,0)","v":{"v":0,"d":"0.00"}},{"$f":"IF(N112=\"zákl. přenesená\",J112,0)","v":{"v":0,"d":"0.00"}},{"$f":"IF(N112=\"sníž. přenesená\",J112,0)","v":{"v":0,"d":"0.00"}},{"$f":"IF(N112=\"nulová\",J112,0)","v":{"v":0,"d":"0.00"}},"1",{"$f":"ROUND(I112*H112,2)","v":{"v":18975,"d":"18,975.00"}},"16","-1814199060"]
[{"$nulls":3},"PP",null,"kabel silový oheň retardující bezhalogenový bez funkční schopnosti při požáru třída reakce na oheň B2cas1d1a1 jádro Cu 0,6/1kV (1-CXKH-R B2) 3x1,5mm2",{"$nulls":39},"PP","2"]
[null,null,"9","K","741320105","Montáž jističů jednopólových nn do 25 A ve skříni se zapojením vodičů","kus",{"v":11,"d":"11.000"},{"v":196,"d":"196.00"},{"$f":"ROUND(I114*H114,2)","v":{"v":2156,"d":"2,156.00"}},"CS ÚRS 2024 01",null,"","základní",null,{"$f":"O114*H114","v":{"v":0,"d":"0.00000"}},{"v":0,"d":"0.00000"},{"$f":"Q114*H114","v":{"v":0,"d":"0.00000"}},{"v":0,"d":"0.00000"},{"$f":"S114*H114","v":{"v":0,"d":"0.00000"}},{"$nulls":23},"16",null,"K","2",{"$nulls":3},"ROZPOCET",{"$nulls":5},{"$f":"IF(N114=\"základní\",J114,0)","v":{"v":2156,"d":"2,156.00"}},{"$f":"IF(N114=\"snížená\",J114,0)","v":{"v":0,"d":"0.00"}},{"$f":"IF(N114=\"zákl. přenesená\",J114,0)","v":{"v":0,"d":"0.00"}},{"$f":"IF(N114=\"sníž. přenesená\",J114,0)","v":{"v":0,"d":"0.00"}},{"$f":"IF(N114=\"nulová\",J114,0)","v":{"v":0,"d":"0.00"}},"1",{"$f":"ROUND(I114*H114,2)","v":{"v":2156,"d":"2,156.00"}},"16","-918141967"]
[{"$nulls":3},"PP",null,"Montáž jističů se zapojením vodičů jednopólových nn do 25 A ve skříni",{"$nulls":39},"PP","2"]
[{"$nulls":3},"Online PSC",null,"https://podminky.urs.cz/item/CS_URS_2024_01/741320105",{"$nulls":39},"Online PSC","2"]
[null,null,"10","M","35822111","jistič 1-pólový 16 A vypínací charakteristika B vypínací schopnost 10 kA","kus",{"v":11,"d":"11.000"},{"v":126,"d":"126.00"},{"$f":"ROUND(I117*H117,2)","v":{"v":1386,"d":"1,386.00"}},"CS ÚRS 2024 01",null,"","základní",null,{"$f":"O117*H117","v":{"v":0,"d":"0.00000"}},{"v":0.0004,"d":"0.00040"},{"$f":"Q117*H117","v":{"v":0.0044,"d":"0.00440"}},{"v":0,"d":"0.00000"},{"$f":"S117*H117","v":{"v":0,"d":"0.00000"}},{"$nulls":23},"32",null,"M","2",{"$nulls":3},"ROZPOCET",{"$nulls":5},{"$f":"IF(N117=\"základní\",J117,0)","v":{"v":1386,"d":"1,386.00"}},{"$f":"IF(N117=\"snížená\",J117,0)","v":{"v":0,"d":"0.00"}},{"$f":"IF(N117=\"zákl. přenesená\",J117,0)","v":{"v":0,"d":"0.00"}},{"$f":"IF(N117=\"sníž. přenesená\",J117,0)","v":{"v":0,"d":"0.00"}},{"$f":"IF(N117=\"nulová\",J117,0)","v":{"v":0,"d":"0.00"}},"1",{"$f":"ROUND(I117*H117,2)","v":{"v":1386,"d":"1,386.00"}},"16","191962829"]
[{"$nulls":3},"PP",null,"jistič 1-pólový 16 A vypínací charakteristika B vypínací schopnost 10 kA",{"$nulls":39},"PP","2"]
[null,null,"11","K","998741123","Přesun hmot tonážní pro silnoproud ruční v objektech v přes 12 do 24 m","t",0.087,{"v":9956,"d":"9,956.00"},{"$f":"ROUND(I119*H119,2)","v":866.17},"CS ÚRS 2024 01",null,"","základní",null,{"$f":"O119*H119","v":{"v":0,"d":"0.00000"}},{"v":0,"d":"0.00000"},{"$f":"Q119*H119","v":{"v":0,"d":"0.00000"}},{"v":0,"d":"0.00000"},{"$f":"S119*H119","v":{"v":0,"d":"0.00000"}},{"$nulls":23},"16",null,"K","2",{"$nulls":3},"ROZPOCET",{"$nulls":5},{"$f":"IF(N119=\"základní\",J119,0)","v":866.17},{"$f":"IF(N119=\"snížená\",J119,0)","v":{"v":0,"d":"0.00"}},{"$f":"IF(N119=\"zákl. přenesená\",J119,0)","v":{"v":0,"d":"0.00"}},{"$f":"IF(N119=\"sníž. přenesená\",J119,0)","v":{"v":0,"d":"0.00"}},{"$f":"IF(N119=\"nulová\",J119,0)","v":{"v":0,"d":"0.00"}},"1",{"$f":"ROUND(I119*H119,2)","v":866.17},"16","1952367328"]
[{"$nulls":3},"PP",null,"Přesun hmot pro silnoproud stanovený z hmotnosti přesunovaného materiálu vodorovná dopravní vzdálenost do 50 m ruční (bez užití mechanizace) v objektech výšky přes 12 do 24 m",{"$nulls":39},"PP","2"]
[{"$nulls":3},"Online PSC",null,"https://podminky.urs.cz/item/CS_URS_2024_01/998741123",{"$nulls":39},"Online PSC","2"]
[null,null,"12","K","998741129","Příplatek k ručnímu přesunu hmot tonážnímu pro silnoproud za zvětšený přesun ZKD 50 m","t",0.087,{"v":1067,"d":"1,067.00"},{"$f":"ROUND(I122*H122,2)","v":92.83},"CS ÚRS 2024 01",null,"","základní",null,{"$f":"O122*H122","v":{"v":0,"d":"0.00000"}},{"v":0,"d":"0.00000"},{"$f":"Q122*H122","v":{"v":0,"d":"0.00000"}},{"v":0,"d":"0.00000"},{"$f":"S122*H122","v":{"v":0,"d":"0.00000"}},{"$nulls":23},"16",null,"K","2",{"$nulls":3},"ROZPOCET",{"$nulls":5},{"$f":"IF(N122=\"základní\",J122,0)","v":92.83},{"$f":"IF(N122=\"snížená\",J122,0)","v":{"v":0,"d":"0.00"}},{"$f":"IF(N122=\"zákl. přenesená\",J122,0)","v":{"v":0,"d":"0.00"}},{"$f":"IF(N122=\"sníž. přenesená\",J122,0)","v":{"v":0,"d":"0.00"}},{"$f":"IF(N122=\"nulová\",J122,0)","v":{"v":0,"d":"0.00"}},"1",{"$f":"ROUND(I122*H122,2)","v":92.83},"16","-848084629"]
[{"$nulls":3},"PP",null,"Přesun hmot pro silnoproud stanovený z hmotnosti přesunovaného materiálu vodorovná dopravní vzdálenost do 50 m Příplatek k cenám za ruční zvětšený přesun přes vymezenou vodorovnou dopravní vzdálenost za každých dalších započatých 50 m",{"$nulls":39},"PP","2"]
[{"$nulls":3},"Online PSC",null,"https://podminky.urs.cz/item/CS_URS_2024_01/998741129",{"$nulls":39},"Online PSC","2"]
[{"$nulls":3},"D","742","Elektroinstalace - slaboproud",{"$nulls":3},{"$f":"BK125","v":{"v":2922881.9299999997,"d":"2,922,881.93"}},{"$nulls":5},{"$f":"SUM(P126:P309)","v":{"v":0,"d":"0.00000"}},null,{"$f":"SUM(R126:R309)","v":{"v":3.4784699999999997,"d":"3.47847"}},null,{"$f":"SUM(T126:T309)","v":{"v":0,"d":"0.00000"}},{"$nulls":23},"2",null,"D","1",{"$nulls":3},"ROZPOCET",{"$nulls":11},{"$f":"SUM(BK126:BK309)","v":{"v":2922881.9299999997,"d":"2,922,881.93"}}]
[null,null,"13","K","742110013","Montáž trubek pro slaboproud plastových tuhých pro vnitřní rozvody pro optická vlákna","m",{"v":1000,"d":"1,000.000"},{"v":38,"d":"38.00"},{"$f":"ROUND(I126*H126,2)","v":{"v":38000,"d":"38,000.00"}},"CS ÚRS 2024 01",null,"","základní",null,{"$f":"O126*H126","v":{"v":0,"d":"0.00000"}},{"v":0,"d":"0.00000"},{"$f":"Q126*H126","v":{"v":0,"d":"0.00000"}},{"v":0,"d":"0.00000"},{"$f":"S126*H126","v":{"v":0,"d":"0.00000"}},{"$nulls":23},"16",null,"K","2",{"$nulls":3},"ROZPOCET",{"$nulls":5},{"$f":"IF(N126=\"základní\",J126,0)","v":{"v":38000,"d":"38,000.00"}},{"$f":"IF(N126=\"snížená\",J126,0)","v":{"v":0,"d":"0.00"}},{"$f":"IF(N126=\"zákl. přenesená\",J126,0)","v":{"v":0,"d":"0.00"}},{"$f":"IF(N126=\"sníž. přenesená\",J126,0)","v":{"v":0,"d":"0.00"}},{"$f":"IF(N126=\"nulová\",J126,0)","v":{"v":0,"d":"0.00"}},"1",{"$f":"ROUND(I126*H126,2)","v":{"v":38000,"d":"38,000.00"}},"16","-1035343613"]
[{"$nulls":3},"PP",null,"Montáž trubek elektroinstalačních plastových tuhých pro vnitřní rozvody pro optická vlákna",{"$nulls":39},"PP","2"]
[{"$nulls":3},"Online PSC",null,"https://podminky.urs.cz/item/CS_URS_2024_01/742110013",{"$nulls":39},"Online PSC","2"]
[null,null,"14","M","34571851R","Mikrotrubička LSOH vnitřní tenkostěnná 05/3,5mm, pro indoor použití, vnitřní lubrikační vrstva","m",{"v":1050,"d":"1,050.000"},{"v":7,"d":"7.00"},{"$f":"ROUND(I129*H129,2)","v":{"v":7350,"d":"7,350.00"}},"R-položka",null,"","základní",null,{"$f":"O129*H129","v":{"v":0,"d":"0.00000"}},{"v":0,"d":"0.00000"},{"$f":"Q129*H129","v":{"v":0,"d":"0.00000"}},{"v":0,"d":"0.00000"},{"$f":"S129*H129","v":{"v":0,"d":"0.00000"}},{"$nulls":23},"32",null,"M","2",{"$nulls":3},"ROZPOCET",{"$nulls":5},{"$f":"IF(N129=\"základní\",J129,0)","v":{"v":7350,"d":"7,350.00"}},{"$f":"IF(N129=\"snížená\",J129,0)","v":{"v":0,"d":"0.00"}},{"$f":"IF(N129=\"zákl. přenesená\",J129,0)","v":{"v":0,"d":"0.00"}},{"$f":"IF(N129=\"sníž. přenesená\",J129,0)","v":{"v":0,"d":"0.00"}},{"$f":"IF(N129=\"nulová\",J129,0)","v":{"v":0,"d":"0.00"}},"1",{"$f":"ROUND(I129*H129,2)","v":{"v":7350,"d":"7,350.00"}},"16","-1199376573"]
[{"$nulls":3},"PP",null,"Mikrotrubička LSOH vnitřní tenkostěnná 05/3,5mm, pro indoor použití, vnitřní lubrikační vrstva",{"$nulls":39},"PP","2"]
[null,null,"15","K","742110041","Montáž lišt vkládacích pro slaboproud","m",{"v":3000,"d":"3,000.000"},{"v":38,"d":"38.00"},{"$f":"ROUND(I131*H131,2)","v":{"v":114000,"d":"114,000.00"}},"CS ÚRS 2024 01",null,"","základní",null,{"$f":"O131*H131","v":{"v":0,"d":"0.00000"}},{"v":0,"d":"0.00000"},{"$f":"Q131*H131","v":{"v":0,"d":"0.00000"}},{"v":0,"d":"0.00000"},{"$f":"S131*H131","v":{"v":0,"d":"0.00000"}},{"$nulls":23},"16",null,"K","2",{"$nulls":3},"ROZPOCET",{"$nulls":5},{"$f":"IF(N131=\"základní\",J131,0)","v":{"v":114000,"d":"114,000.00"}},{"$f":"IF(N131=\"snížená\",J131,0)","v":{"v":0,"d":"0.00"}},{"$f":"IF(N131=\"zákl. přenesená\",J131,0)","v":{"v":0,"d":"0.00"}},{"$f":"IF(N131=\"sníž. přenesená\",J131,0)","v":{"v":0,"d":"0.00"}},{"$f":"IF(N131=\"nulová\",J131,0)","v":{"v":0,"d":"0.00"}},"1",{"$f":"ROUND(I131*H131,2)","v":{"v":114000,"d":"114,000.00"}},"16","939536956"]
[{"$nulls":3},"PP",null,"Montáž lišt elektroinstalačních vkládacích",{"$nulls":39},"PP","2"]
[{"$nulls":3},"Online PSC",null,"https://podminky.urs.cz/item/CS_URS_2024_01/742110041",{"$nulls":39},"Online PSC","2"]
[null,null,"16","M","34571004","lišta elektroinstalační hranatá PVC 20x20mm","m",{"v":3150,"d":"3,150.000"},{"v":25,"d":"25.00"},{"$f":"ROUND(I134*H134,2)","v":{"v":78750,"d":"78,750.00"}},"CS ÚRS 2024 01",null,"","základní",null,{"$f":"O134*H134","v":{"v":0,"d":"0.00000"}},0.00013,{"$f":"Q134*H134","v":{"v":0.4095,"d":"0.40950"}},{"v":0,"d":"0.00000"},{"$f":"S134*H134","v":{"v":0,"d":"0.00000"}},{"$nulls":23},"32",null,"M","2",{"$nulls":3},"ROZPOCET",{"$nulls":5},{"$f":"IF(N134=\"základní\",J134,0)","v":{"v":78750,"d":"78,750.00"}},{"$f":"IF(N134=\"snížená\",J134,0)","v":{"v":0,"d":"0.00"}},{"$f":"IF(N134=\"zákl. přenesená\",J134,0)","v":{"v":0,"d":"0.00"}},{"$f":"IF(N134=\"sníž. přenesená\",J134,0)","v":{"v":0,"d":"0.00"}},{"$f":"IF(N134=\"nulová\",J134,0)","v":{"v":0,"d":"0.00"}},"1",{"$f":"ROUND(I134*H134,2)","v":{"v":78750,"d":"78,750.00"}},"16","357358493"]
[{"$nulls":3},"PP",null,"lišta elektroinstalační hranatá PVC 20x20mm",{"$nulls":39},"PP","2"]
[{"$nulls":3},"VV","","3000",null,{"v":3000,"d":"3,000.000"},{"$nulls":37},"VV","2","2","True","1","ROZPOCET"]
[{"$nulls":3},"VV",null,"3000*1,05 'Přepočtené koeficientem množství",null,{"v":3150,"d":"3,150.000"},{"$nulls":37},"VV","2","2","False","1","ROZPOCET"]
[null,null,"17","K","742110161","Montáž spony pro uchycení kabelů pro slaboproud","kus",{"v":200,"d":"200.000"},{"v":22,"d":"22.00"},{"$f":"ROUND(I138*H138,2)","v":{"v":4400,"d":"4,400.00"}},"CS ÚRS 2024 01",null,"","základní",null,{"$f":"O138*H138","v":{"v":0,"d":"0.00000"}},{"v":0,"d":"0.00000"},{"$f":"Q138*H138","v":{"v":0,"d":"0.00000"}},{"v":0,"d":"0.00000"},{"$f":"S138*H138","v":{"v":0,"d":"0.00000"}},{"$nulls":23},"16",null,"K","2",{"$nulls":3},"ROZPOCET",{"$nulls":5},{"$f":"IF(N138=\"základní\",J138,0)","v":{"v":4400,"d":"4,400.00"}},{"$f":"IF(N138=\"snížená\",J138,0)","v":{"v":0,"d":"0.00"}},{"$f":"IF(N138=\"zákl. přenesená\",J138,0)","v":{"v":0,"d":"0.00"}},{"$f":"IF(N138=\"sníž. přenesená\",J138,0)","v":{"v":0,"d":"0.00"}},{"$f":"IF(N138=\"nulová\",J138,0)","v":{"v":0,"d":"0.00"}},"1",{"$f":"ROUND(I138*H138,2)","v":{"v":4400,"d":"4,400.00"}},"16","-1538788246"]
[{"$nulls":3},"PP",null,"Montáž kabelového žlabu spony pro uchycení kabelů",{"$nulls":39},"PP","2"]
[{"$nulls":3},"Online PSC",null,"https://podminky.urs.cz/item/CS_URS_2024_01/742110161",{"$nulls":39},"Online PSC","2"]
[null,null,"18","M","10002823R","Držák svazkový OBO 2031 M 15 FS Grip","kus",{"v":200,"d":"200.000"},{"v":22,"d":"22.00"},{"$f":"ROUND(I141*H141,2)","v":{"v":4400,"d":"4,400.00"}},"R-položka",null,"","základní",null,{"$f":"O141*H141","v":{"v":0,"d":"0.00000"}},{"v":0,"d":"0.00000"},{"$f":"Q141*H141","v":{"v":0,"d":"0.00000"}},{"v":0,"d":"0.00000"},{"$f":"S141*H141","v":{"v":0,"d":"0.00000"}},{"$nulls":23},"32",null,"M","2",{"$nulls":3},"ROZPOCET",{"$nulls":5},{"$f":"IF(N141=\"základní\",J141,0)","v":{"v":4400,"d":"4,400.00"}},{"$f":"IF(N141=\"snížená\",J141,0)","v":{"v":0,"d":"0.00"}},{"$f":"IF(N141=\"zákl. přenesená\",J141,0)","v":{"v":0,"d":"0.00"}},{"$f":"IF(N141=\"sníž. přenesená\",J141,0)","v":{"v":0,"d":"0.00"}},{"$f":"IF(N141=\"nulová\",J141,0)","v":{"v":0,"d":"0.00"}},"1",{"$f":"ROUND(I141*H141,2)","v":{"v":4400,"d":"4,400.00"}},"16","2062790406"]
[{"$nulls":3},"PP",null,"Držák svazkový 2031 M 15 FS Grip pozinkováno",{"$nulls":39},"PP","2"]
[null,null,"19","K","742110401","Montáž instalačních kanálů pro slaboproud plastových jednokomorových","m",{"v":500,"d":"500.000"},{"v":172,"d":"172.00"},{"$f":"ROUND(I143*H143,2)","v":{"v":86000,"d":"86,000.00"}},"CS ÚRS 2024 01",null,"","základní",null,{"$f":"O143*H143","v":{"v":0,"d":"0.00000"}},{"v":0,"d":"0.00000"},{"$f":"Q143*H143","v":{"v":0,"d":"0.00000"}},{"v":0,"d":"0.00000"},{"$f":"S143*H143","v":{"v":0,"d":"0.00000"}},{"$nulls":23},"16",null,"K","2",{"$nulls":3},"ROZPOCET",{"$nulls":5},{"$f":"IF(N143=\"základní\",J143,0)","v":{"v":86000,"d":"86,000.00"}},{"$f":"IF(N143=\"snížená\",J143,0)","v":{"v":0,"d":"0.00"}},{"$f":"IF(N143=\"zákl. přenesená\",J143,0)","v":{"v":0,"d":"0.00"}},{"$f":"IF(N143=\"sníž. přenesená\",J143,0)","v":{"v":0,"d":"0.00"}},{"$f":"IF(N143=\"nulová\",J143,0)","v":{"v":0,"d":"0.00"}},"1",{"$f":"ROUND(I143*H143,2)","v":{"v":86000,"d":"86,000.00"}},"16","-1043828444"]
[{"$nulls":3},"PP",null,"Montáž instalačních kanálů plastových jednokomorových",{"$nulls":39},"PP","2"]
[{"$nulls":3},"Online PSC",null,"https://podminky.urs.cz/item/CS_URS_2024_01/742110401",{"$nulls":39},"Online PSC","2"]
[null,null,"20","M","34573014","kanál parapetní bezhalogenový dutý 110x65mm","m",{"v":525,"d":"525.000"},{"v":422,"d":"422.00"},{"$f":"ROUND(I146*H146,2)","v":{"v":221550,"d":"221,550.00"}},"CS ÚRS 2024 01",null,"","základní",null,{"$f":"O146*H146","v":{"v":0,"d":"0.00000"}},0.00089,{"$f":"Q146*H146","v":0.46725},{"v":0,"d":"0.00000"},{"$f":"S146*H146","v":{"v":0,"d":"0.00000"}},{"$nulls":23},"32",null,"M","2",{"$nulls":3},"ROZPOCET",{"$nulls":5},{"$f":"IF(N146=\"základní\",J146,0)","v":{"v":221550,"d":"221,550.00"}},{"$f":"IF(N146=\"snížená\",J146,0)","v":{"v":0,"d":"0.00"}},{"$f":"IF(N146=\"zákl. přenesená\",J146,0)","v":{"v":0,"d":"0.00"}},{"$f":"IF(N146=\"sníž. přenesená\",J146,0)","v":{"v":0,"d":"0.00"}},{"$f":"IF(N146=\"nulová\",J146,0)","v":{"v":0,"d":"0.00"}},"1",{"$f":"ROUND(I146*H146,2)","v":{"v":221550,"d":"221,550.00"}},"16","1178445406"]
[{"$nulls":3},"PP",null,"kanál parapetní bezhalogenový dutý 110x65mm",{"$nulls":39},"PP","2"]
[{"$nulls":3},"VV",null,"500*1,05 'Přepočtené koeficientem množství",null,{"v":525,"d":"525.000"},{"$nulls":37},"VV","2","2","False","1","ROZPOCET"]
[null,null,"21","K","742124001","Montáž kabelů datových FTP, UTP, STP pro vnitřní rozvody do žlabu nebo lišty","m",{"v":31640,"d":"31,640.000"},{"v":24,"d":"24.00"},{"$f":"ROUND(I149*H149,2)","v":{"v":759360,"d":"759,360.00"}},"CS ÚRS 2024 01",null,"","základní",null,{"$f":"O149*H149","v":{"v":0,"d":"0.00000"}},{"v":0,"d":"0.00000"},{"$f":"Q149*H149","v":{"v":0,"d":"0.00000"}},{"v":0,"d":"0.00000"},{"$f":"S149*H149","v":{"v":0,"d":"0.00000"}},{"$nulls":23},"16",null,"K","2",{"$nulls":3},"ROZPOCET",{"$nulls":5},{"$f":"IF(N149=\"základní\",J149,0)","v":{"v":759360,"d":"759,360.00"}},{"$f":"IF(N149=\"snížená\",J149,0)","v":{"v":0,"d":"0.00"}},{"$f":"IF(N149=\"zákl. přenesená\",J149,0)","v":{"v":0,"d":"0.00"}},{"$f":"IF(N149=\"sníž. přenesená\",J149,0)","v":{"v":0,"d":"0.00"}},{"$f":"IF(N149=\"nulová\",J149,0)","v":{"v":0,"d":"0.00"}},"1",{"$f":"ROUND(I149*H149,2)","v":{"v":759360,"d":"759,360.00"}},"16","-567822447"]
[{"$nulls":3},"PP",null,"Montáž kabelů datových FTP, UTP, STP pro vnitřní rozvody do žlabu nebo lišty",{"$nulls":39},"PP","2"]
[{"$nulls":3},"Online PSC",null,"https://podminky.urs.cz/item/CS_URS_2024_01/742124001",{"$nulls":39},"Online PSC","2"]
[null,null,"22","M","34121321","kabel datový bezhalogenový třída reakce na oheň Dcas2d2a1 jádro Cu plné (U/UTP) kategorie 6","m",{"v":33222,"d":"33,222.000"},{"v":16,"d":"16.00"},{"$f":"ROUND(I152*H152,2)","v":{"v":531552,"d":"531,552.00"}},"CS ÚRS 2024 01",null,"","základní",null,{"$f":"O152*H152","v":{"v":0,"d":"0.00000"}},{"v":6e-05,"d":"0.00006"},{"$f":"Q152*H152","v":1.99332},{"v":0,"d":"0.00000"},{"$f":"S152*H152","v":{"v":0,"d":"0.00000"}},{"$nulls":23},"32",null,"M","2",{"$nulls":3},"ROZPOCET",{"$nulls":5},{"$f":"IF(N152=\"základní\",J152,0)","v":{"v":531552,"d":"531,552.00"}},{"$f":"IF(N152=\"snížená\",J152,0)","v":{"v":0,"d":"0.00"}},{"$f":"IF(N152=\"zákl. přenesená\",J152,0)","v":{"v":0,"d":"0.00"}},{"$f":"IF(N152=\"sníž. přenesená\",J152,0)","v":{"v":0,"d":"0.00"}},{"$f":"IF(N152=\"nulová\",J152,0)","v":{"v":0,"d":"0.00"}},"1",{"$f":"ROUND(I152*H152,2)","v":{"v":531552,"d":"531,552.00"}},"16","1789327876"]
[{"$nulls":3},"PP",null,"kabel datový bezhalogenový třída reakce na oheň Dcas2d2a1 jádro Cu plné (U/UTP) kategorie 6",{"$nulls":39},"PP","2"]
[{"$nulls":3},"VV","","31640",null,{"v":31640,"d":"31,640.000"},{"$nulls":37},"VV","2","2","True","1","ROZPOCET"]
[{"$nulls":3},"VV",null,"31640*1,05 'Přepočtené koeficientem množství",null,{"v":33222,"d":"33,222.000"},{"$nulls":37},"VV","2","2","False","1","ROZPOCET"]
[null,null,"23","K","742124007","Montáž kabelů datových FTP, UTP, STP ukončení kabelu na svorkovnici","kus",{"v":522,"d":"522.000"},{"v":94,"d":"94.00"},{"$f":"ROUND(I156*H156,2)","v":{"v":49068,"d":"49,068.00"}},"CS ÚRS 2024 01",null,"","základní",null,{"$f":"O156*H156","v":{"v":0,"d":"0.00000"}},{"v":0,"d":"0.00000"},{"$f":"Q156*H156","v":{"v":0,"d":"0.00000"}},{"v":0,"d":"0.00000"},{"$f":"S156*H156","v":{"v":0,"d":"0.00000"}},{"$nulls":23},"16",null,"K","2",{"$nulls":3},"ROZPOCET",{"$nulls":5},{"$f":"IF(N156=\"základní\",J156,0)","v":{"v":49068,"d":"49,068.00"}},{"$f":"IF(N156=\"snížená\",J156,0)","v":{"v":0,"d":"0.00"}},{"$f":"IF(N156=\"zákl. přenesená\",J156,0)","v":{"v":0,"d":"0.00"}},{"$f":"IF(N156=\"sníž. přenesená\",J156,0)","v":{"v":0,"d":"0.00"}},{"$f":"IF(N156=\"nulová\",J156,0)","v":{"v":0,"d":"0.00"}},"1",{"$f":"ROUND(I156*H156,2)","v":{"v":49068,"d":"49,068.00"}},"16","-360360947"]
[{"$nulls":3},"PP",null,"Montáž kabelů datových FTP, UTP, STP ukončení kabelu na svorkovnici",{"$nulls":39},"PP","2"]
[{"$nulls":3},"Online PSC",null,"https://podminky.urs.cz/item/CS_URS_2024_01/742124007",{"$nulls":39},"Online PSC","2"]
[null,null,"24","M","00513060R","Rychlozařezávací keystone CAT6 UTP RJ45 černý","kus",{"v":522,"d":"522.000"},{"v":84,"d":"84.00"},{"$f":"ROUND(I159*H159,2)","v":{"v":43848,"d":"43,848.00"}},"R-položka",null,"","základní",null,{"$f":"O159*H159","v":{"v":0,"d":"0.00000"}},{"v":0,"d":"0.00000"},{"$f":"Q159*H159","v":{"v":0,"d":"0.00000"}},{"v":0,"d":"0.00000"},{"$f":"S159*H159","v":{"v":0,"d":"0.00000"}},{"$nulls":23},"32",null,"M","2",{"$nulls":3},"ROZPOCET",{"$nulls":5},{"$f":"IF(N159=\"základní\",J159,0)","v":{"v":43848,"d":"43,848.00"}},{"$f":"IF(N159=\"snížená\",J159,0)","v":{"v":0,"d":"0.00"}},{"$f":"IF(N159=\"zákl. přenesená\",J159,0)","v":{"v":0,"d":"0.00"}},{"$f":"IF(N159=\"sníž. přenesená\",J159,0)","v":{"v":0,"d":"0.00"}},{"$f":"IF(N159=\"nulová\",J159,0)","v":{"v":0,"d":"0.00"}},"1",{"$f":"ROUND(I159*H159,2)","v":{"v":43848,"d":"43,848.00"}},"16","-1653728783"]
[{"$nulls":3},"PP",null,"Rychlozařezávací keystone CAT6 UTP RJ45 černý",{"$nulls":39},"PP","2"]
[null,null,"25","K","742124011","Montáž kabelů datových optických pro vnitřní rozvody do trubky zatažením","m",{"v":1000,"d":"1,000.000"},{"v":24,"d":"24.00"},{"$f":"ROUND(I161*H161,2)","v":{"v":24000,"d":"24,000.00"}},"CS ÚRS 2024 01",null,"","základní",null,{"$f":"O161*H161","v":{"v":0,"d":"0.00000"}},{"v":0,"d":"0.00000"},{"$f":"Q161*H161","v":{"v":0,"d":"0.00000"}},{"v":0,"d":"0.00000"},{"$f":"S161*H161","v":{"v":0,"d":"0.00000"}},{"$nulls":23},"16",null,"K","2",{"$nulls":3},"ROZPOCET",{"$nulls":5},{"$f":"IF(N161=\"základní\",J161,0)","v":{"v":24000,"d":"24,000.00"}},{"$f":"IF(N161=\"snížená\",J161,0)","v":{"v":0,"d":"0.00"}},{"$f":"IF(N161=\"zákl. přenesená\",J161,0)","v":{"v":0,"d":"0.00"}},{"$f":"IF(N161=\"sníž. přenesená\",J161,0)","v":{"v":0,"d":"0.00"}},{"$f":"IF(N161=\"nulová\",J161,0)","v":{"v":0,"d":"0.00"}},"1",{"$f":"ROUND(I161*H161,2)","v":{"v":24000,"d":"24,000.00"}},"16","2127737208"]
[{"$nulls":3},"PP",null,"Montáž kabelů datových optických pro vnitřní rozvody do trubky zatažením",{"$nulls":39},"PP","2"]
[{"$nulls":3},"Online PSC",null,"https://podminky.urs.cz/item/CS_URS_2024_01/742124011",{"$nulls":39},"Online PSC","2"]
[null,null,"26","M","34123021R","Kabel optický vnitřní DROP FTTx 3mm, 8 vláken SM 9/125 250um, G.657A2, LSOH, B2CA","m",{"v":1200,"d":"1,200.000"},{"v":29,"d":"29.00"},{"$f":"ROUND(I164*H164,2)","v":{"v":34800,"d":"34,800.00"}},"R-položka",null,"","základní",null,{"$f":"O164*H164","v":{"v":0,"d":"0.00000"}},{"v":0,"d":"0.00000"},{"$f":"Q164*H164","v":{"v":0,"d":"0.00000"}},{"v":0,"d":"0.00000"},{"$f":"S164*H164","v":{"v":0,"d":"0.00000"}},{"$nulls":23},"32",null,"M","2",{"$nulls":3},"ROZPOCET",{"$nulls":5},{"$f":"IF(N164=\"základní\",J164,0)","v":{"v":34800,"d":"34,800.00"}},{"$f":"IF(N164=\"snížená\",J164,0)","v":{"v":0,"d":"0.00"}},{"$f":"IF(N164=\"zákl. přenesená\",J164,0)","v":{"v":0,"d":"0.00"}},{"$f":"IF(N164=\"sníž. přenesená\",J164,0)","v":{"v":0,"d":"0.00"}},{"$f":"IF(N164=\"nulová\",J164,0)","v":{"v":0,"d":"0.00"}},"1",{"$f":"ROUND(I164*H164,2)","v":{"v":34800,"d":"34,800.00"}},"16","1240353963"]
[{"$nulls":3},"PP",null,"Kabel optický vnitřní DROP FTTx 3mm, 8 vláken SM 9/125 250um, G.657A2, LSOH, B2CA",{"$nulls":39},"PP","2"]
[{"$nulls":3},"P",null,"Poznámka k položce:\nPoznámka k položce: OS1 G.657A2, LSOH, B2ca s1 d1",{"$nulls":39},"P","2"]
[{"$nulls":3},"VV","","1000",null,{"v":1000,"d":"1,000.000"},{"$nulls":37},"VV","2","2","True","1","ROZPOCET"]
[{"$nulls":3},"VV",null,"1000*1,2 'Přepočtené koeficientem množství",null,{"v":1200,"d":"1,200.000"},{"$nulls":37},"VV","2","2","False","1","ROZPOCET"]
[null,null,"27","K","742124011","Montáž kabelů datových optických pro vnitřní rozvody do trubky zatažením","m",{"v":200,"d":"200.000"},{"v":24,"d":"24.00"},{"$f":"ROUND(I169*H169,2)","v":{"v":4800,"d":"4,800.00"}},"CS ÚRS 2024 01",null,"","základní",null,{"$f":"O169*H169","v":{"v":0,"d":"0.00000"}},{"v":0,"d":"0.00000"},{"$f":"Q169*H169","v":{"v":0,"d":"0.00000"}},{"v":0,"d":"0.00000"},{"$f":"S169*H169","v":{"v":0,"d":"0.00000"}},{"$nulls":23},"16",null,"K","2",{"$nulls":3},"ROZPOCET",{"$nulls":5},{"$f":"IF(N169=\"základní\",J169,0)","v":{"v":4800,"d":"4,800.00"}},{"$f":"IF(N169=\"snížená\",J169,0)","v":{"v":0,"d":"0.00"}},{"$f":"IF(N169=\"zákl. přenesená\",J169,0)","v":{"v":0,"d":"0.00"}},{"$f":"IF(N169=\"sníž. přenesená\",J169,0)","v":{"v":0,"d":"0.00"}},{"$f":"IF(N169=\"nulová\",J169,0)","v":{"v":0,"d":"0.00"}},"1",{"$f":"ROUND(I169*H169,2)","v":{"v":4800,"d":"4,800.00"}},"16","624960290"]
[{"$nulls":3},"PP",null,"Montáž kabelů datových optických pro vnitřní rozvody do trubky zatažením",{"$nulls":39},"PP","2"]
[{"$nulls":3},"Online PSC",null,"https://podminky.urs.cz/item/CS_URS_2024_01/742124011",{"$nulls":39},"Online PSC","2"]
[null,null,"28","M","34123022R","Kabel optický vnitřní DROP FTTx 3mm, 12 vláken SM 9/125 250um, G.657A2, LSOH, B2CA","m",{"v":240,"d":"240.000"},{"v":36,"d":"36.00"},{"$f":"ROUND(I172*H172,2)","v":{"v":8640,"d":"8,640.00"}},"R-položka",null,"","základní",null,{"$f":"O172*H172","v":{"v":0,"d":"0.00000"}},{"v":0,"d":"0.00000"},{"$f":"Q172*H172","v":{"v":0,"d":"0.00000"}},{"v":0,"d":"0.00000"},{"$f":"S172*H172","v":{"v":0,"d":"0.00000"}},{"$nulls":23},"32",null,"M","2",{"$nulls":3},"ROZPOCET",{"$nulls":5},{"$f":"IF(N172=\"základní\",J172,0)","v":{"v":8640,"d":"8,640.00"}},{"$f":"IF(N172=\"snížená\",J172,0)","v":{"v":0,"d":"0.00"}},{"$f":"IF(N172=\"zákl. přenesená\",J172,0)","v":{"v":0,"d":"0.00"}},{"$f":"IF(N172=\"sníž. přenesená\",J172,0)","v":{"v":0,"d":"0.00"}},{"$f":"IF(N172=\"nulová\",J172,0)","v":{"v":0,"d":"0.00"}},"1",{"$f":"ROUND(I172*H172,2)","v":{"v":8640,"d":"8,640.00"}},"16","1404212233"]
[{"$nulls":3},"PP",null,"Kabel optický vnitřní DROP FTTx 3mm, 12 vláken SM 9/125 250um, G.657A2, LSOH, B2CA",{"$nulls":39},"PP","2"]
[{"$nulls":3},"P",null,"Poznámka k položce:\nPoznámka k položce: OS1 G.657A2, LSOH, B2ca s1 d1",{"$nulls":39},"P","2"]
[{"$nulls":3},"VV","","200",null,{"v":200,"d":"200.000"},{"$nulls":37},"VV","2","2","True","1","ROZPOCET"]
[{"$nulls":3},"VV",null,"200*1,2 'Přepočtené koeficientem množství",null,{"v":240,"d":"240.000"},{"$nulls":37},"VV","2","2","False","1","ROZPOCET"]
[null,null,"29","K","742124013","Montáž kabelů datových optických pro vnitřní rozvody ukončení vlákna optického kabelu pigtailem včetně svaru optického vlákna","kus",{"v":168,"d":"168.000"},{"v":400,"d":"400.00"},{"$f":"ROUND(I177*H177,2)","v":{"v":67200,"d":"67,200.00"}},"CS ÚRS 2024 01",null,"","základní",null,{"$f":"O177*H177","v":{"v":0,"d":"0.00000"}},{"v":0,"d":"0.00000"},{"$f":"Q177*H177","v":{"v":0,"d":"0.00000"}},{"v":0,"d":"0.00000"},{"$f":"S177*H177","v":{"v":0,"d":"0.00000"}},{"$nulls":23},"16",null,"K","2",{"$nulls":3},"ROZPOCET",{"$nulls":5},{"$f":"IF(N177=\"základní\",J177,0)","v":{"v":67200,"d":"67,200.00"}},{"$f":"IF(N177=\"snížená\",J177,0)","v":{"v":0,"d":"0.00"}},{"$f":"IF(N177=\"zákl. přenesená\",J177,0)","v":{"v":0,"d":"0.00"}},{"$f":"IF(N177=\"sníž. přenesená\",J177,0)","v":{"v":0,"d":"0.00"}},{"$f":"IF(N177=\"nulová\",J177,0)","v":{"v":0,"d":"0.00"}},"1",{"$f":"ROUND(I177*H177,2)","v":{"v":67200,"d":"67,200.00"}},"16","1709779723"]
[{"$nulls":3},"PP",null,"Montáž kabelů datových optických pro vnitřní rozvody ukončení vlákna optického kabelu pigtailem včetně svaru",{"$nulls":39},"PP","2"]
[{"$nulls":3},"Online PSC",null,"https://podminky.urs.cz/item/CS_URS_2024_01/742124013",{"$nulls":39},"Online PSC","2"]
[null,null,"30","M","37459140","pigtail optický SC OS 9/125 délka 1m","kus",{"v":168,"d":"168.000"},{"v":46,"d":"46.00"},{"$f":"ROUND(I180*H180,2)","v":{"v":7728,"d":"7,728.00"}},"CS ÚRS 2024 01",null,"","základní",null,{"$f":"O180*H180","v":{"v":0,"d":"0.00000"}},{"v":5e-05,"d":"0.00005"},{"$f":"Q180*H180","v":{"v":0.008400000000000001,"d":"0.00840"}},{"v":0,"d":"0.00000"},{"$f":"S180*H180","v":{"v":0,"d":"0.00000"}},{"$nulls":23},"32",null,"M","2",{"$nulls":3},"ROZPOCET",{"$nulls":5},{"$f":"IF(N180=\"základní\",J180,0)","v":{"v":7728,"d":"7,728.00"}},{"$f":"IF(N180=\"snížená\",J180,0)","v":{"v":0,"d":"0.00"}},{"$f":"IF(N180=\"zákl. přenesená\",J180,0)","v":{"v":0,"d":"0.00"}},{"$f":"IF(N180=\"sníž. přenesená\",J180,0)","v":{"v":0,"d":"0.00"}},{"$f":"IF(N180=\"nulová\",J180,0)","v":{"v":0,"d":"0.00"}},"1",{"$f":"ROUND(I180*H180,2)","v":{"v":7728,"d":"7,728.00"}},"16","-859554029"]
[{"$nulls":3},"PP",null,"pigtail optický SC OS 9/125 délka 1m",{"$nulls":39},"PP","2"]
[null,null,"31","K","742124014","Provedení svaru optického vlákna","kus",{"v":168,"d":"168.000"},{"v":400,"d":"400.00"},{"$f":"ROUND(I182*H182,2)","v":{"v":67200,"d":"67,200.00"}},"CS ÚRS 2024 01",null,"","základní",null,{"$f":"O182*H182","v":{"v":0,"d":"0.00000"}},{"v":0,"d":"0.00000"},{"$f":"Q182*H182","v":{"v":0,"d":"0.00000"}},{"v":0,"d":"0.00000"},{"$f":"S182*H182","v":{"v":0,"d":"0.00000"}},{"$nulls":23},"16",null,"K","2",{"$nulls":3},"ROZPOCET",{"$nulls":5},{"$f":"IF(N182=\"základní\",J182,0)","v":{"v":67200,"d":"67,200.00"}},{"$f":"IF(N182=\"snížená\",J182,0)","v":{"v":0,"d":"0.00"}},{"$f":"IF(N182=\"zákl. přenesená\",J182,0)","v":{"v":0,"d":"0.00"}},{"$f":"IF(N182=\"sníž. přenesená\",J182,0)","v":{"v":0,"d":"0.00"}},{"$f":"IF(N182=\"nulová\",J182,0)","v":{"v":0,"d":"0.00"}},"1",{"$f":"ROUND(I182*H182,2)","v":{"v":67200,"d":"67,200.00"}},"16","1279454107"]
[{"$nulls":3},"PP",null,"Montáž kabelů datových optických svar optického vlákna",{"$nulls":39},"PP","2"]
[{"$nulls":3},"Online PSC",null,"https://podminky.urs.cz/item/CS_URS_2024_01/742124014",{"$nulls":39},"Online PSC","2"]
[null,null,"32","M","37459140","pigtail optický SC OS 9/125 délka 1m","kus",{"v":168,"d":"168.000"},{"v":46,"d":"46.00"},{"$f":"ROUND(I185*H185,2)","v":{"v":7728,"d":"7,728.00"}},"CS ÚRS 2024 01",null,"","základní",null,{"$f":"O185*H185","v":{"v":0,"d":"0.00000"}},{"v":5e-05,"d":"0.00005"},{"$f":"Q185*H185","v":{"v":0.008400000000000001,"d":"0.00840"}},{"v":0,"d":"0.00000"},{"$f":"S185*H185","v":{"v":0,"d":"0.00000"}},{"$nulls":23},"32",null,"M","2",{"$nulls":3},"ROZPOCET",{"$nulls":5},{"$f":"IF(N185=\"základní\",J185,0)","v":{"v":7728,"d":"7,728.00"}},{"$f":"IF(N185=\"snížená\",J185,0)","v":{"v":0,"d":"0.00"}},{"$f":"IF(N185=\"zákl. přenesená\",J185,0)","v":{"v":0,"d":"0.00"}},{"$f":"IF(N185=\"sníž. přenesená\",J185,0)","v":{"v":0,"d":"0.00"}},{"$f":"IF(N185=\"nulová\",J185,0)","v":{"v":0,"d":"0.00"}},"1",{"$f":"ROUND(I185*H185,2)","v":{"v":7728,"d":"7,728.00"}},"16","-42433097"]
[{"$nulls":3},"PP",null,"pigtail optický SC OS 9/125 délka 1m",{"$nulls":39},"PP","2"]
[null,null,"33","K","742190001","Vyhledání vývodu nebo krabice pro slaboproud","kus",{"v":362,"d":"362.000"},{"v":11,"d":"11.00"},{"$f":"ROUND(I187*H187,2)","v":{"v":3982,"d":"3,982.00"}},"CS ÚRS 2024 01",null,"","základní",null,{"$f":"O187*H187","v":{"v":0,"d":"0.00000"}},{"v":0,"d":"0.00000"},{"$f":"Q187*H187","v":{"v":0,"d":"0.00000"}},{"v":0,"d":"0.00000"},{"$f":"S187*H187","v":{"v":0,"d":"0.00000"}},{"$nulls":23},"16",null,"K","2",{"$nulls":3},"ROZPOCET",{"$nulls":5},{"$f":"IF(N187=\"základní\",J187,0)","v":{"v":3982,"d":"3,982.00"}},{"$f":"IF(N187=\"snížená\",J187,0)","v":{"v":0,"d":"0.00"}},{"$f":"IF(N187=\"zákl. přenesená\",J187,0)","v":{"v":0,"d":"0.00"}},{"$f":"IF(N187=\"sníž. přenesená\",J187,0)","v":{"v":0,"d":"0.00"}},{"$f":"IF(N187=\"nulová\",J187,0)","v":{"v":0,"d":"0.00"}},"1",{"$f":"ROUND(I187*H187,2)","v":{"v":3982,"d":"3,982.00"}},"16","1286611776"]
[{"$nulls":3},"PP",null,"Ostatní práce pro trasy vyhledání vývodu nebo krabice",{"$nulls":39},"PP","2"]
[{"$nulls":3},"Online PSC",null,"https://podminky.urs.cz/item/CS_URS_2024_01/742190001",{"$nulls":39},"Online PSC","2"]
[null,null,"34","K","742190002","Značení trasy vedení pro slaboproud","m",{"v":10000,"d":"10,000.000"},{"v":2,"d":"2.00"},{"$f":"ROUND(I190*H190,2)","v":{"v":20000,"d":"20,000.00"}},"CS ÚRS 2024 01",null,"","základní",null,{"$f":"O190*H190","v":{"v":0,"d":"0.00000"}},{"v":0,"d":"0.00000"},{"$f":"Q190*H190","v":{"v":0,"d":"0.00000"}},{"v":0,"d":"0.00000"},{"$f":"S190*H190","v":{"v":0,"d":"0.00000"}},{"$nulls":23},"16",null,"K","2",{"$nulls":3},"ROZPOCET",{"$nulls":5},{"$f":"IF(N190=\"základní\",J190,0)","v":{"v":20000,"d":"20,000.00"}},{"$f":"IF(N190=\"snížená\",J190,0)","v":{"v":0,"d":"0.00"}},{"$f":"IF(N190=\"zákl. přenesená\",J190,0)","v":{"v":0,"d":"0.00"}},{"$f":"IF(N190=\"sníž. přenesená\",J190,0)","v":{"v":0,"d":"0.00"}},{"$f":"IF(N190=\"nulová\",J190,0)","v":{"v":0,"d":"0.00"}},"1",{"$f":"ROUND(I190*H190,2)","v":{"v":20000,"d":"20,000.00"}},"16","762406369"]
[{"$nulls":3},"PP",null,"Ostatní práce pro trasy značení trasy vedení",{"$nulls":39},"PP","2"]
[{"$nulls":3},"Online PSC",null,"https://podminky.urs.cz/item/CS_URS_2024_01/742190002",{"$nulls":39},"Online PSC","2"]
[null,null,"35","K","742190005","Vložení požárně těsnicího materiálu pro prostup","kus",{"v":20,"d":"20.000"},{"v":167,"d":"167.00"},{"$f":"ROUND(I193*H193,2)","v":{"v":3340,"d":"3,340.00"}},"CS ÚRS 2024 01",null,"","základní",null,{"$f":"O193*H193","v":{"v":0,"d":"0.00000"}},{"v":0,"d":"0.00000"},{"$f":"Q193*H193","v":{"v":0,"d":"0.00000"}},{"v":0,"d":"0.00000"},{"$f":"S193*H193","v":{"v":0,"d":"0.00000"}},{"$nulls":23},"16",null,"K","2",{"$nulls":3},"ROZPOCET",{"$nulls":5},{"$f":"IF(N193=\"základní\",J193,0)","v":{"v":3340,"d":"3,340.00"}},{"$f":"IF(N193=\"snížená\",J193,0)","v":{"v":0,"d":"0.00"}},{"$f":"IF(N193=\"zákl. přenesená\",J193,0)","v":{"v":0,"d":"0.00"}},{"$f":"IF(N193=\"sníž. přenesená\",J193,0)","v":{"v":0,"d":"0.00"}},{"$f":"IF(N193=\"nulová\",J193,0)","v":{"v":0,"d":"0.00"}},"1",{"$f":"ROUND(I193*H193,2)","v":{"v":3340,"d":"3,340.00"}},"16","-1572888835"]
[{"$nulls":3},"PP",null,"Ostatní práce pro trasy vložení požárně těsnicího materiálu pro prostup",{"$nulls":39},"PP","2"]
[{"$nulls":3},"Online PSC",null,"https://podminky.urs.cz/item/CS_URS_2024_01/742190005",{"$nulls":39},"Online PSC","2"]
[null,null,"36","M","23170003","pěna montážní PUR protipožární jednosložková","litr",{"v":40,"d":"40.000"},{"v":389,"d":"389.00"},{"$f":"ROUND(I196*H196,2)","v":{"v":15560,"d":"15,560.00"}},"CS ÚRS 2024 01",null,"","základní",null,{"$f":"O196*H196","v":{"v":0,"d":"0.00000"}},{"v":1.07E-3,"d":"0.00107"},{"$f":"Q196*H196","v":{"v":0.0428,"d":"0.04280"}},{"v":0,"d":"0.00000"},{"$f":"S196*H196","v":{"v":0,"d":"0.00000"}},{"$nulls":23},"32",null,"M","2",{"$nulls":3},"ROZPOCET",{"$nulls":5},{"$f":"IF(N196=\"základní\",J196,0)","v":{"v":15560,"d":"15,560.00"}},{"$f":"IF(N196=\"snížená\",J196,0)","v":{"v":0,"d":"0.00"}},{"$f":"IF(N196=\"zákl. přenesená\",J196,0)","v":{"v":0,"d":"0.00"}},{"$f":"IF(N196=\"sníž. přenesená\",J196,0)","v":{"v":0,"d":"0.00"}},{"$f":"IF(N196=\"nulová\",J196,0)","v":{"v":0,"d":"0.00"}},"1",{"$f":"ROUND(I196*H196,2)","v":{"v":15560,"d":"15,560.00"}},"16","-1431239146"]
[{"$nulls":3},"PP",null,"pěna montážní PUR protipožární jednosložková",{"$nulls":39},"PP","2"]
[null,null,"37","K","742330001","Montáž rozvaděče nástěnného","kus",{"v":9,"d":"9.000"},{"v":3222,"d":"3,222.00"},{"$f":"ROUND(I198*H198,2)","v":{"v":28998,"d":"28,998.00"}},"CS ÚRS 2024 01",null,"","základní",null,{"$f":"O198*H198","v":{"v":0,"d":"0.00000"}},{"v":0,"d":"0.00000"},{"$f":"Q198*H198","v":{"v":0,"d":"0.00000"}},{"v":0,"d":"0.00000"},{"$f":"S198*H198","v":{"v":0,"d":"0.00000"}},{"$nulls":23},"16",null,"K","2",{"$nulls":3},"ROZPOCET",{"$nulls":5},{"$f":"IF(N198=\"základní\",J198,0)","v":{"v":28998,"d":"28,998.00"}},{"$f":"IF(N198=\"snížená\",J198,0)","v":{"v":0,"d":"0.00"}},{"$f":"IF(N198=\"zákl. přenesená\",J198,0)","v":{"v":0,"d":"0.00"}},{"$f":"IF(N198=\"sníž. přenesená\",J198,0)","v":{"v":0,"d":"0.00"}},{"$f":"IF(N198=\"nulová\",J198,0)","v":{"v":0,"d":"0.00"}},"1",{"$f":"ROUND(I198*H198,2)","v":{"v":28998,"d":"28,998.00"}},"16","-1549429468"]
[{"$nulls":3},"PP",null,"Montáž strukturované kabeláže rozvaděče nástěnného",{"$nulls":39},"PP","2"]
[{"$nulls":3},"Online PSC",null,"https://podminky.urs.cz/item/CS_URS_2024_01/742330001",{"$nulls":39},"Online PSC","2"]
[null,null,"38","M","35712011","rozvaděč nástěnný jednodílný 19\" celoskleněné dveře 18U/500mm","kus",{"v":9,"d":"9.000"},{"v":5444,"d":"5,444.00"},{"$f":"ROUND(I201*H201,2)","v":{"v":48996,"d":"48,996.00"}},"CS ÚRS 2024 01",null,"","základní",null,{"$f":"O201*H201","v":{"v":0,"d":"0.00000"}},{"v":0.0277,"d":"0.02770"},{"$f":"Q201*H201","v":{"v":0.2493,"d":"0.24930"}},{"v":0,"d":"0.00000"},{"$f":"S201*H201","v":{"v":0,"d":"0.00000"}},{"$nulls":23},"32",null,"M","2",{"$nulls":3},"ROZPOCET",{"$nulls":5},{"$f":"IF(N201=\"základní\",J201,0)","v":{"v":48996,"d":"48,996.00"}},{"$f":"IF(N201=\"snížená\",J201,0)","v":{"v":0,"d":"0.00"}},{"$f":"IF(N201=\"zákl. přenesená\",J201,0)","v":{"v":0,"d":"0.00"}},{"$f":"IF(N201=\"sníž. přenesená\",J201,0)","v":{"v":0,"d":"0.00"}},{"$f":"IF(N201=\"nulová\",J201,0)","v":{"v":0,"d":"0.00"}},"1",{"$f":"ROUND(I201*H201,2)","v":{"v":48996,"d":"48,996.00"}},"16","-661730513"]
[{"$nulls":3},"PP",null,"rozvaděč nástěnný jednodílný 19\" celoskleněné dveře 18U/500mm",{"$nulls":39},"PP","2"]
[null,null,"39","K","742330004","Montáž rozvaděče stojanového do 30U","kus",{"v":2,"d":"2.000"},{"v":2000,"d":"2,000.00"},{"$f":"ROUND(I203*H203,2)","v":{"v":4000,"d":"4,000.00"}},"CS ÚRS 2024 01",null,"","základní",null,{"$f":"O203*H203","v":{"v":0,"d":"0.00000"}},{"v":0,"d":"0.00000"},{"$f":"Q203*H203","v":{"v":0,"d":"0.00000"}},{"v":0,"d":"0.00000"},{"$f":"S203*H203","v":{"v":0,"d":"0.00000"}},{"$nulls":23},"16",null,"K","2",{"$nulls":3},"ROZPOCET",{"$nulls":5},{"$f":"IF(N203=\"základní\",J203,0)","v":{"v":4000,"d":"4,000.00"}},{"$f":"IF(N203=\"snížená\",J203,0)","v":{"v":0,"d":"0.00"}},{"$f":"IF(N203=\"zákl. přenesená\",J203,0)","v":{"v":0,"d":"0.00"}},{"$f":"IF(N203=\"sníž. přenesená\",J203,0)","v":{"v":0,"d":"0.00"}},{"$f":"IF(N203=\"nulová\",J203,0)","v":{"v":0,"d":"0.00"}},"1",{"$f":"ROUND(I203*H203,2)","v":{"v":4000,"d":"4,000.00"}},"16","2032294192"]
[{"$nulls":3},"PP",null,"Montáž strukturované kabeláže rozvaděče stojanového do 30U",{"$nulls":39},"PP","2"]
[{"$nulls":3},"Online PSC",null,"https://podminky.urs.cz/item/CS_URS_2024_01/742330004",{"$nulls":39},"Online PSC","2"]
[null,null,"40","M","35712049R","rozvaděč stojanový 19\" celoskleněné dveře 15U/800x800mm","kus",{"v":1,"d":"1.000"},{"v":11920,"d":"11,920.00"},{"$f":"ROUND(I206*H206,2)","v":{"v":11920,"d":"11,920.00"}},"R-položka",null,"","základní",null,{"$f":"O206*H206","v":{"v":0,"d":"0.00000"}},{"v":0.055,"d":"0.05500"},{"$f":"Q206*H206","v":{"v":0.055,"d":"0.05500"}},{"v":0,"d":"0.00000"},{"$f":"S206*H206","v":{"v":0,"d":"0.00000"}},{"$nulls":23},"32",null,"M","2",{"$nulls":3},"ROZPOCET",{"$nulls":5},{"$f":"IF(N206=\"základní\",J206,0)","v":{"v":11920,"d":"11,920.00"}},{"$f":"IF(N206=\"snížená\",J206,0)","v":{"v":0,"d":"0.00"}},{"$f":"IF(N206=\"zákl. přenesená\",J206,0)","v":{"v":0,"d":"0.00"}},{"$f":"IF(N206=\"sníž. přenesená\",J206,0)","v":{"v":0,"d":"0.00"}},{"$f":"IF(N206=\"nulová\",J206,0)","v":{"v":0,"d":"0.00"}},"1",{"$f":"ROUND(I206*H206,2)","v":{"v":11920,"d":"11,920.00"}},"16","1648766991"]
[{"$nulls":3},"PP",null,"rozvaděč stojanový 19\" celoskleněné dveře 15U/800x800mm",{"$nulls":39},"PP","2"]
[null,null,"41","M","35712051","rozvaděč stojanový 19\" celoskleněné dveře 27U/800x800mm","kus",{"v":1,"d":"1.000"},{"v":14820,"d":"14,820.00"},{"$f":"ROUND(I208*H208,2)","v":{"v":14820,"d":"14,820.00"}},"CS ÚRS 2024 01",null,"","základní",null,{"$f":"O208*H208","v":{"v":0,"d":"0.00000"}},{"v":0.061,"d":"0.06100"},{"$f":"Q208*H208","v":{"v":0.061,"d":"0.06100"}},{"v":0,"d":"0.00000"},{"$f":"S208*H208","v":{"v":0,"d":"0.00000"}},{"$nulls":23},"32",null,"M","2",{"$nulls":3},"ROZPOCET",{"$nulls":5},{"$f":"IF(N208=\"základní\",J208,0)","v":{"v":14820,"d":"14,820.00"}},{"$f":"IF(N208=\"snížená\",J208,0)","v":{"v":0,"d":"0.00"}},{"$f":"IF(N208=\"zákl. přenesená\",J208,0)","v":{"v":0,"d":"0.00"}},{"$f":"IF(N208=\"sníž. přenesená\",J208,0)","v":{"v":0,"d":"0.00"}},{"$f":"IF(N208=\"nulová\",J208,0)","v":{"v":0,"d":"0.00"}},"1",{"$f":"ROUND(I208*H208,2)","v":{"v":14820,"d":"14,820.00"}},"16","1208702725"]
[{"$nulls":3},"PP",null,"rozvaděč stojanový 19\" celoskleněné dveře 27U/800x800mm",{"$nulls":39},"PP","2"]
[null,null,"42","K","742330005","Montáž rozvaděče stojanového přes 30U","kus",{"v":1,"d":"1.000"},{"v":4000,"d":"4,000.00"},{"$f":"ROUND(I210*H210,2)","v":{"v":4000,"d":"4,000.00"}},"CS ÚRS 2024 01",null,"","základní",null,{"$f":"O210*H210","v":{"v":0,"d":"0.00000"}},{"v":0,"d":"0.00000"},{"$f":"Q210*H210","v":{"v":0,"d":"0.00000"}},{"v":0,"d":"0.00000"},{"$f":"S210*H210","v":{"v":0,"d":"0.00000"}},{"$nulls":23},"16",null,"K","2",{"$nulls":3},"ROZPOCET",{"$nulls":5},{"$f":"IF(N210=\"základní\",J210,0)","v":{"v":4000,"d":"4,000.00"}},{"$f":"IF(N210=\"snížená\",J210,0)","v":{"v":0,"d":"0.00"}},{"$f":"IF(N210=\"zákl. přenesená\",J210,0)","v":{"v":0,"d":"0.00"}},{"$f":"IF(N210=\"sníž. přenesená\",J210,0)","v":{"v":0,"d":"0.00"}},{"$f":"IF(N210=\"nulová\",J210,0)","v":{"v":0,"d":"0.00"}},"1",{"$f":"ROUND(I210*H210,2)","v":{"v":4000,"d":"4,000.00"}},"16","-2141020172"]
[{"$nulls":3},"PP",null,"Montáž strukturované kabeláže rozvaděče stojanového přes 30U",{"$nulls":39},"PP","2"]
[{"$nulls":3},"Online PSC",null,"https://podminky.urs.cz/item/CS_URS_2024_01/742330005",{"$nulls":39},"Online PSC","2"]
[null,null,"43","M","35712055","rozvaděč stojanový 19\" celoskleněné dveře 45U/800x800mm","kus",{"v":1,"d":"1.000"},{"v":16556,"d":"16,556.00"},{"$f":"ROUND(I213*H213,2)","v":{"v":16556,"d":"16,556.00"}},"CS ÚRS 2024 01",null,"","základní",null,{"$f":"O213*H213","v":{"v":0,"d":"0.00000"}},{"v":0.101,"d":"0.10100"},{"$f":"Q213*H213","v":{"v":0.101,"d":"0.10100"}},{"v":0,"d":"0.00000"},{"$f":"S213*H213","v":{"v":0,"d":"0.00000"}},{"$nulls":23},"32",null,"M","2",{"$nulls":3},"ROZPOCET",{"$nulls":5},{"$f":"IF(N213=\"základní\",J213,0)","v":{"v":16556,"d":"16,556.00"}},{"$f":"IF(N213=\"snížená\",J213,0)","v":{"v":0,"d":"0.00"}},{"$f":"IF(N213=\"zákl. přenesená\",J213,0)","v":{"v":0,"d":"0.00"}},{"$f":"IF(N213=\"sníž. přenesená\",J213,0)","v":{"v":0,"d":"0.00"}},{"$f":"IF(N213=\"nulová\",J213,0)","v":{"v":0,"d":"0.00"}},"1",{"$f":"ROUND(I213*H213,2)","v":{"v":16556,"d":"16,556.00"}},"16","2140445027"]
[{"$nulls":3},"PP",null,"rozvaděč stojanový 19\" celoskleněné dveře 45U/800x800mm",{"$nulls":39},"PP","2"]
[null,null,"44","K","742330012","Montáž zařízení do rozvaděče (switch, UPS, DVR, server) bez nastavení","kus",{"v":30,"d":"30.000"},{"v":1026,"d":"1,026.00"},{"$f":"ROUND(I215*H215,2)","v":{"v":30780,"d":"30,780.00"}},"CS ÚRS 2024 01",null,"","základní",null,{"$f":"O215*H215","v":{"v":0,"d":"0.00000"}},{"v":0,"d":"0.00000"},{"$f":"Q215*H215","v":{"v":0,"d":"0.00000"}},{"v":0,"d":"0.00000"},{"$f":"S215*H215","v":{"v":0,"d":"0.00000"}},{"$nulls":23},"16",null,"K","2",{"$nulls":3},"ROZPOCET",{"$nulls":5},{"$f":"IF(N215=\"základní\",J215,0)","v":{"v":30780,"d":"30,780.00"}},{"$f":"IF(N215=\"snížená\",J215,0)","v":{"v":0,"d":"0.00"}},{"$f":"IF(N215=\"zákl. přenesená\",J215,0)","v":{"v":0,"d":"0.00"}},{"$f":"IF(N215=\"sníž. přenesená\",J215,0)","v":{"v":0,"d":"0.00"}},{"$f":"IF(N215=\"nulová\",J215,0)","v":{"v":0,"d":"0.00"}},"1",{"$f":"ROUND(I215*H215,2)","v":{"v":30780,"d":"30,780.00"}},"16","778804042"]
[{"$nulls":3},"PP",null,"Montáž strukturované kabeláže zařízení do rozvaděče switche, UPS, DVR, server bez nastavení",{"$nulls":39},"PP","2"]
[{"$nulls":3},"Online PSC",null,"https://podminky.urs.cz/item/CS_URS_2024_01/742330012",{"$nulls":39},"Online PSC","2"]
[null,null,"45","K","742330022","Montáž napájecího panelu do rozvaděče","kus",{"v":11,"d":"11.000"},{"v":226,"d":"226.00"},{"$f":"ROUND(I218*H218,2)","v":{"v":2486,"d":"2,486.00"}},"CS ÚRS 2024 01",null,"","základní",null,{"$f":"O218*H218","v":{"v":0,"d":"0.00000"}},{"v":0,"d":"0.00000"},{"$f":"Q218*H218","v":{"v":0,"d":"0.00000"}},{"v":0,"d":"0.00000"},{"$f":"S218*H218","v":{"v":0,"d":"0.00000"}},{"$nulls":23},"16",null,"K","2",{"$nulls":3},"ROZPOCET",{"$nulls":5},{"$f":"IF(N218=\"základní\",J218,0)","v":{"v":2486,"d":"2,486.00"}},{"$f":"IF(N218=\"snížená\",J218,0)","v":{"v":0,"d":"0.00"}},{"$f":"IF(N218=\"zákl. přenesená\",J218,0)","v":{"v":0,"d":"0.00"}},{"$f":"IF(N218=\"sníž. přenesená\",J218,0)","v":{"v":0,"d":"0.00"}},{"$f":"IF(N218=\"nulová\",J218,0)","v":{"v":0,"d":"0.00"}},"1",{"$f":"ROUND(I218*H218,2)","v":{"v":2486,"d":"2,486.00"}},"16","-985495020"]
[{"$nulls":3},"PP",null,"Montáž strukturované kabeláže příslušenství a ostatní práce k rozvaděčům napájecího panelu",{"$nulls":39},"PP","2"]
[{"$nulls":3},"Online PSC",null,"https://podminky.urs.cz/item/CS_URS_2024_01/742330022",{"$nulls":39},"Online PSC","2"]
[null,null,"46","M","35712107","panel rozvodný 19\" 1U 8x zásuvka dle ČSN max 16A bleskojistka kabel 3x1,5mm 2m","kus",{"v":11,"d":"11.000"},null,{"$f":"ROUND(I221*H221,2)","v":{"v":0,"d":"0.00"}},"CS ÚRS 2024 01",null,"","základní",null,{"$f":"O221*H221","v":{"v":0,"d":"0.00000"}},{"v":2E-3,"d":"0.00200"},{"$f":"Q221*H221","v":{"v":0.022,"d":"0.02200"}},{"v":0,"d":"0.00000"},{"$f":"S221*H221","v":{"v":0,"d":"0.00000"}},{"$nulls":23},"32",null,"M","2",{"$nulls":3},"ROZPOCET",{"$nulls":5},{"$f":"IF(N221=\"základní\",J221,0)","v":{"v":0,"d":"0.00"}},{"$f":"IF(N221=\"snížená\",J221,0)","v":{"v":0,"d":"0.00"}},{"$f":"IF(N221=\"zákl. přenesená\",J221,0)","v":{"v":0,"d":"0.00"}},{"$f":"IF(N221=\"sníž. přenesená\",J221,0)","v":{"v":0,"d":"0.00"}},{"$f":"IF(N221=\"nulová\",J221,0)","v":{"v":0,"d":"0.00"}},"1",{"$f":"ROUND(I221*H221,2)","v":{"v":0,"d":"0.00"}},"16","-1099128530"]
[{"$nulls":3},"PP",null,"panel rozvodný 19\" 1U 8x zásuvka dle ČSN max 16A bleskojistka kabel 3x1,5mm 2m",{"$nulls":39},"PP","2"]
[null,null,"47","K","742330023","Montáž vyvazovacího panelu 1U","kus",{"v":49,"d":"49.000"},{"v":100,"d":"100.00"},{"$f":"ROUND(I223*H223,2)","v":{"v":4900,"d":"4,900.00"}},"CS ÚRS 2024 01",null,"","základní",null,{"$f":"O223*H223","v":{"v":0,"d":"0.00000"}},{"v":0,"d":"0.00000"},{"$f":"Q223*H223","v":{"v":0,"d":"0.00000"}},{"v":0,"d":"0.00000"},{"$f":"S223*H223","v":{"v":0,"d":"0.00000"}},{"$nulls":23},"16",null,"K","2",{"$nulls":3},"ROZPOCET",{"$nulls":5},{"$f":"IF(N223=\"základní\",J223,0)","v":{"v":4900,"d":"4,900.00"}},{"$f":"IF(N223=\"snížená\",J223,0)","v":{"v":0,"d":"0.00"}},{"$f":"IF(N223=\"zákl. přenesená\",J223,0)","v":{"v":0,"d":"0.00"}},{"$f":"IF(N223=\"sníž. přenesená\",J223,0)","v":{"v":0,"d":"0.00"}},{"$f":"IF(N223=\"nulová\",J223,0)","v":{"v":0,"d":"0.00"}},"1",{"$f":"ROUND(I223*H223,2)","v":{"v":4900,"d":"4,900.00"}},"16","581467609"]
[{"$nulls":3},"PP",null,"Montáž strukturované kabeláže příslušenství a ostatní práce k rozvaděčům vyvazovacíhoho panelu 1U",{"$nulls":39},"PP","2"]
[{"$nulls":3},"Online PSC",null,"https://podminky.urs.cz/item/CS_URS_2024_01/742330023",{"$nulls":39},"Online PSC","2"]
[null,null,"48","M","37451145","panel vyvazovací 5x plastové oko s průchody 1U 19\"","kus",{"v":49,"d":"49.000"},{"v":184,"d":"184.00"},{"$f":"ROUND(I226*H226,2)","v":{"v":9016,"d":"9,016.00"}},"CS ÚRS 2024 01",null,"","základní",null,{"$f":"O226*H226","v":{"v":0,"d":"0.00000"}},{"v":1E-4,"d":"0.00010"},{"$f":"Q226*H226","v":{"v":0.0049,"d":"0.00490"}},{"v":0,"d":"0.00000"},{"$f":"S226*H226","v":{"v":0,"d":"0.00000"}},{"$nulls":23},"32",null,"M","2",{"$nulls":3},"ROZPOCET",{"$nulls":5},{"$f":"IF(N226=\"základní\",J226,0)","v":{"v":9016,"d":"9,016.00"}},{"$f":"IF(N226=\"snížená\",J226,0)","v":{"v":0,"d":"0.00"}},{"$f":"IF(N226=\"zákl. přenesená\",J226,0)","v":{"v":0,"d":"0.00"}},{"$f":"IF(N226=\"sníž. přenesená\",J226,0)","v":{"v":0,"d":"0.00"}},{"$f":"IF(N226=\"nulová\",J226,0)","v":{"v":0,"d":"0.00"}},"1",{"$f":"ROUND(I226*H226,2)","v":{"v":9016,"d":"9,016.00"}},"16","1828313750"]
[{"$nulls":3},"PP",null,"panel vyvazovací 5x plastové oko s průchody 1U 19\"",{"$nulls":39},"PP","2"]
[null,null,"49","K","742330024","Montáž patch panelu 24 portů","kus",{"v":29,"d":"29.000"},{"v":1222,"d":"1,222.00"},{"$f":"ROUND(I228*H228,2)","v":{"v":35438,"d":"35,438.00"}},"CS ÚRS 2024 01",null,"","základní",null,{"$f":"O228*H228","v":{"v":0,"d":"0.00000"}},{"v":0,"d":"0.00000"},{"$f":"Q228*H228","v":{"v":0,"d":"0.00000"}},{"v":0,"d":"0.00000"},{"$f":"S228*H228","v":{"v":0,"d":"0.00000"}},{"$nulls":23},"16",null,"K","2",{"$nulls":3},"ROZPOCET",{"$nulls":5},{"$f":"IF(N228=\"základní\",J228,0)","v":{"v":35438,"d":"35,438.00"}},{"$f":"IF(N228=\"snížená\",J228,0)","v":{"v":0,"d":"0.00"}},{"$f":"IF(N228=\"zákl. přenesená\",J228,0)","v":{"v":0,"d":"0.00"}},{"$f":"IF(N228=\"sníž. přenesená\",J228,0)","v":{"v":0,"d":"0.00"}},{"$f":"IF(N228=\"nulová\",J228,0)","v":{"v":0,"d":"0.00"}},"1",{"$f":"ROUND(I228*H228,2)","v":{"v":35438,"d":"35,438.00"}},"16","-677583672"]
[{"$nulls":3},"PP",null,"Montáž strukturované kabeláže příslušenství a ostatní práce k rozvaděčům patch panelu 24 portů",{"$nulls":39},"PP","2"]
[{"$nulls":3},"Online PSC",null,"https://podminky.urs.cz/item/CS_URS_2024_01/742330024",{"$nulls":39},"Online PSC","2"]
[null,null,"50","M","37451110","patch panel Cat6 PCB 1U 24 portů 19\" UTP","kus",{"v":29,"d":"29.000"},{"v":1311,"d":"1,311.00"},{"$f":"ROUND(I231*H231,2)","v":{"v":38019,"d":"38,019.00"}},"CS ÚRS 2024 01",null,"","základní",null,{"$f":"O231*H231","v":{"v":0,"d":"0.00000"}},{"v":1E-4,"d":"0.00010"},{"$f":"Q231*H231","v":{"v":2.9000000000000002E-3,"d":"0.00290"}},{"v":0,"d":"0.00000"},{"$f":"S231*H231","v":{"v":0,"d":"0.00000"}},{"$nulls":23},"32",null,"M","2",{"$nulls":3},"ROZPOCET",{"$nulls":5},{"$f":"IF(N231=\"základní\",J231,0)","v":{"v":38019,"d":"38,019.00"}},{"$f":"IF(N231=\"snížená\",J231,0)","v":{"v":0,"d":"0.00"}},{"$f":"IF(N231=\"zákl. přenesená\",J231,0)","v":{"v":0,"d":"0.00"}},{"$f":"IF(N231=\"sníž. přenesená\",J231,0)","v":{"v":0,"d":"0.00"}},{"$f":"IF(N231=\"nulová\",J231,0)","v":{"v":0,"d":"0.00"}},"1",{"$f":"ROUND(I231*H231,2)","v":{"v":38019,"d":"38,019.00"}},"16","-2090486010"]
[{"$nulls":3},"PP",null,"patch panel Cat6 PCB 1U 24 portů 19\" UTP",{"$nulls":39},"PP","2"]
[null,null,"51","K","742330027","Montáž panelu pro 24 x optický konektor","kus",{"v":20,"d":"20.000"},{"v":153,"d":"153.00"},{"$f":"ROUND(I233*H233,2)","v":{"v":3060,"d":"3,060.00"}},"CS ÚRS 2024 01",null,"","základní",null,{"$f":"O233*H233","v":{"v":0,"d":"0.00000"}},{"v":0,"d":"0.00000"},{"$f":"Q233*H233","v":{"v":0,"d":"0.00000"}},{"v":0,"d":"0.00000"},{"$f":"S233*H233","v":{"v":0,"d":"0.00000"}},{"$nulls":23},"16",null,"K","2",{"$nulls":3},"ROZPOCET",{"$nulls":5},{"$f":"IF(N233=\"základní\",J233,0)","v":{"v":3060,"d":"3,060.00"}},{"$f":"IF(N233=\"snížená\",J233,0)","v":{"v":0,"d":"0.00"}},{"$f":"IF(N233=\"zákl. přenesená\",J233,0)","v":{"v":0,"d":"0.00"}},{"$f":"IF(N233=\"sníž. přenesená\",J233,0)","v":{"v":0,"d":"0.00"}},{"$f":"IF(N233=\"nulová\",J233,0)","v":{"v":0,"d":"0.00"}},"1",{"$f":"ROUND(I233*H233,2)","v":{"v":3060,"d":"3,060.00"}},"16","-1335513100"]
[{"$nulls":3},"PP",null,"Montáž strukturované kabeláže příslušenství a ostatní práce k rozvaděčům panelu pro 24 x optický konektor",{"$nulls":39},"PP","2"]
[{"$nulls":3},"Online PSC",null,"https://podminky.urs.cz/item/CS_URS_2024_01/742330027",{"$nulls":39},"Online PSC","2"]
[null,null,"52","K","742330029","Montáž konektoru SM, MM","kus",{"v":160,"d":"160.000"},{"v":36,"d":"36.00"},{"$f":"ROUND(I236*H236,2)","v":{"v":5760,"d":"5,760.00"}},"CS ÚRS 2024 01",null,"","základní",null,{"$f":"O236*H236","v":{"v":0,"d":"0.00000"}},{"v":0,"d":"0.00000"},{"$f":"Q236*H236","v":{"v":0,"d":"0.00000"}},{"v":0,"d":"0.00000"},{"$f":"S236*H236","v":{"v":0,"d":"0.00000"}},{"$nulls":23},"16",null,"K","2",{"$nulls":3},"ROZPOCET",{"$nulls":5},{"$f":"IF(N236=\"základní\",J236,0)","v":{"v":5760,"d":"5,760.00"}},{"$f":"IF(N236=\"snížená\",J236,0)","v":{"v":0,"d":"0.00"}},{"$f":"IF(N236=\"zákl. přenesená\",J236,0)","v":{"v":0,"d":"0.00"}},{"$f":"IF(N236=\"sníž. přenesená\",J236,0)","v":{"v":0,"d":"0.00"}},{"$f":"IF(N236=\"nulová\",J236,0)","v":{"v":0,"d":"0.00"}},"1",{"$f":"ROUND(I236*H236,2)","v":{"v":5760,"d":"5,760.00"}},"16","-1494637156"]
[{"$nulls":3},"PP",null,"Montáž strukturované kabeláže příslušenství a ostatní práce k rozvaděčům konektoru MM/SM",{"$nulls":39},"PP","2"]
[{"$nulls":3},"Online PSC",null,"https://podminky.urs.cz/item/CS_URS_2024_01/742330029",{"$nulls":39},"Online PSC","2"]
[null,null,"53","M","37459045","adaptér optický SC OS modrý simplex","kus",{"v":160,"d":"160.000"},{"v":27,"d":"27.00"},{"$f":"ROUND(I239*H239,2)","v":{"v":4320,"d":"4,320.00"}},"CS ÚRS 2024 01",null,"","základní",null,{"$f":"O239*H239","v":{"v":0,"d":"0.00000"}},{"v":1E-4,"d":"0.00010"},{"$f":"Q239*H239","v":{"v":0.016,"d":"0.01600"}},{"v":0,"d":"0.00000"},{"$f":"S239*H239","v":{"v":0,"d":"0.00000"}},{"$nulls":23},"32",null,"M","2",{"$nulls":3},"ROZPOCET",{"$nulls":5},{"$f":"IF(N239=\"základní\",J239,0)","v":{"v":4320,"d":"4,320.00"}},{"$f":"IF(N239=\"snížená\",J239,0)","v":{"v":0,"d":"0.00"}},{"$f":"IF(N239=\"zákl. přenesená\",J239,0)","v":{"v":0,"d":"0.00"}},{"$f":"IF(N239=\"sníž. přenesená\",J239,0)","v":{"v":0,"d":"0.00"}},{"$f":"IF(N239=\"nulová\",J239,0)","v":{"v":0,"d":"0.00"}},"1",{"$f":"ROUND(I239*H239,2)","v":{"v":4320,"d":"4,320.00"}},"16","393021990"]
[{"$nulls":3},"PP",null,"adaptér optický SC OS modrý simplex",{"$nulls":39},"PP","2"]
[null,null,"54","K","742330031","Teplem smrštitelná ochrana svaru","kus",{"v":160,"d":"160.000"},{"v":21,"d":"21.00"},{"$f":"ROUND(I241*H241,2)","v":{"v":3360,"d":"3,360.00"}},"CS ÚRS 2024 01",null,"","základní",null,{"$f":"O241*H241","v":{"v":0,"d":"0.00000"}},{"v":0,"d":"0.00000"},{"$f":"Q241*H241","v":{"v":0,"d":"0.00000"}},{"v":0,"d":"0.00000"},{"$f":"S241*H241","v":{"v":0,"d":"0.00000"}},{"$nulls":23},"16",null,"K","2",{"$nulls":3},"ROZPOCET",{"$nulls":5},{"$f":"IF(N241=\"základní\",J241,0)","v":{"v":3360,"d":"3,360.00"}},{"$f":"IF(N241=\"snížená\",J241,0)","v":{"v":0,"d":"0.00"}},{"$f":"IF(N241=\"zákl. přenesená\",J241,0)","v":{"v":0,"d":"0.00"}},{"$f":"IF(N241=\"sníž. přenesená\",J241,0)","v":{"v":0,"d":"0.00"}},{"$f":"IF(N241=\"nulová\",J241,0)","v":{"v":0,"d":"0.00"}},"1",{"$f":"ROUND(I241*H241,2)","v":{"v":3360,"d":"3,360.00"}},"16","-2064096239"]
[{"$nulls":3},"PP",null,"Montáž strukturované kabeláže příslušenství a ostatní práce k rozvaděčům teplem smrštitelná ochrana svaru",{"$nulls":39},"PP","2"]
[{"$nulls":3},"Online PSC",null,"https://podminky.urs.cz/item/CS_URS_2024_01/742330031",{"$nulls":39},"Online PSC","2"]
[null,null,"55","M","34343000","ochrana teplem smrštitelná optického svaru 2,5x45mm","kus",{"v":160,"d":"160.000"},{"v":8,"d":"8.00"},{"$f":"ROUND(I244*H244,2)","v":{"v":1280,"d":"1,280.00"}},"CS ÚRS 2024 01",null,"","základní",null,{"$f":"O244*H244","v":{"v":0,"d":"0.00000"}},{"v":1e-05,"d":"0.00001"},{"$f":"Q244*H244","v":{"v":0.0016,"d":"0.00160"}},{"v":0,"d":"0.00000"},{"$f":"S244*H244","v":{"v":0,"d":"0.00000"}},{"$nulls":23},"32",null,"M","2",{"$nulls":3},"ROZPOCET",{"$nulls":5},{"$f":"IF(N244=\"základní\",J244,0)","v":{"v":1280,"d":"1,280.00"}},{"$f":"IF(N244=\"snížená\",J244,0)","v":{"v":0,"d":"0.00"}},{"$f":"IF(N244=\"zákl. přenesená\",J244,0)","v":{"v":0,"d":"0.00"}},{"$f":"IF(N244=\"sníž. přenesená\",J244,0)","v":{"v":0,"d":"0.00"}},{"$f":"IF(N244=\"nulová\",J244,0)","v":{"v":0,"d":"0.00"}},"1",{"$f":"ROUND(I244*H244,2)","v":{"v":1280,"d":"1,280.00"}},"16","886934492"]
[{"$nulls":3},"PP",null,"ochrana teplem smrštitelná optického svaru 2,5x45mm",{"$nulls":39},"PP","2"]
[null,null,"56","K","742330036","Montáž optické vany - sestavení","kus",{"v":18,"d":"18.000"},{"v":461,"d":"461.00"},{"$f":"ROUND(I246*H246,2)","v":{"v":8298,"d":"8,298.00"}},"CS ÚRS 2024 01",null,"","základní",null,{"$f":"O246*H246","v":{"v":0,"d":"0.00000"}},{"v":0,"d":"0.00000"},{"$f":"Q246*H246","v":{"v":0,"d":"0.00000"}},{"v":0,"d":"0.00000"},{"$f":"S246*H246","v":{"v":0,"d":"0.00000"}},{"$nulls":23},"16",null,"K","2",{"$nulls":3},"ROZPOCET",{"$nulls":5},{"$f":"IF(N246=\"základní\",J246,0)","v":{"v":8298,"d":"8,298.00"}},{"$f":"IF(N246=\"snížená\",J246,0)","v":{"v":0,"d":"0.00"}},{"$f":"IF(N246=\"zákl. přenesená\",J246,0)","v":{"v":0,"d":"0.00"}},{"$f":"IF(N246=\"sníž. přenesená\",J246,0)","v":{"v":0,"d":"0.00"}},{"$f":"IF(N246=\"nulová\",J246,0)","v":{"v":0,"d":"0.00"}},"1",{"$f":"ROUND(I246*H246,2)","v":{"v":8298,"d":"8,298.00"}},"16","-348674529"]
[{"$nulls":3},"PP",null,"Montáž strukturované kabeláže příslušenství a ostatní práce k rozvaděčům sestavení optické vany",{"$nulls":39},"PP","2"]
[{"$nulls":3},"Online PSC",null,"https://podminky.urs.cz/item/CS_URS_2024_01/742330036",{"$nulls":39},"Online PSC","2"]
[null,null,"57","M","35759005","vana optická neosazená výsuvná 1U 1xkazeta pro 24 svárů 12xSC duplex","kus",{"v":18,"d":"18.000"},{"v":1478,"d":"1,478.00"},{"$f":"ROUND(I249*H249,2)","v":{"v":26604,"d":"26,604.00"}},"CS ÚRS 2024 01",null,"","základní",null,{"$f":"O249*H249","v":{"v":0,"d":"0.00000"}},{"v":0.0005,"d":"0.00050"},{"$f":"Q249*H249","v":{"v":0.009000000000000001,"d":"0.00900"}},{"v":0,"d":"0.00000"},{"$f":"S249*H249","v":{"v":0,"d":"0.00000"}},{"$nulls":23},"32",null,"M","2",{"$nulls":3},"ROZPOCET",{"$nulls":5},{"$f":"IF(N249=\"základní\",J249,0)","v":{"v":26604,"d":"26,604.00"}},{"$f":"IF(N249=\"snížená\",J249,0)","v":{"v":0,"d":"0.00"}},{"$f":"IF(N249=\"zákl. přenesená\",J249,0)","v":{"v":0,"d":"0.00"}},{"$f":"IF(N249=\"sníž. přenesená\",J249,0)","v":{"v":0,"d":"0.00"}},{"$f":"IF(N249=\"nulová\",J249,0)","v":{"v":0,"d":"0.00"}},"1",{"$f":"ROUND(I249*H249,2)","v":{"v":26604,"d":"26,604.00"}},"16","-927710485"]
[{"$nulls":3},"PP",null,"vana optická neosazená výsuvná 1U 1xkazeta pro 24 svárů 12xSC duplex",{"$nulls":39},"PP","2"]
[null,null,"58","K","742330037","Montáž jednotky ventilační do stropu či podlahy stojanového rozvaděče","kus",{"v":11,"d":"11.000"},{"v":410,"d":"410.00"},{"$f":"ROUND(I251*H251,2)","v":{"v":4510,"d":"4,510.00"}},"CS ÚRS 2024 01",null,"","základní",null,{"$f":"O251*H251","v":{"v":0,"d":"0.00000"}},{"v":0,"d":"0.00000"},{"$f":"Q251*H251","v":{"v":0,"d":"0.00000"}},{"v":0,"d":"0.00000"},{"$f":"S251*H251","v":{"v":0,"d":"0.00000"}},{"$nulls":23},"16",null,"K","2",{"$nulls":3},"ROZPOCET",{"$nulls":5},{"$f":"IF(N251=\"základní\",J251,0)","v":{"v":4510,"d":"4,510.00"}},{"$f":"IF(N251=\"snížená\",J251,0)","v":{"v":0,"d":"0.00"}},{"$f":"IF(N251=\"zákl. přenesená\",J251,0)","v":{"v":0,"d":"0.00"}},{"$f":"IF(N251=\"sníž. přenesená\",J251,0)","v":{"v":0,"d":"0.00"}},{"$f":"IF(N251=\"nulová\",J251,0)","v":{"v":0,"d":"0.00"}},"1",{"$f":"ROUND(I251*H251,2)","v":{"v":4510,"d":"4,510.00"}},"16","-1604718383"]
[{"$nulls":3},"PP",null,"Montáž strukturované kabeláže příslušenství a ostatní práce k rozvaděčům jednotky ventilační do stropu či podlahy stojanového rozvaděče",{"$nulls":39},"PP","2"]
[{"$nulls":3},"Online PSC",null,"https://podminky.urs.cz/item/CS_URS_2024_01/742330037",{"$nulls":39},"Online PSC","2"]
[null,null,"59","M","42914001","jednotka ventilační rozvaděče univerzální se 4 ventilátory do stropu nebo podlahy","kus",{"v":11,"d":"11.000"},{"v":4433,"d":"4,433.00"},{"$f":"ROUND(I254*H254,2)","v":{"v":48763,"d":"48,763.00"}},"CS ÚRS 2024 01",null,"","základní",null,{"$f":"O254*H254","v":{"v":0,"d":"0.00000"}},{"v":1E-3,"d":"0.00100"},{"$f":"Q254*H254","v":{"v":0.011,"d":"0.01100"}},{"v":0,"d":"0.00000"},{"$f":"S254*H254","v":{"v":0,"d":"0.00000"}},{"$nulls":23},"32",null,"M","2",{"$nulls":3},"ROZPOCET",{"$nulls":5},{"$f":"IF(N254=\"základní\",J254,0)","v":{"v":48763,"d":"48,763.00"}},{"$f":"IF(N254=\"snížená\",J254,0)","v":{"v":0,"d":"0.00"}},{"$f":"IF(N254=\"zákl. přenesená\",J254,0)","v":{"v":0,"d":"0.00"}},{"$f":"IF(N254=\"sníž. přenesená\",J254,0)","v":{"v":0,"d":"0.00"}},{"$f":"IF(N254=\"nulová\",J254,0)","v":{"v":0,"d":"0.00"}},"1",{"$f":"ROUND(I254*H254,2)","v":{"v":48763,"d":"48,763.00"}},"16","-2049696341"]
[{"$nulls":3},"PP",null,"jednotka ventilační rozvaděče univerzální se 4 ventilátory do stropu nebo podlahy",{"$nulls":39},"PP","2"]
[null,null,"60","K","742330045","Montáž datové zásuvky 1 až 6 pozic přisazené na omítku","kus",{"v":302,"d":"302.000"},{"v":180,"d":"180.00"},{"$f":"ROUND(I256*H256,2)","v":{"v":54360,"d":"54,360.00"}},"CS ÚRS 2024 01",null,"","základní",null,{"$f":"O256*H256","v":{"v":0,"d":"0.00000"}},{"v":0,"d":"0.00000"},{"$f":"Q256*H256","v":{"v":0,"d":"0.00000"}},{"v":0,"d":"0.00000"},{"$f":"S256*H256","v":{"v":0,"d":"0.00000"}},{"$nulls":23},"16",null,"K","2",{"$nulls":3},"ROZPOCET",{"$nulls":5},{"$f":"IF(N256=\"základní\",J256,0)","v":{"v":54360,"d":"54,360.00"}},{"$f":"IF(N256=\"snížená\",J256,0)","v":{"v":0,"d":"0.00"}},{"$f":"IF(N256=\"zákl. přenesená\",J256,0)","v":{"v":0,"d":"0.00"}},{"$f":"IF(N256=\"sníž. přenesená\",J256,0)","v":{"v":0,"d":"0.00"}},{"$f":"IF(N256=\"nulová\",J256,0)","v":{"v":0,"d":"0.00"}},"1",{"$f":"ROUND(I256*H256,2)","v":{"v":54360,"d":"54,360.00"}},"16","-1855723303"]
[{"$nulls":3},"PP",null,"Montáž strukturované kabeláže zásuvek datových přisazené na omítku 1 až 6 pozic",{"$nulls":39},"PP","2"]
[{"$nulls":3},"Online PSC",null,"https://podminky.urs.cz/item/CS_URS_2024_01/742330045",{"$nulls":39},"Online PSC","2"]
[null,null,"61","M","34571476","krabice lištová PVC přístrojová čtvercová 80x80mm hluboká","kus",{"v":302,"d":"302.000"},{"v":33,"d":"33.00"},{"$f":"ROUND(I259*H259,2)","v":{"v":9966,"d":"9,966.00"}},"CS ÚRS 2024 01",null,"","základní",null,{"$f":"O259*H259","v":{"v":0,"d":"0.00000"}},{"v":5e-05,"d":"0.00005"},{"$f":"Q259*H259","v":{"v":0.0151,"d":"0.01510"}},{"v":0,"d":"0.00000"},{"$f":"S259*H259","v":{"v":0,"d":"0.00000"}},{"$nulls":23},"32",null,"M","2",{"$nulls":3},"ROZPOCET",{"$nulls":5},{"$f":"IF(N259=\"základní\",J259,0)","v":{"v":9966,"d":"9,966.00"}},{"$f":"IF(N259=\"snížená\",J259,0)","v":{"v":0,"d":"0.00"}},{"$f":"IF(N259=\"zákl. přenesená\",J259,0)","v":{"v":0,"d":"0.00"}},{"$f":"IF(N259=\"sníž. přenesená\",J259,0)","v":{"v":0,"d":"0.00"}},{"$f":"IF(N259=\"nulová\",J259,0)","v":{"v":0,"d":"0.00"}},"1",{"$f":"ROUND(I259*H259,2)","v":{"v":9966,"d":"9,966.00"}},"16","977762786"]
[{"$nulls":3},"PP",null,"krabice lištová PVC přístrojová čtvercová 80x80mm hluboká",{"$nulls":39},"PP","2"]
[null,null,"62","M","00512370R","Zásuvka - rámeček bílý","kus",{"v":302,"d":"302.000"},{"v":39,"d":"39.00"},{"$f":"ROUND(I261*H261,2)","v":{"v":11778,"d":"11,778.00"}},"R-položka",null,"","základní",null,{"$f":"O261*H261","v":{"v":0,"d":"0.00000"}},{"v":0,"d":"0.00000"},{"$f":"Q261*H261","v":{"v":0,"d":"0.00000"}},{"v":0,"d":"0.00000"},{"$f":"S261*H261","v":{"v":0,"d":"0.00000"}},{"$nulls":23},"32",null,"M","2",{"$nulls":3},"ROZPOCET",{"$nulls":5},{"$f":"IF(N261=\"základní\",J261,0)","v":{"v":11778,"d":"11,778.00"}},{"$f":"IF(N261=\"snížená\",J261,0)","v":{"v":0,"d":"0.00"}},{"$f":"IF(N261=\"zákl. přenesená\",J261,0)","v":{"v":0,"d":"0.00"}},{"$f":"IF(N261=\"sníž. přenesená\",J261,0)","v":{"v":0,"d":"0.00"}},{"$f":"IF(N261=\"nulová\",J261,0)","v":{"v":0,"d":"0.00"}},"1",{"$f":"ROUND(I261*H261,2)","v":{"v":11778,"d":"11,778.00"}},"16","822616194"]
[{"$nulls":3},"PP",null,"Zásuvka - rámeček bílý",{"$nulls":39},"PP","2"]
[null,null,"63","M","00512380R","Zásuvka - kryt pro až 2 keystone bílý","kus",{"v":302,"d":"302.000"},{"v":94,"d":"94.00"},{"$f":"ROUND(I263*H263,2)","v":{"v":28388,"d":"28,388.00"}},"R-položka",null,"","základní",null,{"$f":"O263*H263","v":{"v":0,"d":"0.00000"}},{"v":0,"d":"0.00000"},{"$f":"Q263*H263","v":{"v":0,"d":"0.00000"}},{"v":0,"d":"0.00000"},{"$f":"S263*H263","v":{"v":0,"d":"0.00000"}},{"$nulls":23},"32",null,"M","2",{"$nulls":3},"ROZPOCET",{"$nulls":5},{"$f":"IF(N263=\"základní\",J263,0)","v":{"v":28388,"d":"28,388.00"}},{"$f":"IF(N263=\"snížená\",J263,0)","v":{"v":0,"d":"0.00"}},{"$f":"IF(N263=\"zákl. přenesená\",J263,0)","v":{"v":0,"d":"0.00"}},{"$f":"IF(N263=\"sníž. přenesená\",J263,0)","v":{"v":0,"d":"0.00"}},{"$f":"IF(N263=\"nulová\",J263,0)","v":{"v":0,"d":"0.00"}},"1",{"$f":"ROUND(I263*H263,2)","v":{"v":28388,"d":"28,388.00"}},"16","-654252041"]
[{"$nulls":3},"PP",null,"Zásuvka - kryt pro až 2 keystone bílý",{"$nulls":39},"PP","2"]
[null,null,"64","M","00512390R","Zásuvka - maska pro 1 keystone","kus",{"v":82,"d":"82.000"},{"v":39,"d":"39.00"},{"$f":"ROUND(I265*H265,2)","v":{"v":3198,"d":"3,198.00"}},"R-položka",null,"","základní",null,{"$f":"O265*H265","v":{"v":0,"d":"0.00000"}},{"v":0,"d":"0.00000"},{"$f":"Q265*H265","v":{"v":0,"d":"0.00000"}},{"v":0,"d":"0.00000"},{"$f":"S265*H265","v":{"v":0,"d":"0.00000"}},{"$nulls":23},"32",null,"M","2",{"$nulls":3},"ROZPOCET",{"$nulls":5},{"$f":"IF(N265=\"základní\",J265,0)","v":{"v":3198,"d":"3,198.00"}},{"$f":"IF(N265=\"snížená\",J265,0)","v":{"v":0,"d":"0.00"}},{"$f":"IF(N265=\"zákl. přenesená\",J265,0)","v":{"v":0,"d":"0.00"}},{"$f":"IF(N265=\"sníž. přenesená\",J265,0)","v":{"v":0,"d":"0.00"}},{"$f":"IF(N265=\"nulová\",J265,0)","v":{"v":0,"d":"0.00"}},"1",{"$f":"ROUND(I265*H265,2)","v":{"v":3198,"d":"3,198.00"}},"16","-1417346999"]
[{"$nulls":3},"PP",null,"Zásuvka - maska pro 1 keystone",{"$nulls":39},"PP","2"]
[null,null,"65","M","00512400R","Zásuvka  - maska pro 2 keystone","kus",{"v":220,"d":"220.000"},{"v":39,"d":"39.00"},{"$f":"ROUND(I267*H267,2)","v":{"v":8580,"d":"8,580.00"}},"R-položka",null,"","základní",null,{"$f":"O267*H267","v":{"v":0,"d":"0.00000"}},{"v":0,"d":"0.00000"},{"$f":"Q267*H267","v":{"v":0,"d":"0.00000"}},{"v":0,"d":"0.00000"},{"$f":"S267*H267","v":{"v":0,"d":"0.00000"}},{"$nulls":23},"32",null,"M","2",{"$nulls":3},"ROZPOCET",{"$nulls":5},{"$f":"IF(N267=\"základní\",J267,0)","v":{"v":8580,"d":"8,580.00"}},{"$f":"IF(N267=\"snížená\",J267,0)","v":{"v":0,"d":"0.00"}},{"$f":"IF(N267=\"zákl. přenesená\",J267,0)","v":{"v":0,"d":"0.00"}},{"$f":"IF(N267=\"sníž. přenesená\",J267,0)","v":{"v":0,"d":"0.00"}},{"$f":"IF(N267=\"nulová\",J267,0)","v":{"v":0,"d":"0.00"}},"1",{"$f":"ROUND(I267*H267,2)","v":{"v":8580,"d":"8,580.00"}},"16","-1902359065"]
[{"$nulls":3},"PP",null,"Zásuvka  - maska pro 2 keystone",{"$nulls":39},"PP","2"]
[null,null,"66","K","742330051","Popis portu datové zásuvky","kus",{"v":522,"d":"522.000"},{"v":11,"d":"11.00"},{"$f":"ROUND(I269*H269,2)","v":{"v":5742,"d":"5,742.00"}},"CS ÚRS 2024 01",null,"","základní",null,{"$f":"O269*H269","v":{"v":0,"d":"0.00000"}},{"v":0,"d":"0.00000"},{"$f":"Q269*H269","v":{"v":0,"d":"0.00000"}},{"v":0,"d":"0.00000"},{"$f":"S269*H269","v":{"v":0,"d":"0.00000"}},{"$nulls":23},"16",null,"K","2",{"$nulls":3},"ROZPOCET",{"$nulls":5},{"$f":"IF(N269=\"základní\",J269,0)","v":{"v":5742,"d":"5,742.00"}},{"$f":"IF(N269=\"snížená\",J269,0)","v":{"v":0,"d":"0.00"}},{"$f":"IF(N269=\"zákl. přenesená\",J269,0)","v":{"v":0,"d":"0.00"}},{"$f":"IF(N269=\"sníž. přenesená\",J269,0)","v":{"v":0,"d":"0.00"}},{"$f":"IF(N269=\"nulová\",J269,0)","v":{"v":0,"d":"0.00"}},"1",{"$f":"ROUND(I269*H269,2)","v":{"v":5742,"d":"5,742.00"}},"16","-1871556540"]
[{"$nulls":3},"PP",null,"Montáž strukturované kabeláže zásuvek datových popis portu zásuvky",{"$nulls":39},"PP","2"]
[{"$nulls":3},"Online PSC",null,"https://podminky.urs.cz/item/CS_URS_2024_01/742330051",{"$nulls":39},"Online PSC","2"]
[null,null,"67","K","742330052","Popis portů patchpanelu","kus",{"v":49,"d":"49.000"},{"v":174,"d":"174.00"},{"$f":"ROUND(I272*H272,2)","v":{"v":8526,"d":"8,526.00"}},"CS ÚRS 2024 01",null,"","základní",null,{"$f":"O272*H272","v":{"v":0,"d":"0.00000"}},{"v":0,"d":"0.00000"},{"$f":"Q272*H272","v":{"v":0,"d":"0.00000"}},{"v":0,"d":"0.00000"},{"$f":"S272*H272","v":{"v":0,"d":"0.00000"}},{"$nulls":23},"16",null,"K","2",{"$nulls":3},"ROZPOCET",{"$nulls":5},{"$f":"IF(N272=\"základní\",J272,0)","v":{"v":8526,"d":"8,526.00"}},{"$f":"IF(N272=\"snížená\",J272,0)","v":{"v":0,"d":"0.00"}},{"$f":"IF(N272=\"zákl. přenesená\",J272,0)","v":{"v":0,"d":"0.00"}},{"$f":"IF(N272=\"sníž. přenesená\",J272,0)","v":{"v":0,"d":"0.00"}},{"$f":"IF(N272=\"nulová\",J272,0)","v":{"v":0,"d":"0.00"}},"1",{"$f":"ROUND(I272*H272,2)","v":{"v":8526,"d":"8,526.00"}},"16","762738631"]
[{"$nulls":3},"PP",null,"Montáž strukturované kabeláže zásuvek datových popis portů patchpanelu",{"$nulls":39},"PP","2"]
[{"$nulls":3},"Online PSC",null,"https://podminky.urs.cz/item/CS_URS_2024_01/742330052",{"$nulls":39},"Online PSC","2"]
[null,null,"68","K","742330101","Měření metalického segmentu s vyhotovením protokolu","kus",{"v":522,"d":"522.000"},{"v":167,"d":"167.00"},{"$f":"ROUND(I275*H275,2)","v":{"v":87174,"d":"87,174.00"}},"CS ÚRS 2024 01",null,"","základní",null,{"$f":"O275*H275","v":{"v":0,"d":"0.00000"}},{"v":0,"d":"0.00000"},{"$f":"Q275*H275","v":{"v":0,"d":"0.00000"}},{"v":0,"d":"0.00000"},{"$f":"S275*H275","v":{"v":0,"d":"0.00000"}},{"$nulls":23},"16",null,"K","2",{"$nulls":3},"ROZPOCET",{"$nulls":5},{"$f":"IF(N275=\"základní\",J275,0)","v":{"v":87174,"d":"87,174.00"}},{"$f":"IF(N275=\"snížená\",J275,0)","v":{"v":0,"d":"0.00"}},{"$f":"IF(N275=\"zákl. přenesená\",J275,0)","v":{"v":0,"d":"0.00"}},{"$f":"IF(N275=\"sníž. přenesená\",J275,0)","v":{"v":0,"d":"0.00"}},{"$f":"IF(N275=\"nulová\",J275,0)","v":{"v":0,"d":"0.00"}},"1",{"$f":"ROUND(I275*H275,2)","v":{"v":87174,"d":"87,174.00"}},"16","-1142712601"]
[{"$nulls":3},"PP",null,"Montáž strukturované kabeláže měření segmentu metalického s vyhotovením protokolu",{"$nulls":39},"PP","2"]
[{"$nulls":3},"Online PSC",null,"https://podminky.urs.cz/item/CS_URS_2024_01/742330101",{"$nulls":39},"Online PSC","2"]
[null,null,"69","K","742330102","Měření optického segmentu, měření útlumu, 2 okna","kus",{"v":168,"d":"168.000"},{"v":211,"d":"211.00"},{"$f":"ROUND(I278*H278,2)","v":{"v":35448,"d":"35,448.00"}},"CS ÚRS 2024 01",null,"","základní",null,{"$f":"O278*H278","v":{"v":0,"d":"0.00000"}},{"v":0,"d":"0.00000"},{"$f":"Q278*H278","v":{"v":0,"d":"0.00000"}},{"v":0,"d":"0.00000"},{"$f":"S278*H278","v":{"v":0,"d":"0.00000"}},{"$nulls":23},"16",null,"K","2",{"$nulls":3},"ROZPOCET",{"$nulls":5},{"$f":"IF(N278=\"základní\",J278,0)","v":{"v":35448,"d":"35,448.00"}},{"$f":"IF(N278=\"snížená\",J278,0)","v":{"v":0,"d":"0.00"}},{"$f":"IF(N278=\"zákl. přenesená\",J278,0)","v":{"v":0,"d":"0.00"}},{"$f":"IF(N278=\"sníž. přenesená\",J278,0)","v":{"v":0,"d":"0.00"}},{"$f":"IF(N278=\"nulová\",J278,0)","v":{"v":0,"d":"0.00"}},"1",{"$f":"ROUND(I278*H278,2)","v":{"v":35448,"d":"35,448.00"}},"16","2092547578"]
[{"$nulls":3},"PP",null,"Montáž strukturované kabeláže měření segmentu optického, měření útlumu, 2 okna",{"$nulls":39},"PP","2"]
[{"$nulls":3},"Online PSC",null,"https://podminky.urs.cz/item/CS_URS_2024_01/742330102",{"$nulls":39},"Online PSC","2"]
[null,null,"70","K","74243002R","Montáž audiovizuální techniky Zásuvky HDMI nebo USB","kus",{"v":28,"d":"28.000"},{"v":484,"d":"484.00"},{"$f":"ROUND(I281*H281,2)","v":{"v":13552,"d":"13,552.00"}},"R-položka",null,"","základní",null,{"$f":"O281*H281","v":{"v":0,"d":"0.00000"}},{"v":0,"d":"0.00000"},{"$f":"Q281*H281","v":{"v":0,"d":"0.00000"}},{"v":0,"d":"0.00000"},{"$f":"S281*H281","v":{"v":0,"d":"0.00000"}},{"$nulls":23},"16",null,"K","2",{"$nulls":3},"ROZPOCET",{"$nulls":5},{"$f":"IF(N281=\"základní\",J281,0)","v":{"v":13552,"d":"13,552.00"}},{"$f":"IF(N281=\"snížená\",J281,0)","v":{"v":0,"d":"0.00"}},{"$f":"IF(N281=\"zákl. přenesená\",J281,0)","v":{"v":0,"d":"0.00"}},{"$f":"IF(N281=\"sníž. přenesená\",J281,0)","v":{"v":0,"d":"0.00"}},{"$f":"IF(N281=\"nulová\",J281,0)","v":{"v":0,"d":"0.00"}},"1",{"$f":"ROUND(I281*H281,2)","v":{"v":13552,"d":"13,552.00"}},"16","1400406966"]
[{"$nulls":3},"PP",null,"Montáž audiovizuální techniky Zásuvky HDMI nebo USB",{"$nulls":39},"PP","2"]
[null,null,"71","M","10031808R","Rámeček 2M montážní","kus",{"v":28,"d":"28.000"},{"v":35,"d":"35.00"},{"$f":"ROUND(I283*H283,2)","v":{"v":980,"d":"980.00"}},"R-položka",null,"","základní",null,{"$f":"O283*H283","v":{"v":0,"d":"0.00000"}},{"v":0,"d":"0.00000"},{"$f":"Q283*H283","v":{"v":0,"d":"0.00000"}},{"v":0,"d":"0.00000"},{"$f":"S283*H283","v":{"v":0,"d":"0.00000"}},{"$nulls":23},"32",null,"M","2",{"$nulls":3},"ROZPOCET",{"$nulls":5},{"$f":"IF(N283=\"základní\",J283,0)","v":{"v":980,"d":"980.00"}},{"$f":"IF(N283=\"snížená\",J283,0)","v":{"v":0,"d":"0.00"}},{"$f":"IF(N283=\"zákl. přenesená\",J283,0)","v":{"v":0,"d":"0.00"}},{"$f":"IF(N283=\"sníž. přenesená\",J283,0)","v":{"v":0,"d":"0.00"}},{"$f":"IF(N283=\"nulová\",J283,0)","v":{"v":0,"d":"0.00"}},"1",{"$f":"ROUND(I283*H283,2)","v":{"v":980,"d":"980.00"}},"16","828030116"]
[{"$nulls":3},"PP",null,"Rámeček 2M montážní",{"$nulls":39},"PP","2"]
[null,null,"72","M","10079292R","Krabice 2M hl.40 bílá","kus",{"v":28,"d":"28.000"},{"v":141,"d":"141.00"},{"$f":"ROUND(I285*H285,2)","v":{"v":3948,"d":"3,948.00"}},"R-položka",null,"","základní",null,{"$f":"O285*H285","v":{"v":0,"d":"0.00000"}},{"v":0,"d":"0.00000"},{"$f":"Q285*H285","v":{"v":0,"d":"0.00000"}},{"v":0,"d":"0.00000"},{"$f":"S285*H285","v":{"v":0,"d":"0.00000"}},{"$nulls":23},"32",null,"M","2",{"$nulls":3},"ROZPOCET",{"$nulls":5},{"$f":"IF(N285=\"základní\",J285,0)","v":{"v":3948,"d":"3,948.00"}},{"$f":"IF(N285=\"snížená\",J285,0)","v":{"v":0,"d":"0.00"}},{"$f":"IF(N285=\"zákl. přenesená\",J285,0)","v":{"v":0,"d":"0.00"}},{"$f":"IF(N285=\"sníž. přenesená\",J285,0)","v":{"v":0,"d":"0.00"}},{"$f":"IF(N285=\"nulová\",J285,0)","v":{"v":0,"d":"0.00"}},"1",{"$f":"ROUND(I285*H285,2)","v":{"v":3948,"d":"3,948.00"}},"16","-1357407934"]
[{"$nulls":3},"PP",null,"Krabice 2M hl.40 bílá",{"$nulls":39},"PP","2"]
[null,null,"73","M","11720210R","Rámeček 2M Bílý","kus",{"v":28,"d":"28.000"},{"v":34,"d":"34.00"},{"$f":"ROUND(I287*H287,2)","v":{"v":952,"d":"952.00"}},"R-položka",null,"","základní",null,{"$f":"O287*H287","v":{"v":0,"d":"0.00000"}},{"v":0,"d":"0.00000"},{"$f":"Q287*H287","v":{"v":0,"d":"0.00000"}},{"v":0,"d":"0.00000"},{"$f":"S287*H287","v":{"v":0,"d":"0.00000"}},{"$nulls":23},"32",null,"M","2",{"$nulls":3},"ROZPOCET",{"$nulls":5},{"$f":"IF(N287=\"základní\",J287,0)","v":{"v":952,"d":"952.00"}},{"$f":"IF(N287=\"snížená\",J287,0)","v":{"v":0,"d":"0.00"}},{"$f":"IF(N287=\"zákl. přenesená\",J287,0)","v":{"v":0,"d":"0.00"}},{"$f":"IF(N287=\"sníž. přenesená\",J287,0)","v":{"v":0,"d":"0.00"}},{"$f":"IF(N287=\"nulová\",J287,0)","v":{"v":0,"d":"0.00"}},"1",{"$f":"ROUND(I287*H287,2)","v":{"v":952,"d":"952.00"}},"16","1542093483"]
[{"$nulls":3},"PP",null,"Rámeček 2M Bílý",{"$nulls":39},"PP","2"]
[null,null,"74","M","10305415R","Zásuvka HDMI 2.0 2M bílá","kus",{"v":14,"d":"14.000"},{"v":1441,"d":"1,441.00"},{"$f":"ROUND(I289*H289,2)","v":{"v":20174,"d":"20,174.00"}},"R-položka",null,"","základní",null,{"$f":"O289*H289","v":{"v":0,"d":"0.00000"}},{"v":0,"d":"0.00000"},{"$f":"Q289*H289","v":{"v":0,"d":"0.00000"}},{"v":0,"d":"0.00000"},{"$f":"S289*H289","v":{"v":0,"d":"0.00000"}},{"$nulls":23},"32",null,"M","2",{"$nulls":3},"ROZPOCET",{"$nulls":5},{"$f":"IF(N289=\"základní\",J289,0)","v":{"v":20174,"d":"20,174.00"}},{"$f":"IF(N289=\"snížená\",J289,0)","v":{"v":0,"d":"0.00"}},{"$f":"IF(N289=\"zákl. přenesená\",J289,0)","v":{"v":0,"d":"0.00"}},{"$f":"IF(N289=\"sníž. přenesená\",J289,0)","v":{"v":0,"d":"0.00"}},{"$f":"IF(N289=\"nulová\",J289,0)","v":{"v":0,"d":"0.00"}},"1",{"$f":"ROUND(I289*H289,2)","v":{"v":20174,"d":"20,174.00"}},"16","1983541549"]
[{"$nulls":3},"PP",null,"Zásuvka HDMI 2.0 2M bílá",{"$nulls":39},"PP","2"]
[null,null,"75","M","10002264R","Zásuvka USB 3.0 1M BÍLÁ","kus",{"v":14,"d":"14.000"},{"v":861,"d":"861.00"},{"$f":"ROUND(I291*H291,2)","v":{"v":12054,"d":"12,054.00"}},"R-položka",null,"","základní",null,{"$f":"O291*H291","v":{"v":0,"d":"0.00000"}},{"v":0,"d":"0.00000"},{"$f":"Q291*H291","v":{"v":0,"d":"0.00000"}},{"v":0,"d":"0.00000"},{"$f":"S291*H291","v":{"v":0,"d":"0.00000"}},{"$nulls":23},"32",null,"M","2",{"$nulls":3},"ROZPOCET",{"$nulls":5},{"$f":"IF(N291=\"základní\",J291,0)","v":{"v":12054,"d":"12,054.00"}},{"$f":"IF(N291=\"snížená\",J291,0)","v":{"v":0,"d":"0.00"}},{"$f":"IF(N291=\"zákl. přenesená\",J291,0)","v":{"v":0,"d":"0.00"}},{"$f":"IF(N291=\"sníž. přenesená\",J291,0)","v":{"v":0,"d":"0.00"}},{"$f":"IF(N291=\"nulová\",J291,0)","v":{"v":0,"d":"0.00"}},"1",{"$f":"ROUND(I291*H291,2)","v":{"v":12054,"d":"12,054.00"}},"16","533931720"]
[{"$nulls":3},"PP",null,"Zásuvka USB 3.0 1M BÍLÁ",{"$nulls":39},"PP","2"]
[null,null,"76","M","11720220R","Záslepka bílá 1M","kus",{"v":14,"d":"14.000"},{"v":37,"d":"37.00"},{"$f":"ROUND(I293*H293,2)","v":{"v":518,"d":"518.00"}},"R-položka",null,"","základní",null,{"$f":"O293*H293","v":{"v":0,"d":"0.00000"}},{"v":0,"d":"0.00000"},{"$f":"Q293*H293","v":{"v":0,"d":"0.00000"}},{"v":0,"d":"0.00000"},{"$f":"S293*H293","v":{"v":0,"d":"0.00000"}},{"$nulls":23},"32",null,"M","2",{"$nulls":3},"ROZPOCET",{"$nulls":5},{"$f":"IF(N293=\"základní\",J293,0)","v":{"v":518,"d":"518.00"}},{"$f":"IF(N293=\"snížená\",J293,0)","v":{"v":0,"d":"0.00"}},{"$f":"IF(N293=\"zákl. přenesená\",J293,0)","v":{"v":0,"d":"0.00"}},{"$f":"IF(N293=\"sníž. přenesená\",J293,0)","v":{"v":0,"d":"0.00"}},{"$f":"IF(N293=\"nulová\",J293,0)","v":{"v":0,"d":"0.00"}},"1",{"$f":"ROUND(I293*H293,2)","v":{"v":518,"d":"518.00"}},"16","-1456679468"]
[{"$nulls":3},"PP",null,"Záslepka bílá 1M",{"$nulls":39},"PP","2"]
[null,null,"77","K","742430031","Montáž kabelu HDMI se zakončením v zásuvce nebo krabici","kus",{"v":7,"d":"7.000"},{"v":1289,"d":"1,289.00"},{"$f":"ROUND(I295*H295,2)","v":{"v":9023,"d":"9,023.00"}},"CS ÚRS 2024 01",null,"","základní",null,{"$f":"O295*H295","v":{"v":0,"d":"0.00000"}},{"v":0,"d":"0.00000"},{"$f":"Q295*H295","v":{"v":0,"d":"0.00000"}},{"v":0,"d":"0.00000"},{"$f":"S295*H295","v":{"v":0,"d":"0.00000"}},{"$nulls":23},"16",null,"K","2",{"$nulls":3},"ROZPOCET",{"$nulls":5},{"$f":"IF(N295=\"základní\",J295,0)","v":{"v":9023,"d":"9,023.00"}},{"$f":"IF(N295=\"snížená\",J295,0)","v":{"v":0,"d":"0.00"}},{"$f":"IF(N295=\"zákl. přenesená\",J295,0)","v":{"v":0,"d":"0.00"}},{"$f":"IF(N295=\"sníž. přenesená\",J295,0)","v":{"v":0,"d":"0.00"}},{"$f":"IF(N295=\"nulová\",J295,0)","v":{"v":0,"d":"0.00"}},"1",{"$f":"ROUND(I295*H295,2)","v":{"v":9023,"d":"9,023.00"}},"16","-3692780"]
[{"$nulls":3},"PP",null,"Montáž audiovizuální techniky kabelu HDMI protažením a se zakončením v zásuvce nebo krabici",{"$nulls":39},"PP","2"]
[{"$nulls":3},"Online PSC",null,"https://podminky.urs.cz/item/CS_URS_2024_01/742430031",{"$nulls":39},"Online PSC","2"]
[null,null,"78","M","34199012R","HDMI 2.1 optický fiber kabel 8K@60Hz, zlacené konektory 10 m","kus",{"v":7,"d":"7.000"},{"v":2466,"d":"2,466.00"},{"$f":"ROUND(I298*H298,2)","v":{"v":17262,"d":"17,262.00"}},"R-položka",null,"","základní",null,{"$f":"O298*H298","v":{"v":0,"d":"0.00000"}},{"v":0,"d":"0.00000"},{"$f":"Q298*H298","v":{"v":0,"d":"0.00000"}},{"v":0,"d":"0.00000"},{"$f":"S298*H298","v":{"v":0,"d":"0.00000"}},{"$nulls":23},"32",null,"M","2",{"$nulls":3},"ROZPOCET",{"$nulls":5},{"$f":"IF(N298=\"základní\",J298,0)","v":{"v":17262,"d":"17,262.00"}},{"$f":"IF(N298=\"snížená\",J298,0)","v":{"v":0,"d":"0.00"}},{"$f":"IF(N298=\"zákl. přenesená\",J298,0)","v":{"v":0,"d":"0.00"}},{"$f":"IF(N298=\"sníž. přenesená\",J298,0)","v":{"v":0,"d":"0.00"}},{"$f":"IF(N298=\"nulová\",J298,0)","v":{"v":0,"d":"0.00"}},"1",{"$f":"ROUND(I298*H298,2)","v":{"v":17262,"d":"17,262.00"}},"16","1007135062"]
[{"$nulls":3},"PP",null,"HDMI 2.1 optický fiber kabel 8K@60Hz, zlacené konektory 10 m",{"$nulls":39},"PP","2"]
[null,null,"79","K","74243003R","Montáž audiovizuální techniky kabelu USB protažením a se zakončením v zásuvce nebo krabici","kus",{"v":7,"d":"7.000"},{"v":1289,"d":"1,289.00"},{"$f":"ROUND(I300*H300,2)","v":{"v":9023,"d":"9,023.00"}},"R-položka",null,"","základní",null,{"$f":"O300*H300","v":{"v":0,"d":"0.00000"}},{"v":0,"d":"0.00000"},{"$f":"Q300*H300","v":{"v":0,"d":"0.00000"}},{"v":0,"d":"0.00000"},{"$f":"S300*H300","v":{"v":0,"d":"0.00000"}},{"$nulls":23},"16",null,"K","2",{"$nulls":3},"ROZPOCET",{"$nulls":5},{"$f":"IF(N300=\"základní\",J300,0)","v":{"v":9023,"d":"9,023.00"}},{"$f":"IF(N300=\"snížená\",J300,0)","v":{"v":0,"d":"0.00"}},{"$f":"IF(N300=\"zákl. přenesená\",J300,0)","v":{"v":0,"d":"0.00"}},{"$f":"IF(N300=\"sníž. přenesená\",J300,0)","v":{"v":0,"d":"0.00"}},{"$f":"IF(N300=\"nulová\",J300,0)","v":{"v":0,"d":"0.00"}},"1",{"$f":"ROUND(I300*H300,2)","v":{"v":9023,"d":"9,023.00"}},"16","1014055096"]
[{"$nulls":3},"PP",null,"Montáž audiovizuální techniky kabelu USB protažením a se zakončením v zásuvce nebo krabici",{"$nulls":39},"PP","2"]
[null,null,"80","M","19352770R","USB 3.0 prodlužovací optický kabel 10m","kus",{"v":7,"d":"7.000"},{"v":2777,"d":"2,777.00"},{"$f":"ROUND(I302*H302,2)","v":{"v":19439,"d":"19,439.00"}},"R-položka",null,"","základní",null,{"$f":"O302*H302","v":{"v":0,"d":"0.00000"}},{"v":0,"d":"0.00000"},{"$f":"Q302*H302","v":{"v":0,"d":"0.00000"}},{"v":0,"d":"0.00000"},{"$f":"S302*H302","v":{"v":0,"d":"0.00000"}},{"$nulls":23},"32",null,"M","2",{"$nulls":3},"ROZPOCET",{"$nulls":5},{"$f":"IF(N302=\"základní\",J302,0)","v":{"v":19439,"d":"19,439.00"}},{"$f":"IF(N302=\"snížená\",J302,0)","v":{"v":0,"d":"0.00"}},{"$f":"IF(N302=\"zákl. přenesená\",J302,0)","v":{"v":0,"d":"0.00"}},{"$f":"IF(N302=\"sníž. přenesená\",J302,0)","v":{"v":0,"d":"0.00"}},{"$f":"IF(N302=\"nulová\",J302,0)","v":{"v":0,"d":"0.00"}},"1",{"$f":"ROUND(I302*H302,2)","v":{"v":19439,"d":"19,439.00"}},"16","798929252"]
[{"$nulls":3},"PP",null,"USB 3.0 prodlužovací optický kabel 10m",{"$nulls":39},"PP","2"]
[null,null,"81","K","998742123","Přesun hmot tonážní pro slaboproud ruční v objektech v do 24 m","t",3.463,{"v":889,"d":"889.00"},{"$f":"ROUND(I304*H304,2)","v":{"v":3078.61,"d":"3,078.61"}},"CS ÚRS 2024 01",null,"","základní",null,{"$f":"O304*H304","v":{"v":0,"d":"0.00000"}},{"v":0,"d":"0.00000"},{"$f":"Q304*H304","v":{"v":0,"d":"0.00000"}},{"v":0,"d":"0.00000"},{"$f":"S304*H304","v":{"v":0,"d":"0.00000"}},{"$nulls":23},"16",null,"K","2",{"$nulls":3},"ROZPOCET",{"$nulls":5},{"$f":"IF(N304=\"základní\",J304,0)","v":{"v":3078.61,"d":"3,078.61"}},{"$f":"IF(N304=\"snížená\",J304,0)","v":{"v":0,"d":"0.00"}},{"$f":"IF(N304=\"zákl. přenesená\",J304,0)","v":{"v":0,"d":"0.00"}},{"$f":"IF(N304=\"sníž. přenesená\",J304,0)","v":{"v":0,"d":"0.00"}},{"$f":"IF(N304=\"nulová\",J304,0)","v":{"v":0,"d":"0.00"}},"1",{"$f":"ROUND(I304*H304,2)","v":{"v":3078.61,"d":"3,078.61"}},"16","278632481"]
[{"$nulls":3},"PP",null,"Přesun hmot pro slaboproud stanovený z hmotnosti přesunovaného materiálu vodorovná dopravní vzdálenost do 50 m ruční (bez užití mechanizace) v objektech výšky přes 12 do 24 m",{"$nulls":39},"PP","2"]
[{"$nulls":3},"Online PSC",null,"https://podminky.urs.cz/item/CS_URS_2024_01/998742123",{"$nulls":39},"Online PSC","2"]
[null,null,"82","K","998742129","Příplatek k ručnímu přesunu hmot tonážnímu pro slaboproud za zvětšený přesun ZKD 50 m","t",3.463,{"v":167,"d":"167.00"},{"$f":"ROUND(I307*H307,2)","v":578.32},"CS ÚRS 2024 01",null,"","základní",null,{"$f":"O307*H307","v":{"v":0,"d":"0.00000"}},{"v":0,"d":"0.00000"},{"$f":"Q307*H307","v":{"v":0,"d":"0.00000"}},{"v":0,"d":"0.00000"},{"$f":"S307*H307","v":{"v":0,"d":"0.00000"}},{"$nulls":23},"16",null,"K","2",{"$nulls":3},"ROZPOCET",{"$nulls":5},{"$f":"IF(N307=\"základní\",J307,0)","v":578.32},{"$f":"IF(N307=\"snížená\",J307,0)","v":{"v":0,"d":"0.00"}},{"$f":"IF(N307=\"zákl. přenesená\",J307,0)","v":{"v":0,"d":"0.00"}},{"$f":"IF(N307=\"sníž. přenesená\",J307,0)","v":{"v":0,"d":"0.00"}},{"$f":"IF(N307=\"nulová\",J307,0)","v":{"v":0,"d":"0.00"}},"1",{"$f":"ROUND(I307*H307,2)","v":578.32},"16","942983057"]
[{"$nulls":3},"PP",null,"Přesun hmot pro slaboproud stanovený z hmotnosti přesunovaného materiálu vodorovná dopravní vzdálenost do 50 m Příplatek k cenám za ruční zvětšený přesun přes vymezenou vodorovnou dopravní vzdálenost za každých dalších započatých 50 m",{"$nulls":39},"PP","2"]
[{"$nulls":3},"Online PSC",null,"https://podminky.urs.cz/item/CS_URS_2024_01/998742129",{"$nulls":39},"Online PSC","2"]
[{"$nulls":3},"D","HZS","Hodinové zúčtovací sazby",{"$nulls":3},{"$f":"BK310","v":{"v":106640,"d":"106,640.00"}},{"$nulls":5},{"$f":"SUM(P311:P326)","v":{"v":0,"d":"0.00000"}},null,{"$f":"SUM(R311:R326)","v":{"v":0,"d":"0.00000"}},null,{"$f":"SUM(T311:T326)","v":{"v":0,"d":"0.00000"}},{"$nulls":23},"4",null,"D","0",{"$nulls":3},"ROZPOCET",{"$nulls":11},{"$f":"SUM(BK311:BK326)","v":{"v":106640,"d":"106,640.00"}}]
[null,null,"83","K","HZS2232","Hodinová zúčtovací sazba elektrikář odborný","hod",{"v":40,"d":"40.000"},{"v":444,"d":"444.00"},{"$f":"ROUND(I311*H311,2)","v":{"v":17760,"d":"17,760.00"}},"CS ÚRS 2024 01",null,"","základní",null,{"$f":"O311*H311","v":{"v":0,"d":"0.00000"}},{"v":0,"d":"0.00000"},{"$f":"Q311*H311","v":{"v":0,"d":"0.00000"}},{"v":0,"d":"0.00000"},{"$f":"S311*H311","v":{"v":0,"d":"0.00000"}},{"$nulls":23},"262144",null,"K","1",{"$nulls":3},"ROZPOCET",{"$nulls":5},{"$f":"IF(N311=\"základní\",J311,0)","v":{"v":17760,"d":"17,760.00"}},{"$f":"IF(N311=\"snížená\",J311,0)","v":{"v":0,"d":"0.00"}},{"$f":"IF(N311=\"zákl. přenesená\",J311,0)","v":{"v":0,"d":"0.00"}},{"$f":"IF(N311=\"sníž. přenesená\",J311,0)","v":{"v":0,"d":"0.00"}},{"$f":"IF(N311=\"nulová\",J311,0)","v":{"v":0,"d":"0.00"}},"1",{"$f":"ROUND(I311*H311,2)","v":{"v":17760,"d":"17,760.00"}},"262144","-1702030802"]
[{"$nulls":3},"PP",null,"Hodinové zúčtovací sazby profesí PSV provádění stavebních instalací elektrikář odborný",{"$nulls":39},"PP","1"]
[{"$nulls":3},"Online PSC",null,"https://podminky.urs.cz/item/CS_URS_2024_01/HZS2232",{"$nulls":39},"Online PSC","1"]
[{"$nulls":3},"P",null,"Poznámka k položce:\nPoznámka k položce: Úprava stávajících rozvaděčů elektro - doplnění jističe, zapojení přívodů pro RACK, kontrola a oživení.",{"$nulls":39},"P","1"]
[null,null,"84","K","HZS2492","Hodinová zúčtovací sazba pomocný dělník PSV","hod",{"v":80,"d":"80.000"},{"v":333,"d":"333.00"},{"$f":"ROUND(I315*H315,2)","v":{"v":26640,"d":"26,640.00"}},"CS ÚRS 2024 01",null,"","základní",null,{"$f":"O315*H315","v":{"v":0,"d":"0.00000"}},{"v":0,"d":"0.00000"},{"$f":"Q315*H315","v":{"v":0,"d":"0.00000"}},{"v":0,"d":"0.00000"},{"$f":"S315*H315","v":{"v":0,"d":"0.00000"}},{"$nulls":23},"262144",null,"K","1",{"$nulls":3},"ROZPOCET",{"$nulls":5},{"$f":"IF(N315=\"základní\",J315,0)","v":{"v":26640,"d":"26,640.00"}},{"$f":"IF(N315=\"snížená\",J315,0)","v":{"v":0,"d":"0.00"}},{"$f":"IF(N315=\"zákl. přenesená\",J315,0)","v":{"v":0,"d":"0.00"}},{"$f":"IF(N315=\"sníž. přenesená\",J315,0)","v":{"v":0,"d":"0.00"}},{"$f":"IF(N315=\"nulová\",J315,0)","v":{"v":0,"d":"0.00"}},"1",{"$f":"ROUND(I315*H315,2)","v":{"v":26640,"d":"26,640.00"}},"262144","-184885478"]
[{"$nulls":3},"PP",null,"Hodinové zúčtovací sazby profesí PSV zednické výpomoci a pomocné práce PSV pomocný dělník PSV",{"$nulls":39},"PP","1"]
[{"$nulls":3},"Online PSC",null,"https://podminky.urs.cz/item/CS_URS_2024_01/HZS2492",{"$nulls":39},"Online PSC","1"]
[{"$nulls":3},"P",null,"Poznámka k položce:\nPoznámka k položce: Drobné zednické a stavební přípomoci.",{"$nulls":39},"P","1"]
[null,null,"85","K","HZS3222","Hodinová zúčtovací sazba montér slaboproudých zařízení odborný","hod",{"v":80,"d":"80.000"},{"v":500,"d":"500.00"},{"$f":"ROUND(I319*H319,2)","v":{"v":40000,"d":"40,000.00"}},"CS ÚRS 2024 01",null,"","základní",null,{"$f":"O319*H319","v":{"v":0,"d":"0.00000"}},{"v":0,"d":"0.00000"},{"$f":"Q319*H319","v":{"v":0,"d":"0.00000"}},{"v":0,"d":"0.00000"},{"$f":"S319*H319","v":{"v":0,"d":"0.00000"}},{"$nulls":23},"262144",null,"K","1",{"$nulls":3},"ROZPOCET",{"$nulls":5},{"$f":"IF(N319=\"základní\",J319,0)","v":{"v":40000,"d":"40,000.00"}},{"$f":"IF(N319=\"snížená\",J319,0)","v":{"v":0,"d":"0.00"}},{"$f":"IF(N319=\"zákl. přenesená\",J319,0)","v":{"v":0,"d":"0.00"}},{"$f":"IF(N319=\"sníž. přenesená\",J319,0)","v":{"v":0,"d":"0.00"}},{"$f":"IF(N319=\"nulová\",J319,0)","v":{"v":0,"d":"0.00"}},"1",{"$f":"ROUND(I319*H319,2)","v":{"v":40000,"d":"40,000.00"}},"262144","-1118734862"]
[{"$nulls":3},"PP",null,"Hodinové zúčtovací sazby montáží technologických zařízení na stavebních objektech montér slaboproudých zařízení odborný",{"$nulls":39},"PP","1"]
[{"$nulls":3},"Online PSC",null,"https://podminky.urs.cz/item/CS_URS_2024_01/HZS3222",{"$nulls":39},"Online PSC","1"]
[{"$nulls":3},"P",null,"Poznámka k položce:\nPoznámka k položce: Vyvazování rozvaděčů, propojení se stávající sítí, práce nad rámec montáže komponent.",{"$nulls":39},"P","1"]
[null,null,"86","K","HZS4232","Hodinová zúčtovací sazba technik odborný","hod",{"v":40,"d":"40.000"},{"v":556,"d":"556.00"},{"$f":"ROUND(I323*H323,2)","v":{"v":22240,"d":"22,240.00"}},"CS ÚRS 2024 01",null,"","základní",null,{"$f":"O323*H323","v":{"v":0,"d":"0.00000"}},{"v":0,"d":"0.00000"},{"$f":"Q323*H323","v":{"v":0,"d":"0.00000"}},{"v":0,"d":"0.00000"},{"$f":"S323*H323","v":{"v":0,"d":"0.00000"}},{"$nulls":23},"262144",null,"K","1",{"$nulls":3},"ROZPOCET",{"$nulls":5},{"$f":"IF(N323=\"základní\",J323,0)","v":{"v":22240,"d":"22,240.00"}},{"$f":"IF(N323=\"snížená\",J323,0)","v":{"v":0,"d":"0.00"}},{"$f":"IF(N323=\"zákl. přenesená\",J323,0)","v":{"v":0,"d":"0.00"}},{"$f":"IF(N323=\"sníž. přenesená\",J323,0)","v":{"v":0,"d":"0.00"}},{"$f":"IF(N323=\"nulová\",J323,0)","v":{"v":0,"d":"0.00"}},"1",{"$f":"ROUND(I323*H323,2)","v":{"v":22240,"d":"22,240.00"}},"262144","-1159505218"]
[{"$nulls":3},"PP",null,"Hodinové zúčtovací sazby ostatních profesí revizní a kontrolní činnost technik odborný",{"$nulls":39},"PP","1"]
[{"$nulls":3},"Online PSC",null,"https://podminky.urs.cz/item/CS_URS_2024_01/HZS4232",{"$nulls":39},"Online PSC","1"]
[{"$nulls":3},"P",null,"Poznámka k položce:\nPoznámka k položce: Konfigurace sítě a propojení se stávající sítí.",{"$nulls":39},"P","1"]

{"sheet":"03 - Vedlejší a ostatní n...","index":3,"n_rows":101,"n_cols":65,"rows_kept":101,"merged":[[1,11,1,21],[6,4,6,7],[8,4,8,7],[17,4,17,7],[26,4,26,7],[47,4,47,7],[49,4,49,7],[73,4,73,7],[75,4,75,7]]}
[]
[{"$nulls":45},"{a023f422-6c91-4e09-9230-b79d164da607}"]
[{"$nulls":45},"2"]
[{"$nulls":3},"KRYCÍ LIST SOUPISU PRACÍ",{"$nulls":8},"v ---  níže se nacházejí doplnkové a pomocné údaje k sestavám  --- v",{"$nulls":32},"False"]
[]
[{"$nulls":3},"Stavba:"]
[{"$nulls":4},{"$f":"'Rekapitulace stavby'!K6","v":"Standardizace konektivity Prvního českého gymnázia v Karlových Varech, p.o."}]
[{"$nulls":3},"Objekt:"]
[{"$nulls":4},"03 - Vedlejší a ostatní náklady"]
[]
[{"$nulls":3},"KSO:",null,"",null,null,"CC-CZ:",""]
[{"$nulls":3},"Místo:",null,"Národní 445/25, 360 01 Karlovy Vary",null,null,"Datum:",{"$f":"'Rekapitulace stavby'!AN8","v":"2024-06-17"}]
[]
[{"$nulls":3},"Zadavatel:",{"$nulls":4},"IČ:",""]
[{"$nulls":4},"První české gymnázium v Karlových Varech, p.o.",{"$nulls":3},"DIČ:",""]
[]
[{"$nulls":3},"Účastník:",{"$nulls":4},"IČ:",{"$f":"'Rekapitulace stavby'!AN13","v":"04308697"}]
[{"$nulls":4},{"$f":"'Rekapitulace stavby'!E14","v":"Aricoma System a.s."},{"$nulls":3},"DIČ:",{"$f":"'Rekapitulace stavby'!AN14","v":"CZ04308697"}]
[]
[{"$nulls":3},"Projektant:",{"$nulls":4},"IČ:",{"$f":"IF('Rekapitulace stavby'!AN16=\"\",\"\",'Rekapitulace stavby'!AN16)","v":""}]
[{"$nulls":4},{"$f":"IF('Rekapitulace stavby'!E17=\"\",\"\",'Rekapitulace stavby'!E17)","v":" "},{"$nulls":3},"DIČ:",{"$f":"IF('Rekapitulace stavby'!AN17=\"\",\"\",'Rekapitulace stavby'!AN17)","v":""}]
[]
[{"$nulls":3},"Zpracovatel:",{"$nulls":4},"IČ:",{"$f":"IF('Rekapitulace stavby'!AN19=\"\",\"\",'Rekapitulace stavby'!AN19)","v":""}]
[{"$nulls":4},{"$f":"IF('Rekapitulace stavby'!E20=\"\",\"\",'Rekapitulace stavby'!E20)","v":" "},{"$nulls":3},"DIČ:",{"$f":"IF('Rekapitulace stavby'!AN20=\"\",\"\",'Rekapitulace stavby'!AN20)","v":""}]
[]
[{"$nulls":3},"Poznámka:"]
[{"$nulls":4},""]
[]
[]
[{"$nulls":3},"Cena bez DPH",{"$nulls":5},{"$f":"ROUND(J84, 2)","v":{"v":44445,"d":"44,445.00"}}]
[]
[{"$nulls":5},"Základ daně",null,null,"Sazba daně","Výše daně"]
[{"$nulls":3},"DPH","základní",{"$f":"ROUND((SUM(BE84:BE101)),  2)","v":{"v":44445,"d":"44,445.00"}},null,null,{"v":0.21,"d":"21.00%"},{"$f":"ROUND(((SUM(BE84:BE101))*I33),  2)","v":{"v":9333.45,"d":"9,333.45"}}]
[{"$nulls":4},"snížená",{"$f":"ROUND((SUM(BF84:BF101)),  2)","v":{"v":0,"d":"0.00"}},null,null,{"v":0.12,"d":"12.00%"},{"$f":"ROUND(((SUM(BF84:BF101))*I34),  2)","v":{"v":0,"d":"0.00"}}]
[{"$nulls":4},"zákl. přenesená",{"$f":"ROUND((SUM(BG84:BG101)),  2)","v":{"v":0,"d":"0.00"}},null,null,{"v":0.21,"d":"21.00%"},{"$f":"0","v":{"v":0,"d":"0.00"}}]
[{"$nulls":4},"sníž. přenesená",{"$f":"ROUND((SUM(BH84:BH101)),  2)","v":{"v":0,"d":"0.00"}},null,null,{"v":0.12,"d":"12.00%"},{"v":0,"d":"0.00"}]
[{"$nulls":4},"nulová",{"$f":"ROUND((SUM(BI84:BI101)),  2)","v":{"v":0,"d":"0.00"}},null,null,{"v":0,"d":"0.00%"},{"v":0,"d":"0.00"}]
[]
[{"$nulls":3},"Cena s DPH",null,null,"v","CZK",null,{"$f":"SUM(J30:J37)","v":{"v":53778.45,"d":"53,778.45"}}]
[]
[]
[]
[]
[]
[null,null,"REKAPITULACE ČLENĚNÍ SOUPISU PRACÍ"]
[]
[null,null,"Stavba:"]
[{"$nulls":4},{"$f":"E7","v":"Standardizace konektivity Prvního českého gymnázia v Karlových Varech, p.o."}]
[null,null,"Objekt:"]
[{"$nulls":4},{"$f":"E9","v":"03 - Vedlejší a ostatní náklady"}]
[]
[null,null,"Místo:",null,null,{"$f":"F12","v":"Národní 445/25, 360 01 Karlovy Vary"},null,null,"Datum:",{"$f":"IF(J12=\"\",\"\",J12)","v":"2024-06-17"}]
[]
[null,null,"Zadavatel:",null,null,{"$f":"E15","v":"První české gymnázium v Karlových Varech, p.o."},null,null,"Projektant:",{"$f":"E21","v":" "}]
[null,null,"Účastník:",null,null,{"$f":"IF(E18=\"\",\"\",E18)","v":"Aricoma System a.s."},null,null,"Zpracovatel:",{"$f":"E24","v":" "}]
[]
[null,null,"Kód dílu - Popis",{"$nulls":6},"Cena celkem [CZK]"]
[]
[null,null,"Náklady stavby celkem",{"$nulls":6},{"$f":"J84","v":{"v":44445,"d":"44,445.00"}},{"$nulls":36},"-1"]
[{"$nulls":3},"VRN - Vedlejší rozpočtové náklady",{"$nulls":5},{"v":44445,"d":"44,445.00"}]
[{"$nulls":3},"    VRN1 - Průzkumné, geodetické a projektové práce",{"$nulls":5},{"v":16667,"d":"16,667.00"}]
[{"$nulls":3},"    VRN4 - Inženýrská činnost",{"$nulls":5},{"$f":"J90","v":{"v":5556,"d":"5,556.00"}}]
[{"$nulls":3},"    VRN7 - Provozní vlivy",{"$nulls":5},{"$f":"J94","v":{"v":11111,"d":"11,111.00"}}]
[{"$nulls":3},"    VRN8 - Přesun stavebních kapacit",{"$nulls":5},{"$f":"J98","v":{"v":11111,"d":"11,111.00"}}]
[]
[]
[]
[]
[]
[]
[null,null,"SOUPIS PRACÍ"]
[]
[null,null,"Stavba:"]
[{"$nulls":4},{"$f":"E7","v":"Standardizace konektivity Prvního českého gymnázia v Karlových Varech, p.o."}]
[null,null,"Objekt:"]
[{"$nulls":4},{"$f":"E9","v":"03 - Vedlejší a ostatní náklady"}]
[]
[null,null,"Místo:",null,null,{"$f":"F12","v":"Národní 445/25, 360 01 Karlovy Vary"},null,null,"Datum:",{"$f":"IF(J12=\"\",\"\",J12)","v":"2024-06-17"}]
[]
[null,null,"Zadavatel:",null,null,{"$f":"E15","v":"První české gymnázium v Karlových Varech, p.o."},null,null,"Projektant:",{"$f":"E21","v":" "}]
[null,null,"Účastník:",null,null,{"$f":"IF(E18=\"\",\"\",E18)","v":"Aricoma System a.s."},null,null,"Zpracovatel:",{"$f":"E24","v":" "}]
[]
[null,null,"PČ","Typ","Kód","Popis","MJ","Množství","J.cena [CZK]","Cena celkem [CZK]","Cenová soustava",null,"","DPH","J. Nh [h]","Nh celkem [h]","J. hmotnost [t]","Hmotnost celkem [t]","J. suť [t]","Suť Celkem [t]"]
[null,null,"Náklady soupisu celkem",{"$nulls":6},{"$f":"BK84","v":{"v":44445,"d":"44,445.00"}},{"$nulls":5},{"$f":"P85","v":{"v":0,"d":"0.00000"}},null,{"$f":"R85","v":{"v":0,"d":"0.00000"}},null,{"$f":"T85","v":{"v":0,"d":"0.00000"}},{"$nulls":25},"D","-1",{"$nulls":15},{"$f":"BK85","v":{"v":44445,"d":"44,445.00"}}]
[{"$nulls":3},"D","VRN","Vedlejší rozpočtové náklady",{"$nulls":3},{"v":44445,"d":"44,445.00"},{"$nulls":5},{"$f":"P86+P90+P94+P98","v":{"v":0,"d":"0.00000"}},null,{"$f":"R86+R90+R94+R98","v":{"v":0,"d":"0.00000"}},null,{"$f":"T86+T90+T94+T98","v":{"v":0,"d":"0.00000"}},{"$nulls":23},"5",null,"D","0",{"$nulls":3},"ROZPOCET",{"$nulls":11},{"$f":"BK86+BK90+BK94+BK98","v":{"v":44445,"d":"44,445.00"}}]
[{"$nulls":3},"D","VRN1","Průzkumné, geodetické a projektové práce",{"$nulls":3},{"v":16667,"d":"16,667.00"},{"$nulls":5},{"$f":"SUM(P87:P89)","v":{"v":0,"d":"0.00000"}},null,{"$f":"SUM(R87:R89)","v":{"v":0,"d":"0.00000"}},null,{"$f":"SUM(T87:T89)","v":{"v":0,"d":"0.00000"}},{"$nulls":23},"5",null,"D","1",{"$nulls":3},"ROZPOCET",{"$nulls":11},{"$f":"SUM(BK87:BK89)","v":{"v":16667,"d":"16,667.00"}}]
[null,null,"1","K","013254000","Dokumentace skutečného provedení stavby","Kč",{"v":1,"d":"1.000"},{"v":16667,"d":"16,667.00"},{"$f":"ROUND(I87*H87,2)","v":{"v":16667,"d":"16,667.00"}},"CS ÚRS 2024 01",null,"","základní",null,{"$f":"O87*H87","v":{"v":0,"d":"0.00000"}},{"v":0,"d":"0.00000"},{"$f":"Q87*H87","v":{"v":0,"d":"0.00000"}},{"v":0,"d":"0.00000"},{"$f":"S87*H87","v":{"v":0,"d":"0.00000"}},{"$nulls":23},"4",null,"K","2",{"$nulls":3},"ROZPOCET",{"$nulls":5},{"$f":"IF(N87=\"základní\",J87,0)","v":{"v":16667,"d":"16,667.00"}},{"$f":"IF(N87=\"snížená\",J87,0)","v":{"v":0,"d":"0.00"}},{"$f":"IF(N87=\"zákl. přenesená\",J87,0)","v":{"v":0,"d":"0.00"}},{"$f":"IF(N87=\"sníž. přenesená\",J87,0)","v":{"v":0,"d":"0.00"}},{"$f":"IF(N87=\"nulová\",J87,0)","v":{"v":0,"d":"0.00"}},"1",{"$f":"ROUND(I87*H87,2)","v":{"v":16667,"d":"16,667.00"}},"4","-1197081533"]
[{"$nulls":3},"PP",null,"Dokumentace skutečného provedení stavby",{"$nulls":39},"PP","2"]
[{"$nulls":3},"Online PSC",null,"https://podminky.urs.cz/item/CS_URS_2024_01/013254000",{"$nulls":39},"Online PSC","2"]
[{"$nulls":3},"D","VRN4","Inženýrská činnost",{"$nulls":3},{"$f":"BK90","v":{"v":5556,"d":"5,556.00"}},{"$nulls":5},{"$f":"SUM(P91:P93)","v":{"v":0,"d":"0.00000"}},null,{"$f":"SUM(R91:R93)","v":{"v":0,"d":"0.00000"}},null,{"$f":"SUM(T91:T93)","v":{"v":0,"d":"0.00000"}},{"$nulls":23},"5",null,"D","1",{"$nulls":3},"ROZPOCET",{"$nulls":11},{"$f":"SUM(BK91:BK93)","v":{"v":5556,"d":"5,556.00"}}]
[null,null,"2","K","045002000","Kompletační a koordinační činnost","Kč",{"v":1,"d":"1.000"},{"v":5556,"d":"5,556.00"},{"$f":"ROUND(I91*H91,2)","v":{"v":5556,"d":"5,556.00"}},"CS ÚRS 2024 01",null,"","základní",null,{"$f":"O91*H91","v":{"v":0,"d":"0.00000"}},{"v":0,"d":"0.00000"},{"$f":"Q91*H91","v":{"v":0,"d":"0.00000"}},{"v":0,"d":"0.00000"},{"$f":"S91*H91","v":{"v":0,"d":"0.00000"}},{"$nulls":23},"4",null,"K","2",{"$nulls":3},"ROZPOCET",{"$nulls":5},{"$f":"IF(N91=\"základní\",J91,0)","v":{"v":5556,"d":"5,556.00"}},{"$f":"IF(N91=\"snížená\",J91,0)","v":{"v":0,"d":"0.00"}},{"$f":"IF(N91=\"zákl. přenesená\",J91,0)","v":{"v":0,"d":"0.00"}},{"$f":"IF(N91=\"sníž. přenesená\",J91,0)","v":{"v":0,"d":"0.00"}},{"$f":"IF(N91=\"nulová\",J91,0)","v":{"v":0,"d":"0.00"}},"1",{"$f":"ROUND(I91*H91,2)","v":{"v":5556,"d":"5,556.00"}},"4","163351675"]
[{"$nulls":3},"PP",null,"Kompletační a koordinační činnost",{"$nulls":39},"PP","2"]
[{"$nulls":3},"Online PSC",null,"https://podminky.urs.cz/item/CS_URS_2024_01/045002000",{"$nulls":39},"Online PSC","2"]
[{"$nulls":3},"D","VRN7","Provozní vlivy",{"$nulls":3},{"$f":"BK94","v":{"v":11111,"d":"11,111.00"}},{"$nulls":5},{"$f":"SUM(P95:P97)","v":{"v":0,"d":"0.00000"}},null,{"$f":"SUM(R95:R97)","v":{"v":0,"d":"0.00000"}},null,{"$f":"SUM(T95:T97)","v":{"v":0,"d":"0.00000"}},{"$nulls":23},"5",null,"D","1",{"$nulls":3},"ROZPOCET",{"$nulls":11},{"$f":"SUM(BK95:BK97)","v":{"v":11111,"d":"11,111.00"}}]
[null,null,"3","K","071002000","Provoz investora, třetích osob","Kč",{"v":1,"d":"1.000"},{"v":11111,"d":"11,111.00"},{"$f":"ROUND(I95*H95,2)","v":{"v":11111,"d":"11,111.00"}},"CS ÚRS 2024 01",null,"","základní",null,{"$f":"O95*H95","v":{"v":0,"d":"0.00000"}},{"v":0,"d":"0.00000"},{"$f":"Q95*H95","v":{"v":0,"d":"0.00000"}},{"v":0,"d":"0.00000"},{"$f":"S95*H95","v":{"v":0,"d":"0.00000"}},{"$nulls":23},"4",null,"K","2",{"$nulls":3},"ROZPOCET",{"$nulls":5},{"$f":"IF(N95=\"základní\",J95,0)","v":{"v":11111,"d":"11,111.00"}},{"$f":"IF(N95=\"snížená\",J95,0)","v":{"v":0,"d":"0.00"}},{"$f":"IF(N95=\"zákl. přenesená\",J95,0)","v":{"v":0,"d":"0.00"}},{"$f":"IF(N95=\"sníž. přenesená\",J95,0)","v":{"v":0,"d":"0.00"}},{"$f":"IF(N95=\"nulová\",J95,0)","v":{"v":0,"d":"0.00"}},"1",{"$f":"ROUND(I95*H95,2)","v":{"v":11111,"d":"11,111.00"}},"4","388507488"]
[{"$nulls":3},"PP",null,"Provoz investora, třetích osob",{"$nulls":39},"PP","2"]
[{"$nulls":3},"Online PSC",null,"https://podminky.urs.cz/item/CS_URS_2024_01/071002000",{"$nulls":39},"Online PSC","2"]
[{"$nulls":3},"D","VRN8","Přesun stavebních kapacit",{"$nulls":3},{"$f":"BK98","v":{"v":11111,"d":"11,111.00"}},{"$nulls":5},{"$f":"SUM(P99:P101)","v":{"v":0,"d":"0.00000"}},null,{"$f":"SUM(R99:R101)","v":{"v":0,"d":"0.00000"}},null,{"$f":"SUM(T99:T101)","v":{"v":0,"d":"0.00000"}},{"$nulls":23},"5",null,"D","1",{"$nulls":3},"ROZPOCET",{"$nulls":11},{"$f":"SUM(BK99:BK101)","v":{"v":11111,"d":"11,111.00"}}]
[null,null,"4","K","081002000","Doprava zaměstnanců","Kč",{"v":1,"d":"1.000"},{"v":11111,"d":"11,111.00"},{"$f":"ROUND(I99*H99,2)","v":{"v":11111,"d":"11,111.00"}},"CS ÚRS 2024 01",null,"","základní",null,{"$f":"O99*H99","v":{"v":0,"d":"0.00000"}},{"v":0,"d":"0.00000"},{"$f":"Q99*H99","v":{"v":0,"d":"0.00000"}},{"v":0,"d":"0.00000"},{"$f":"S99*H99","v":{"v":0,"d":"0.00000"}},{"$nulls":23},"4",null,"K","2",{"$nulls":3},"ROZPOCET",{"$nulls":5},{"$f":"IF(N99=\"základní\",J99,0)","v":{"v":11111,"d":"11,111.00"}},{"$f":"IF(N99=\"snížená\",J99,0)","v":{"v":0,"d":"0.00"}},{"$f":"IF(N99=\"zákl. přenesená\",J99,0)","v":{"v":0,"d":"0.00"}},{"$f":"IF(N99=\"sníž. přenesená\",J99,0)","v":{"v":0,"d":"0.00"}},{"$f":"IF(N99=\"nulová\",J99,0)","v":{"v":0,"d":"0.00"}},"1",{"$f":"ROUND(I99*H99,2)","v":{"v":11111,"d":"11,111.00"}},"4","136224637"]
[{"$nulls":3},"PP",null,"Doprava zaměstnanců",{"$nulls":39},"PP","2"]
[{"$nulls":3},"Online PSC",null,"https://podminky.urs.cz/item/CS_URS_2024_01/081002000",{"$nulls":39},"Online PSC","2"]

{"sheet":"Pokyny pro vyplnění","index":4,"n_rows":218,"n_cols":10,"rows_kept":218,"merged":[[2,2,2,9],[3,2,3,9],[5,2,5,9],[6,2,6,9],[8,2,8,9],[9,3,9,9],[10,3,10,9],[14,3,14,9],[15,3,15,9],[16,3,16,9],[17,5,17,9],[18,5,18,9],[19,5,19,9],[20,5,20,9],[21,5,21,9],[22,5,22,9],[24,2,24,9],[25,2,25,9],[26,3,26,9],[27,3,27,9],[29,3,29,9],[30,3,30,9],[32,3,32,9],[33,3,33,9],[34,3,34,9],[35,6,35,9],[36,6,36,9],[37,6,37,9],[38,6,38,9],[39,6,39,9],[40,6,40,9],[41,6,41,9],[42,6,42,9],[43,6,43,9],[44,6,44,9],[46,3,46,9],[47,4,47,9],[48,4,48,9],[49,4,49,9],[50,3,50,9],[51,2,51,9],[53,2,53,9],[54,2,54,9],[56,2,56,9],[57,3,57,9],[58,3,58,9],[59,3,59,9],[60,3,60,9],[61,3,61,9],[62,3,62,9],[64,3,64,9],[65,3,65,9],[66,3,66,9],[67,3,67,9],[68,3,68,9],[69,3,69,9],[74,2,74,9],[101,2,101,9],[121,2,121,9],[146,2,146,9],[164,2,164,9],[199,2,199,9],[200,7,200,9],[202,7,202,9],[203,7,203,9],[204,7,204,9],[205,7,205,9],[206,7,206,9],[208,7,208,9],[209,7,209,9],[210,7,210,9],[211,7,211,9],[212,7,212,9],[214,7,214,9],[215,7,215,9],[216,7,216,9],[217,7,217,9]]}
[]
[]
[null,null,"Struktura údajů, formát souboru a metodika pro zpracování"]
[null,null,"Struktura"]
[]
[null,null,"Soubor je složen ze záložky Rekapitulace stavby a záložek s názvem soupisu prací pro jednotlivé objekty ve formátu XLSX. Každá ze záložek přitom obsahuje"]
[null,null,"ještě samostatné sestavy vymezené orámovaním a nadpisem sestavy."]
[]
[null,null,"Rekapitulace stavby obsahuje sestavu Rekapitulace stavby a Rekapitulace objektů stavby a soupisů prací."]
[{"$nulls":3},"V sestavě Rekapitulace stavby jsou uvedeny informace identifikující předmět veřejné zakázky na stavební práce, KSO, CC-CZ, CZ-CPV, CZ-CPA a rekapitulaci "]
[{"$nulls":3},"celkové nabídkové ceny účastníka."]
[]
[{"$nulls":3},"Termínem \"učastník\" (resp. zhotovitel) se myslí \"účastník zadávacího řízení\" ve smyslu zákona o zadávání veřejných zakázek. "]
[]
[{"$nulls":3},"V sestavě Rekapitulace objektů stavby a soupisů prací je uvedena rekapitulace stavebních objektů, inženýrských objektů, provozních souborů,"]
[{"$nulls":3},"vedlejších a ostatních nákladů a ostatních nákladů s rekapitulací nabídkové ceny za jednotlivé soupisy prací. Na základě údaje Typ je možné"]
[{"$nulls":3},"identifikovat, zda se jedná o objekt nebo soupis prací pro daný objekt:"]
[{"$nulls":4},"STA","Stavební objekt pozemní"]
[{"$nulls":4},"ING","Stavební objekt inženýrský"]
[{"$nulls":4},"PRO","Provozní soubor"]
[{"$nulls":4},"VON","Vedlejší a ostatní náklady"]
[{"$nulls":4},"OST","Ostatní"]
[{"$nulls":4},"Soupis","Soupis prací pro daný typ objektu"]
[]
[null,null,"Soupis prací pro jednotlivé objekty obsahuje sestavy Krycí list soupisu prací, Rekapitulace členění soupisu prací, Soupis prací. Za soupis prací může být považován"]
[null,null,"i objekt stavby v případě, že neobsahuje podřízenou zakázku."]
[{"$nulls":3},"Krycí list soupisu obsahuje rekapitulaci informací o předmětu veřejné zakázky ze sestavy Rekapitulace stavby, informaci o zařazení objektu do KSO, "]
[{"$nulls":3},"CC-CZ, CZ-CPV, CZ-CPA a rekapitulaci celkové nabídkové ceny účastníka za aktuální soupis prací."]
[]
[{"$nulls":3},"Rekapitulace členění soupisu prací obsahuje rekapitulaci soupisu prací ve všech úrovních členění soupisu tak, jak byla tato členění použita (např. "]
[{"$nulls":3},"stavební díly, funkční díly, případně jiné členění) s rekapitulací nabídkové ceny."]
[]
[{"$nulls":3},"Soupis prací obsahuje položky veškerých stavebních nebo montážních prací, dodávek materiálů a služeb nezbytných pro zhotovení stavebního objektu,"]
[{"$nulls":3},"inženýrského objektu, provozního souboru, vedlejších a ostatních nákladů."]
[{"$nulls":3},"Pro položky soupisu prací se zobrazují následující informace:"]
[{"$nulls":4},"PČ",null,"Pořadové číslo položky v aktuálním soupisu"]
[{"$nulls":4},"TYP",null,"Typ položky: K - konstrukce, M - materiál, PP - plný popis, PSC - poznámka k souboru cen,  P - poznámka k položce, VV - výkaz výměr, FIG - rozpad figur"]
[{"$nulls":4},"Kód",null,"Kód položky"]
[{"$nulls":4},"Popis",null,"Zkrácený popis položky"]
[{"$nulls":4},"MJ",null,"Měrná jednotka položky"]
[{"$nulls":4},"Množství",null,"Množství v měrné jednotce"]
[{"$nulls":4},"J.cena",null,"Jednotková cena položky. Zadaní může obsahovat namísto J.ceny sloupce J.materiál a J.montáž, jejichž součet definuje "]
[{"$nulls":6},"J.cenu položky."]
[{"$nulls":4},"Cena celkem ",null,"Celková cena položky daná jako součin množství a j.ceny"]
[{"$nulls":4},"Cenová soustava",null,"Příslušnost položky do cenové soustavy"]
[]
[{"$nulls":3},"Ke každé položce soupisu prací se na samostatných řádcích může zobrazovat:"]
[{"$nulls":4},"Plný popis položky"]
[{"$nulls":4},"Poznámka k souboru cen a poznámka zadavatele"]
[{"$nulls":4},"Výkaz výměr"]
[{"$nulls":3},"Pokud je k řádku výkazu výměr evidovaný údaj ve sloupci Kód, jedná se o definovaný odkaz, na který se může odvolávat výkaz výměr z jiné položky."]
[null,null,"Metodika pro zpracování "]
[]
[null,null,"Jednotlivé sestavy jsou v souboru provázány. Editovatelné pole jsou zvýrazněny žlutým podbarvením, ostatní pole neslouží k editaci a nesmí být jakkoliv"]
[null,null,"modifikovány."]
[]
[null,null,"Účastník je pro podání nabídky povinen vyplnit žlutě podbarvená pole: "]
[{"$nulls":3},"Pole Účastník v sestavě Rekapitulace stavby - zde účastník vyplní svůj název (název subjektu) "]
[{"$nulls":3},"Pole IČ a DIČ v sestavě Rekapitulace stavby - zde účastník vyplní svoje IČ a DIČ"]
[{"$nulls":3},"Datum v sestavě Rekapitulace stavby - zde účastník vyplní datum vytvoření nabídky"]
[{"$nulls":3},"J.cena = jednotková cena v sestavě Soupis prací o maximálním počtu desetinných míst uvedených v poli"]
[{"$nulls":3},"- pokud sestavy soupisů prací obsahují pole J.cena, měla by být všechna tato pole vyplněna nenulovými"]
[{"$nulls":3},"Poznámka - nepovinný údaj pro položku soupisu"]
[]
[{"$nulls":3},"V případě, že sestavy soupisů prací neobsahují pole J.cena, potom ve všech soupisech prací obsahují pole:"]
[{"$nulls":3}," - J.materiál - jednotková cena materiálu "]
[{"$nulls":3}," - J.montáž - jednotková cena montáže"]
[{"$nulls":3},"Účastník v tomto případě by měl vyplnit všechna pole J.materiál a pole J.montáž nenulovými kladnými číslicemi. V případech, kdy položka"]
[{"$nulls":3},"neobsahuje žádný materiál je přípustné, aby pole J.materiál bylo vyplněno nulou. V případech, kdy položka neobsahuje žádnou montáž je přípustné,"]
[{"$nulls":3},"aby pole J.montáž bylo vyplněno nulou. Obě pole - J.materiál, J.Montáž u jedné položky by však neměly být vyplněny nulou."]
[]
[]
[]
[]
[null,null,"Rekapitulace stavby"]
[null,null,"Název",null,null,"Povinný",null,"Popis","Typ","Max. počet"]
[null,null,"atributu",null,null,"(A/N)",{"$nulls":3},"znaků"]
[]
[null,null,"Kód",null,null,"A",null,"Kód stavby","String",20]
[null,null,"Stavba",null,null,"A",null,"Název stavby","String",120]
[null,null,"Místo",null,null,"N",null,"Místo stavby","String",50]
[null,null,"Datum",null,null,"A",null,"Datum vykonaného exportu","Date"]
[null,null,"KSO",null,null,"N",null,"Klasifikace stavebního objektu","String",15]
[null,null,"CC-CZ",null,null,"N",null,"Klasifikace stavbeních děl","String",15]
[null,null,"CZ-CPV",null,null,"N",null,"Společný slovník pro veřejné zakázky","String",20]
[null,null,"CZ-CPA",null,null,"N",null,"Klasifikace produkce podle činností","String",20]
[null,null,"Zadavatel",null,null,"N",null,"Zadavatel zadaní","String",50]
[null,null,"IČ",null,null,"N",null,"IČ zadavatele zadaní","String",20]
[null,null,"DIČ",null,null,"N",null,"DIČ zadavatele zadaní","String",20]
[null,null,"Účastník",null,null,"N",null,"Účastník veřejné zakázky","String",50]
[null,null,"Projektant",null,null,"N",null,"Projektant","String",50]
[null,null,"Poznámka",null,null,"N",null,"Poznámka k zadání","String",255]
[null,null,"Sazba DPH",null,null,"A",null,"Rekapitulace sazeb DPH u položek soupisů","eGSazbaDph"]
[null,null,"Základna DPH",null,null,"A",null,"Základna DPH určena součtem celkové ceny z položek soupisů","Double"]
[null,null,"Hodnota DPH",null,null,"A",null,"Hodnota DPH","Double"]
[null,null,"Cena bez DPH",null,null,"A",null,"Celková cena bez DPH za celou stavbu. Sčítává se ze všech listů.","Double"]
[null,null,"Cena s DPH",null,null,"A",null,"Celková cena s DPH za celou stavbu","Double"]
[]
[]
[]
[]
[null,null,"Rekapitulace objektů stavby a soupisů prací"]
[null,null,"Název",null,null,"Povinný",null,"Popis","Typ","Max. počet"]
[null,null,"atributu",null,null,"(A/N)",{"$nulls":3},"znaků"]
[]
[null,null,"Kód",null,null,"A",null,"Přebírá se z Rekapitulace stavby","String",20]
[null,null,"Stavba",null,null,"A",null,"Přebírá se z Rekapitulace stavby","String",120]
[null,null,"Místo",null,null,"N",null,"Přebírá se z Rekapitulace stavby","String",50]
[null,null,"Datum",null,null,"A",null,"Přebírá se z Rekapitulace stavby","Date"]
[null,null,"Zadavatel",null,null,"N",null,"Přebírá se z Rekapitulace stavby","String",50]
[null,null,"Projektant",null,null,"N",null,"Přebírá se z Rekapitulace stavby","String",50]
[null,null,"Účastník",null,null,"N",null,"Přebírá se z Rekapitulace stavby","String",50]
[null,null,"Kód",null,null,"A",null,"Kód objektu","String",20]
[null,null,"Objektu, Soupis prací",null,null,"A",null,"Název objektu","String",120]
[null,null,"Cena bez DPH",null,null,"A",null,"Cena bez DPH za daný objekt","Double"]
[null,null,"Cena s DPH",null,null,"A",null,"Cena spolu s DPH za daný objekt","Double"]
[null,null,"Typ",null,null,"A",null,"Typ zakázky","eGTypZakazky"]
[]
[]
[]
[]
[null,null,"Krycí list soupisu"]
[null,null,"Název",null,null,"Povinný",null,"Popis","Typ","Max. počet"]
[null,null,"atributu",null,null,"(A/N)",{"$nulls":3},"znaků"]
[]
[null,null,"Stavba",null,null,"A",null,"Přebírá se z Rekapitulace stavby","String",120]
[null,null,"Objekt",null,null,"A",null,"Kód a název objektu","String","20 + 120"]
[null,null,"Soupis",null,null,"A",null,"Kód a název soupisu","String","20 + 120"]
[null,null,"KSO",null,null,"N",null,"Klasifikace stavebního objektu","String",15]
[null,null,"CC-CZ",null,null,"N",null,"Klasifikace stavbeních děl","String",15]
[null,null,"CZ-CPV",null,null,"N",null,"Společný slovník pro veřejné zakázky","String",20]
[null,null,"CZ-CPA",null,null,"N",null,"Klasifikace produkce podle činností","String",20]
[null,null,"Místo",null,null,"N",null,"Přebírá se z Rekapitulace stavby","String",50]
[null,null,"Zadavatel",null,null,"N",null,"Přebírá se z Rekapitulace stavby","String",50]
[null,null,"Účastník",null,null,"N",null,"Přebírá se z Rekapitulace stavby","String",50]
[null,null,"Projektant",null,null,"N",null,"Přebírá se z Rekapitulace stavby","String",50]
[null,null,"Poznámka",null,null,"N",null,"Poznámka k soupisu prací","String",255]
[null,null,"Sazba DPH",null,null,"A",null,"Rekapitulace sazeb DPH na položkách aktuálního soupisu","eGSazbaDph"]
[null,null,"Základna DPH",null,null,"A",null,"Základna DPH určena součtem celkové ceny z položek aktuálního soupisu","Double"]
[null,null,"Hodnota DPH",null,null,"A",null,"Hodnota DPH","Double"]
[null,null,"Cena bez DPH",null,null,"A",null,"Cena bez DPH za daný soupis","Double"]
[null,null,"Cena s DPH",null,null,"A",null,"Cena s DPH za daný soupis","Double"]
[]
[]
[]
[]
[null,null,"Rekapitulace členění soupisu prací"]
[null,null,"Název",null,null,"Povinný",null,"Popis","Typ","Max. počet"]
[null,null,"atributu",null,null,"(A/N)",{"$nulls":3},"znaků"]
[]
[null,null,"Stavba",null,null,"A",null,"Přebírá se z Rekapitulace stavby","String",120]
[null,null,"Objekt",null,null,"A",null,"Kód a název objektu, přebírá se z Krycího listu soupisu","String","20 + 120"]
[null,null,"Soupis",null,null,"A",null,"Kód a název objektu, přebírá se z Krycího listu soupisu","String","20 + 120"]
[null,null,"Místo",null,null,"N",null,"Přebírá se z Rekapitulace stavby","String",50]
[null,null,"Datum",null,null,"A",null,"Přebírá se z Rekapitulace stavby","Date"]
[null,null,"Zadavatel",null,null,"N",null,"Přebírá se z Rekapitulace stavby","String",50]
[null,null,"Projektant",null,null,"N",null,"Přebírá se z Rekapitulace stavby","String",50]
[null,null,"Účastník",null,null,"N",null,"Přebírá se z Rekapitulace stavby","String",50]
[null,null,"Kód dílu - Popis",null,null,"A",null,"Kód a název dílu ze soupisu","String","20 + 100"]
[null,null,"Cena celkem",null,null,"A",null,"Cena celkem za díl ze soupisu","Double"]
[]
[]
[]
[]
[null,null,"Soupis prací"]
[null,null,"Název",null,null,"Povinný",null,"Popis","Typ","Max. počet"]
[null,null,"atributu",null,null,"(A/N)",{"$nulls":3},"znaků"]
[]
[null,null,"Stavba",null,null,"A",null,"Přebírá se z Rekapitulace stavby","String",120]
[null,null,"Objekt",null,null,"A",null,"Kód a název objektu","String","20 + 120"]
[null,null,"Soupis",null,null,"A",null,"Přebírá se z Krycího listu soupisu","String","20 + 120"]
[null,null,"Místo",null,null,"N",null,"Přebírá se z Krycího listu soupisu","String",50]
[null,null,"Datum",null,null,"A",null,"Přebírá se z Krycího listu soupisu","Date"]
[null,null,"Zadavatel",null,null,"N",null,"Přebírá se z Krycího listu soupisu","String",50]
[null,null,"Projektant",null,null,"N",null,"Přebírá se z Krycího listu soupisu","String",50]
[null,null,"Účastník",null,null,"N",null,"Přebírá se z Krycího listu soupisu","String",50]
[null,null,"PČ",null,null,"A",null,"Pořadové číslo položky soupisu","Long"]
[null,null,"Typ",null,null,"A",null,"Typ položky soupisu","eGTypPolozky",1]
[null,null,"Kód",null,null,"A",null,"Kód položky ze soupisu","String",20]
[null,null,"Popis",null,null,"A",null,"Popis položky ze soupisu","String",255]
[null,null,"MJ",null,null,"A",null,"Měrná jednotka položky","String",10]
[null,null,"Množství",null,null,"A",null,"Množství položky soupisu","Double"]
[null,null,"J.Cena",null,null,"A",null,"Jednotková cena položky","Double"]
[null,null,"Cena celkem",null,null,"A",null,"Cena celkem vyčíslena jako J.Cena * Množství","Double"]
[null,null,"Cenová soustava",null,null,"N",null,"Zařazení položky do cenové soustavy","String",50]
[null,null,"p",null,null,"N",null,"Poznámka položky ze soupisu","Memo"]
[null,null,"psc",null,null,"N",null,"Poznámka k souboru cen ze soupisu","Memo"]
[null,null,"pp",null,null,"N",null,"Plný popis položky ze soupisu","Memo"]
[null,null,"vv",null,null,"N",null,"Výkaz výměr (figura, výraz, výměra) ze soupisu","Text,Text,Double","20, 150"]
[null,null,"fig",null,null,"N",null,"Rozpad figur","Text,Text,Double","20, 150"]
[null,null,"DPH",null,null,"A",null,"Sazba DPH pro položku","eGSazbaDPH"]
[null,null,"Hmotnost",null,null,"A",null,"Hmotnost položky ze soupisu","Double"]
[null,null,"Suť",null,null,"A",null,"Suť položky ze soupisu","Double"]
[null,null,"Nh",null,null,"N",null,"Normohodiny položky ze soupisu","Double"]
[]
[]
[]
[]
[]
[null,null,"Datová věta"]
[null,null,"Typ věty",null,null,"Hodnota",null,"Význam"]
[]
[null,null,"eGSazbaDPH",null,null,"základní",null,"Základní sazba DPH"]
[{"$nulls":5},"snížená",null,"Snížená sazba DPH"]
[{"$nulls":5},"nulová",null,"Nulová sazba DPH"]
[{"$nulls":5},"zákl. přenesená",null,"Základní sazba DPH přenesená"]
[{"$nulls":5},"sníž. přenesená",null,"Snížená sazba DPH přenesená"]
[]
[null,null,"eGTypZakazky",null,null,"STA",null,"Stavební objekt"]
[{"$nulls":5},"PRO",null,"Provozní soubor"]
[{"$nulls":5},"ING",null,"Inženýrský objekt"]
[{"$nulls":5},"VON",null,"Vedlejší a ostatní náklady"]
[{"$nulls":5},"OST",null,"Ostatní náklady"]
[]
[null,null,"eGTypPolozky",null,null,1,null,"Položka typu HSV"]
[{"$nulls":5},2,null,"Položka typu PSV"]
[{"$nulls":5},3,null,"Položka typu M"]
[{"$nulls":5},4,null,"Položka typu OST"]